{"text_format":"3","workbook":"xls","n_sheets":3,"sheets":["后勤物品","全年明细表","年度明细表"],"not_rendered":{"images":141,"external_links":1,"defined_names":7},"read":"whole","date_system":"1900","formulas":"cached_only"}

{"sheet":"后勤物品","index":0,"n_rows":82,"n_cols":8,"rows_kept":82,"flags":["formulas_cached_only"]}
["序号","名称","规格型号","汇总数量","单位","参考图片","备注","配置标准"]
[1,"抽纸","型号：V2182；中号抽纸（48包/箱）；150抽/包；三层；153mm*195mm/张",66,"箱","=DISPIMG(\"ID_40232EC8CA7D48B097FE22D6C884ABAF\",1)"]
[2,"盒装面巾纸","200抽/盒；二层；36盒/箱",30,"箱","=DISPIMG(\"ID_02D754DB5CC543CB955F21FD2680713E\",1)"]
[3,"擦手纸","200抽；三层超韧；20包/箱",40,"箱","=DISPIMG(\"ID_174F5673BC9B4F738B6250DF41D8FD58\",1)"]
[4,"大卷纸","JX003-12B;850克/卷;12卷一箱",40,"箱","=DISPIMG(\"ID_C9A31B9BC7A046498A7532F106C806DE\",1)"]
[5,"手帕纸","4层；8张；36包/一件",10,"件","=DISPIMG(\"ID_3D96B3D8F1C244DB8ABABFE70C5F03F6\",1)"]
[6,"厨房用纸","80抽*12包",20,"件","=DISPIMG(\"ID_75F28501181E459FBA3B5528BA9A8AAF\",1)"]
[7,"湿纸巾","180x180mm；10片/包；独立包装",20,"包","=DISPIMG(\"ID_299F695720FA46D3B63E9000F43A6C8E\",1)"]
[8,"一次性餐盒","可降解；6格；1400ml；带盖",600,"个","=DISPIMG(\"ID_7522AC4473564E75875227EC8ACC3296\",1)"]
[9,"一次性打包盒","可降解；1000ml；带盖",1000,"个","=DISPIMG(\"ID_835611E03232468A9D9E7B0624887E8B\",1)"]
[10,"一次性汤盒","可降解；500ml；带盖",1000,"个","=DISPIMG(\"ID_E0A75495BF5A4C4F9639F8E1BCE5E753\",1)"]
[11,"打包袋","可降解；背心款；透明白色；30cm*40cm",2000,"个","=DISPIMG(\"ID_D5AE1012A0754A49BEABDD2FF7B521A8\",1)"]
[12,"筷子","耐高温；黑色合金筷；一包10双",20,"包","=DISPIMG(\"ID_76C8B316D17241919F0EC0AE24D7A80E\",1)"]
[13,"一次性杯子","60只装；竹纤维；230ml",408,"包","=DISPIMG(\"ID_6F06A38E16054B30A6F8404B442BFF89\",1)"]
[14,"酒精","75%酒精；喷雾；500ml",21,"支","=DISPIMG(\"ID_4F0D0686CC92418280FDD977E83F9C40\",1)"]
[15,"洗手液","300g；抑菌泡沫洗手液",200,"支","=DISPIMG(\"ID_E584A524AEE049728277503305B53A32\",1)"]
[16,"洗洁精","20KG",50,"桶","=DISPIMG(\"ID_DC776416839D438FB2642256DEC81294\",1)",null,"按现时使用每周大约1桶，全年预多2桶后备，合计50桶。"]
[17,"杀虫剂喷雾","600ml；无香",5,"瓶","=DISPIMG(\"ID_4284D50FFF6B41F680992AE56A818194\",1)"]
[18,"碧丽珠","330ml",10,"瓶","=DISPIMG(\"ID_14C21FB943BC4256A686A18578267BC2\",1)"]
[19,"威猛先生洁厕灵","600g；含84精华",10,"支","=DISPIMG(\"ID_F64D3578C08F41F8BF7E0B9DD7F8258B\",1)"]
[20,"下水道疏通剂","500g",10,"支","=DISPIMG(\"ID_7BDF3C083E1F4A8FA97A14D04755F9DF\",1)"]
[21,"油污净","500g以上",10,"支","=DISPIMG(\"ID_AE021ED74C824608AF14AD7E76E415C5\",1)"]
[22,"金宝钟绿水","1升",10,"支","=DISPIMG(\"ID_DFCB07D0C23946D89544EE9231205263\",1)"]
[23,"消毒液","1.2L；杀菌99.999%",50,"瓶","=DISPIMG(\"ID_41D0CB682C7D47DFA620335D2231271B\",1)"]
[24,"玻璃水","500ml；有喷头",30,"瓶","=DISPIMG(\"ID_39F96ECABF294DADBF0DCA88673F32AA\",1)"]
[25,"雨伞","32寸安全开关直骨伞；190深蓝色黑胶布；印刷白色字体;纽扣式",30,"把","=DISPIMG(\"ID_E9207D438068466984E4392C68F11D5D\",1)","具体款式请找甲方确认"]
[26,"厨师帽","白色；透气松紧网帽",12,"顶","=DISPIMG(\"ID_228C0528B26645FDADE1EEDF8B1542FB\",1)",null,"食堂共6人，每半年更换一次。"]
[27,"厨师服","短袖；白色；双排扣",24,"件","=DISPIMG(\"ID_B4A17A90EE0A459EB419C2C36F08A12B\",1)","厨师厨工定期替换","食堂共6人，每季度更换一次。"]
[28,"保洁服","立领；米白；短袖",4,"件","=DISPIMG(\"ID_60B87F4794724886BBECB81A8AB56806\",1)",null,"清洁工共4人，保洁服每年更换一次"]
[29,"尿斗香块","120g/块",100,"块","=DISPIMG(\"ID_212DDF5E509945EDA256BF71F1D7F176\",1)"]
[30,"竹扫把","150cm*60cm",4,"把","=DISPIMG(\"ID_7527462BFC08407DBC2E058CED30EF38\",1)"]
[31,"刮水拖把","50cm多功能使用",2,"个","=DISPIMG(\"ID_C947A94662AC4479BA9285C2DBED38C3\",1)"]
[32,"一次性马桶刷拖把","1杆+12只刷头",5,"个","=DISPIMG(\"ID_E4A692BA3C504CAA819438D30716D3F5\",1)"]
[33,"V型地缝刷",null,2,"把","=DISPIMG(\"ID_FCD5EE65D70B4994BBFE5A549C1325BF\",1)"]
[34,"洗锅刷","长100\rcm以上",4,"个","=DISPIMG(\"ID_F86FBA057F374173AC2715EEE2ECB636\",1)"]
[35,"海绵擦","80片/包",20,"箱","=DISPIMG(\"ID_F95B8C0EE7E0496CAF17F89389947374\",1)"]
[36,"百洁布","天然木浆棉百洁布5片装",50,"块","=DISPIMG(\"ID_026498000D314128BD52149072FCBA9F\",1)"]
[37,"丝瓜络",null,30,"块","=DISPIMG(\"ID_9FB58480F069497CB4B6D532CB756E3B\",1)"]
[38,"飘逸壶","1升",12,"个","=DISPIMG(\"ID_BBA269F03F764141BC4A09FD3C4761F8\",1)"]
[39,"分类垃圾桶","不锈钢；大号脚踏带盖；18L；其他垃圾+可回收物",2,"个","=DISPIMG(\"ID_3D11EE6A5A0B4C79AD28756B272F9B80\",1)"]
[40,"塑料周转箱","收纳箱物料盒收纳盒 蓝色650*400*150",10,"个","=DISPIMG(\"ID_31E88D4A1C7848E58B609FA29A5C6BC7\",1)"]
[41,"金橡牌水鞋","鞋底：牛筋大底；内里：透气棉布；材质：PVC",6,"双","=DISPIMG(\"ID_7397244FEE5E4B2988ABCD9AF8B7F829\",1)",null,"食堂共6人，按每年一双配置。"]
[42,"小垃圾袋","手提式；加厚；黑色背心带；32*52cm；50个",400,"扎","=DISPIMG(\"ID_9331AEE5DE74418298E36750B1434B77\",1)"]
[43,"大垃圾袋","90*110cm；50个；加厚",100,"扎","=DISPIMG(\"ID_7F79FC7E2D9949D5ADD27A740628EFAB\",1)"]
[44,"中垃圾袋","70*83cm；加厚；50只装",100,"扎","=DISPIMG(\"ID_698EDA72F13441A59E42B50F504C2E41\",1)"]
[45,"食用小苏打粉","185g/瓶；清洁杯具用",5,"个","=DISPIMG(\"ID_97C60F47D23A48D3AD3E53D69CD491FB\",1)"]
[46,"食品留样盒","6格组合1800ml(配标签）",6,"个","=DISPIMG(\"ID_DCDFCCE1E7CA40D48B9DB2B8DC2F5F44\",1)"]
[47,"食品级手套","PVC；一次性；100只/盒；透明",15,"盒","=DISPIMG(\"ID_A56C8690DE0E402298C4EF7A0B0AF7A6\",1)"]
[48,"长手套","乳胶；特厚；95克",72,"对","=DISPIMG(\"ID_D6F0F81423E24DA183B4925AD3A8E92C\",1)",null,"食堂共6人，每月配置1双。"]
[49,"围裙","加厚；防水防油；透明",24,"条","=DISPIMG(\"ID_12412B96DFA840C38199B84D6086AECA\",1)",null,"食堂共6人，每季度配置1条。"]
[50,"餐夹","不锈钢；长度26cm，304不锈钢",6,"个","=DISPIMG(\"ID_065755AC955B4D13AC7D535CC7822F82\",1)"]
[51,"物斗","不锈钢304；长度16cm",100,"个","=DISPIMG(\"ID_6BDC7C5B72584CDE806A1F587269A3AB\",1)"]
[52,"毛巾","蓝色；35cm*70cm",70,"条","=DISPIMG(\"ID_7F691ADA04364E03AB59D95A8F413262\",1)"]
[53,"茶巾","30*30cm",5,"块","=DISPIMG(\"ID_AC7EB4C6F0ED4C70B63F83F3B7DA824F\",1)"]
[54,"保鲜膜","PVC材质 400m*45cm",20,"卷","=DISPIMG(\"ID_5101B2F94A724CED9D58717B1C520563\",1)"]
[55,"粘钩",null,69,"个","=DISPIMG(\"ID_C2B62555E6AA4F52986AC43A1C39912B\",1)"]
[56,"红地毯","长180cm*宽80cm；绒面",4,"张","=DISPIMG(\"ID_0CBC11CFF7484C4287DAC7264431BBFE\",1)","食堂使用","共两个门口，每半年更换一次"]
[57,"灰地垫","长180cm*宽80cm；加密胶圈",4,"张","=DISPIMG(\"ID_6CB91F3DA7184F3EBD4AC48F50A279FA\",1)","食堂使用","共两个门口，每半年更换一次"]
[58,"红地毯","红色绒面；300cm*180cm",2,"张","=DISPIMG(\"ID_0135E193BD44476B9D4B3094FFD9456A\",1)","本部门口","共一个门口，每半年更换一次"]
[59,"红地毯","红色绒面；240cm*120cm",2,"张","=DISPIMG(\"ID_0135E193BD44476B9D4B3094FFD9456A\",1)","过道","共一个斜坡过道，每半年更换一次"]
[60,"红地毯","红色绒面；长120cm*宽80cm",2,"张","=DISPIMG(\"ID_0135E193BD44476B9D4B3094FFD9456A\",1)","侧门","共2个侧门，每半年更换一次"]
[61,"灰地垫","灰色 加密胶圈长120cm*宽80cm",2,"张","=DISPIMG(\"ID_3B2A1DA0D33C44D28B610D8FBA8B5C96\",1)","侧门","共2个侧门，每半年更换一次"]
[62,"红地毯","红色绒面；长160cm*宽80cm",2,"张","=DISPIMG(\"ID_0135E193BD44476B9D4B3094FFD9456A\",1)","二楼侧门","2楼共1个侧门，每半年更换一次"]
[63,"灰地垫","灰色 加密胶圈长160cm*宽80cm",2,"张","=DISPIMG(\"ID_3B2A1DA0D33C44D28B610D8FBA8B5C96\",1)","二楼侧门","2楼共1个侧门，每半年更换一次"]
[64,"红地毯","红色绒面；长80cm*宽60cm",12,"张","=DISPIMG(\"ID_0135E193BD44476B9D4B3094FFD9456A\",1)","洗手间门口","共6个洗手间，每半年更换一次"]
[65,"切肉刀","全长311mm；刀长185mm",2,"把","=DISPIMG(\"ID_2B2818B77D9E4300B5F50C58BBF4CAC0\",1)"]
[66,"环保手提袋","300*380*100mm",50,"个","=DISPIMG(\"ID_41DB2A80BCFB42E18D44FAB5E56BADD9\",1)"]
[67,"清新剂","200ml",48,"支","=DISPIMG(\"ID_B0232518EB984C71956FEF52CF64917F\",1)","卫生间专用","共6个卫生间，预计1.5月使用一瓶。"]
[68,"空气清新剂喷雾","300ML",140,"瓶","=DISPIMG(\"ID_035CE345EC8747F6927606F3528776FB\",1)"]
[69,"香薰机","支持APP控制",6,"个","=DISPIMG(\"ID_1ABC5FF081E44322BF77B857F39E0B5D\",1)"]
[70,"地拖桶","加厚宽家用拖把桶脱水桶懒人免水洗拖地神器长方形手提塑料挤水桶",4,"个","=DISPIMG(\"ID_DDB865C658544C9C8672EE6FAE9D9FF1\",1)",null,"清洁工共4人，地拖桶每年更换一次。"]
[71,"抽水器","电动驱动",4,"个","=DISPIMG(\"ID_9E8B959AFB544536BBDD947483B2EC04\",1)"]
[72,"一次性丁腈手套","XL；食品级；白色；100只/盒",100,"盒","=DISPIMG(\"ID_AB2D008F6B6C4536B4C7AE46D3E986B8\",1)"]
[73,"磨刀石",null,2,"块","=DISPIMG(\"ID_6F87C45D460B44DD8D94B1AC9ADB81C6\",1)"]
[74,"方筛","白色PE塑胶；38*27*12cm以上",6,"个","=DISPIMG(\"ID_AAD02B54E22A4039BB13B86C75DE4073\",1)"]
[75,"圆筛","白色PE塑胶；直径41CM",6,"个","=DISPIMG(\"ID_9FBC6FB03E604772ABBAD6A3F50A1E3C\",1)"]
[76,"不锈钢漏勺","直径32cm",4,"个","=DISPIMG(\"ID_5EA141E62A48438AB6EBF301C4F19E1E\",1)"]
[77,"大锅长柄铲","长1.5米",2,"把","=DISPIMG(\"ID_C146F72282EC4491842B9478CAFAA77F\",1)"]
[78,"烧碱","500g",5,"包","=DISPIMG(\"ID_811950BB474044E1B30E4ECE67B787E5\",1)"]
[79,"pe砧板","45*30*1cm；双面抗菌",2,"块","=DISPIMG(\"ID_641A1E24A3594BA6B1A615F54CF92C51\",1)"]
[80,"水壶","壶体容量  1.7L\n带300 目细密滤网\n食品接触级AS材质\n耐温范围 -10°℃ ～ 92℃",3,"个"]
[81,"一次性口罩","100只/盒，独立包装",6,"盒","=DISPIMG(\"ID_1BF5AE9509544905A89A4C328F430AEE\",1)"]

{"sheet":"全年明细表","index":1,"n_rows":250,"n_cols":33,"rows_kept":250,"hidden":true,"merged":[[0,0,0,32],[248,0,248,22],[249,0,249,32]],"flags":["formulas_cached_only"]}
["2023年全年后勤物品需求计划清单！！！"]
["序号","类别","名称","规格型号","汇总数量","财务部","运营管理部","工程管理部","办公室","设备管理部","合同管理部","技术管理部","安全监管部","党群人事部","信息管理部","第一分公司","第二分公司","第三分公司","第四分公司","第五分公司","第六分公司","单位","单价（元）","金额（元）","本部总价","第一分公司总价","第二分公司总价","第三分公司总价","第四分公司总价","第五分公司总价","第六分公司总价","推荐品牌","备注"]
[1,"纸类","抽纸","型号：V2182，中号抽纸（48包/箱），150抽/包，三层，153mm*195mm/张",740,8,null,8,120,5,8,8,4,8,8,102,110,100,105,46,100,"箱",200,{"v":148000,"d":"148,000.00"},{"v":35400,"d":"35,400.00"},{"v":20400,"d":"20,400.00"},{"v":22000,"d":"22,000.00"},{"v":20000,"d":"20,000.00"},{"v":21000,"d":"21,000.00"},{"v":9200,"d":"9,200.00"},{"v":20000,"d":"20,000.00"},"维达，洁柔，清风"]
[2,null,"盒装面巾纸","200抽/盒，二层，36盒/箱",131,{"$nulls":3},6,{"$nulls":6},2,6,null,null,107,10,"箱",180,{"v":23580,"d":"23,580.00"},{"v":1080,"d":"1,080.00"},{"v":360,"d":"360.00"},{"v":1080,"d":"1,080.00"},{"v":0,"d":"0.00"},{"v":0,"d":"0.00"},{"v":19260,"d":"19,260.00"},{"v":1800,"d":"1,800.00"},"维达，洁柔，清风","=DISPIMG(\"ID_EF0C8BCF14D045ACA4E713C32230DB5D\",1)"]
[3,"纸类","卷纸","30卷/箱，4层200克",141,{"$nulls":3},6,{"$nulls":6},33,0,50,2,null,50,"箱",96,{"v":13536,"d":"13,536.00"},{"v":576,"d":"576.00"},{"v":3168,"d":"3,168.00"},{"v":0,"d":"0.00"},{"v":4800,"d":"4,800.00"},{"v":192,"d":"192.00"},{"v":0,"d":"0.00"},{"v":4800,"d":"4,800.00"},"维达，洁柔，清风"]
[4,"纸类","便携式餐巾纸"," 蓝色经典手帕纸 纸巾小包餐巾纸 纸巾面巾纸印花纸手帕V0005便携式10包/条 30包整箱装",13,{"$nulls":3},3,{"$nulls":6},0,0,null,0,null,10,"箱",220,{"v":2860,"d":"2,860.00"},{"v":660,"d":"660.00"},{"v":0,"d":"0.00"},{"v":0,"d":"0.00"},{"v":0,"d":"0.00"},{"v":0,"d":"0.00"},{"v":0,"d":"0.00"},{"v":2200,"d":"2,200.00"},"维达，洁柔，清风"]
[5,"纸类","擦手纸","200抽，三层超韧，20包/箱",406,{"$nulls":3},200,{"$nulls":6},40,50,30,22,34,30,"箱",160,{"v":64960,"d":"64,960.00"},{"v":32000,"d":"32,000.00"},{"v":6400,"d":"6,400.00"},{"v":8000,"d":"8,000.00"},{"v":4800,"d":"4,800.00"},{"v":3520,"d":"3,520.00"},{"v":5440,"d":"5,440.00"},{"v":4800,"d":"4,800.00"},"维达，洁柔，清风"]
[6,"纸类","大卷纸","压花，三层，一箱12卷",333,{"$nulls":3},200,{"$nulls":6},43,40,30,10,null,10,"箱",160,{"v":53280,"d":"53,280.00"},{"v":32000,"d":"32,000.00"},{"v":6880,"d":"6,880.00"},{"v":6400,"d":"6,400.00"},{"v":4800,"d":"4,800.00"},{"v":1600,"d":"1,600.00"},{"v":0,"d":"0.00"},{"v":1600,"d":"1,600.00"},"任意品牌"]
[7,"纸类","湿纸巾","杀菌；独立装；一包10片；纸巾尺寸180*170mm",300,{"$nulls":10},0,0,null,0,null,300,"包",5,{"v":1500,"d":"1,500.00"},{"v":0,"d":"0.00"},{"v":0,"d":"0.00"},{"v":0,"d":"0.00"},{"v":0,"d":"0.00"},{"v":0,"d":"0.00"},{"v":0,"d":"0.00"},{"v":1500,"d":"1,500.00"},"任意品牌"]
[8,"纸类","湿纸巾"," 洁肤卫生湿巾5包*10片独立装(量贩装)",800,{"$nulls":3},300,{"$nulls":6},40,50,50,50,10,300,"包",{"v":15,"d":"15.00"},{"v":12000,"d":"12,000.00"},{"v":4500,"d":"4,500.00"},{"v":600,"d":"600.00"},{"v":750,"d":"750.00"},{"v":750,"d":"750.00"},{"v":750,"d":"750.00"},{"v":150,"d":"150.00"},{"v":4500,"d":"4,500.00"},"维达"]
[9,"打包类","一次性餐盒","可降解；四格；1400ml；带盖",23000,{"$nulls":3},500,{"$nulls":6},3000,3000,5000,6500,null,5000,"个",3,{"v":69000,"d":"69,000.00"},{"v":1500,"d":"1,500.00"},{"v":9000,"d":"9,000.00"},{"v":9000,"d":"9,000.00"},{"v":15000,"d":"15,000.00"},{"v":19500,"d":"19,500.00"},{"v":0,"d":"0.00"},{"v":15000,"d":"15,000.00"},"任意品牌"]
[10,null,"一次性餐盒","透明四格；1000ml；带盖",1200,{"$nulls":3},1200,{"$nulls":6},0,0,null,0,null,null,"个",3,{"v":3600,"d":"3,600.00"},{"v":3600,"d":"3,600.00"},{"v":0,"d":"0.00"},{"v":0,"d":"0.00"},{"v":0,"d":"0.00"},{"v":0,"d":"0.00"},{"v":0,"d":"0.00"},{"v":0,"d":"0.00"},"任意品牌","=DISPIMG(\"ID_35572A2B24154706B5A6803E89D83580\",1)"]
[11,"打包类","一次性打包盒","可降解；1000ml；带盖",9900,{"$nulls":3},500,{"$nulls":6},1000,2500,500,4000,400,1000,"个",1.5,{"v":14850,"d":"14,850.00"},{"v":750,"d":"750.00"},{"v":1500,"d":"1,500.00"},{"v":3750,"d":"3,750.00"},{"v":750,"d":"750.00"},{"v":6000,"d":"6,000.00"},{"v":600,"d":"600.00"},{"v":1500,"d":"1,500.00"},"任意品牌"]
[12,null,"一次性打包盒","透明；1000ml；带盖",1600,{"$nulls":3},1200,{"$nulls":6},0,0,null,0,400,null,"个",1.5,{"v":2400,"d":"2,400.00"},{"v":1800,"d":"1,800.00"},{"v":0,"d":"0.00"},{"v":0,"d":"0.00"},{"v":0,"d":"0.00"},{"v":0,"d":"0.00"},{"v":600,"d":"600.00"},{"v":0,"d":"0.00"},"任意品牌","=DISPIMG(\"ID_5150C1966C634232A437EE1FD7B33968\",1)"]
[13,"打包类","一次性汤盒","可降解；500ml，带盖",13350,{"$nulls":3},500,{"$nulls":6},2000,2500,5000,0,350,3000,"个",1.5,{"v":20025,"d":"20,025.00"},{"v":750,"d":"750.00"},{"v":3000,"d":"3,000.00"},{"v":3750,"d":"3,750.00"},{"v":7500,"d":"7,500.00"},{"v":0,"d":"0.00"},{"v":525,"d":"525.00"},{"v":4500,"d":"4,500.00"},"任意品牌"]
[14,null,"一次性饭盒","透明，500ml,带盖",2400,{"$nulls":3},2400,{"$nulls":6},0,0,null,0,null,null,"个",1.5,{"v":3600,"d":"3,600.00"},{"v":3600,"d":"3,600.00"},{"v":0,"d":"0.00"},{"v":0,"d":"0.00"},{"v":0,"d":"0.00"},{"v":0,"d":"0.00"},{"v":0,"d":"0.00"},{"v":0,"d":"0.00"},"任意品牌","=DISPIMG(\"ID_679E89D5967541C38833FE547E790E01\",1)"]
[15,"打包类","一次性汤盒","可降解；750ml，带盖",11000,{"$nulls":10},2000,2500,null,6500,null,null,"个",1.2,{"v":13200,"d":"13,200.00"},{"v":0,"d":"0.00"},{"v":2400,"d":"2,400.00"},{"v":3000,"d":"3,000.00"},{"v":0,"d":"0.00"},{"v":7800,"d":"7,800.00"},{"v":0,"d":"0.00"},{"v":0,"d":"0.00"},"任意品牌"]
[16,"打包类","打包袋","可降解；背心款，透明白色，30cm*40cm",20850,{"$nulls":3},5000,{"$nulls":6},1000,3500,2000,7000,350,2000,"个",0.5,{"v":10425,"d":"10,425.00"},{"v":2500,"d":"2,500.00"},{"v":500,"d":"500.00"},{"v":1750,"d":"1,750.00"},{"v":1000,"d":"1,000.00"},{"v":3500,"d":"3,500.00"},{"v":175,"d":"175.00"},{"v":1000,"d":"1,000.00"},"任意品牌"]
[17,"打包类","一次性筷子四件套","可降解；内含筷子、汤勺、牙签、纸巾四件套",22700,{"$nulls":3},1200,{"$nulls":6},4000,3200,4000,5000,300,5000,"套",1.5,{"v":34050,"d":"34,050.00"},{"v":1800,"d":"1,800.00"},{"v":6000,"d":"6,000.00"},{"v":4800,"d":"4,800.00"},{"v":6000,"d":"6,000.00"},{"v":7500,"d":"7,500.00"},{"v":450,"d":"450.00"},{"v":7500,"d":"7,500.00"},"任意品牌"]
[18,null,"一次性筷子","双",10500,{"$nulls":10},0,2000,null,6500,null,2000,"双",0.15,{"v":1575,"d":"1,575.00"},{"v":0,"d":"0.00"},{"v":0,"d":"0.00"},{"v":300,"d":"300.00"},{"v":0,"d":"0.00"},{"v":975,"d":"975.00"},{"v":0,"d":"0.00"},{"v":300,"d":"300.00"},"任意品牌"]
[19,null,"玻璃杯","圆形",30,{"$nulls":10},0,30,null,0,null,null,"个",20,{"v":600,"d":"600.00"},{"v":0,"d":"0.00"},{"v":0,"d":"0.00"},{"v":600,"d":"600.00"},{"v":0,"d":"0.00"},{"v":0,"d":"0.00"},{"v":0,"d":"0.00"},{"v":0,"d":"0.00"},"任意品牌"]
[20,"清洁类","酒精","75%酒精；喷雾；500ml",543,{"$nulls":3},200,{"$nulls":6},63,120,null,0,60,100,"支",19,{"v":10317,"d":"10,317.00"},{"v":3800,"d":"3,800.00"},{"v":1197,"d":"1,197.00"},{"v":2280,"d":"2,280.00"},{"v":0,"d":"0.00"},{"v":0,"d":"0.00"},{"v":1140,"d":"1,140.00"},{"v":1900,"d":"1,900.00"},"任意品牌"]
[21,"清洁类","洗手液","300ml；泡沫",977,{"$nulls":3},600,{"$nulls":6},40,0,100,108,29,100,"支",28,{"v":27356,"d":"27,356.00"},{"v":16800,"d":"16,800.00"},{"v":1120,"d":"1,120.00"},{"v":0,"d":"0.00"},{"v":2800,"d":"2,800.00"},{"v":3024,"d":"3,024.00"},{"v":812,"d":"812.00"},{"v":2800,"d":"2,800.00"},"任意品牌"]
[22,"清洁类","洗手液","300ml",394,{"$nulls":10},190,80,50,24,null,50,"支",20,{"v":7880,"d":"7,880.00"},{"v":0,"d":"0.00"},{"v":3800,"d":"3,800.00"},{"v":1600,"d":"1,600.00"},{"v":1000,"d":"1,000.00"},{"v":480,"d":"480.00"},{"v":0,"d":"0.00"},{"v":1000,"d":"1,000.00"},"威露士、蓝月亮、滴露"]
[23,null,"洗手液补充液","商用10L大桶装, 抑菌",10,{"$nulls":10},2,8,null,0,null,null,"瓶",75,{"v":750,"d":"750.00"},{"v":0,"d":"0.00"},{"v":150,"d":"150.00"},{"v":600,"d":"600.00"},{"v":0,"d":"0.00"},{"v":0,"d":"0.00"},{"v":0,"d":"0.00"},{"v":0,"d":"0.00"},"任意品牌"]
[24,"清洁类","洗衣粉","508g；20包/件",103,{"$nulls":3},30,{"$nulls":6},0,4,5,11,3,50,"件",130,{"v":13390,"d":"13,390.00"},{"v":3900,"d":"3,900.00"},{"v":0,"d":"0.00"},{"v":520,"d":"520.00"},{"v":650,"d":"650.00"},{"v":1430,"d":"1,430.00"},{"v":390,"d":"390.00"},{"v":6500,"d":"6,500.00"},"汰渍、立白、雪亮"]
[25,"清洁类","吸水毛巾","蓝色；25cm*50cm",861,{"$nulls":3},400,{"$nulls":6},50,80,60,121,50,100,"条",10,{"v":8610,"d":"8,610.00"},{"v":4000,"d":"4,000.00"},{"v":500,"d":"500.00"},{"v":800,"d":"800.00"},{"v":600,"d":"600.00"},{"v":1210,"d":"1,210.00"},{"v":500,"d":"500.00"},{"v":1000,"d":"1,000.00"},"任意品牌"]
[26,"清洁类","洗洁精","20KG",199,{"$nulls":3},60,{"$nulls":6},18,32,15,12,12,50,"桶",159,{"v":31641,"d":"31,641.00"},{"v":9540,"d":"9,540.00"},{"v":2862,"d":"2,862.00"},{"v":5088,"d":"5,088.00"},{"v":2385,"d":"2,385.00"},{"v":1908,"d":"1,908.00"},{"v":1908,"d":"1,908.00"},{"v":7950,"d":"7,950.00"},"劳工，斧头，立白"]
[27,"清洁类","洗洁精","500g",480,{"$nulls":3},300,{"$nulls":6},17,30,40,10,3,80,"瓶",13,{"v":6240,"d":"6,240.00"},{"v":3900,"d":"3,900.00"},{"v":221,"d":"221.00"},{"v":390,"d":"390.00"},{"v":520,"d":"520.00"},{"v":130,"d":"130.00"},{"v":39,"d":"39.00"},{"v":1040,"d":"1,040.00"},"劳工，斧头，立白"]
[28,"清洁类","洁厕精","900ml，适用于陶瓷",493,{"$nulls":3},300,{"$nulls":6},60,60,30,18,25,0,"支",10,{"v":4930,"d":"4,930.00"},{"v":3000,"d":"3,000.00"},{"v":600,"d":"600.00"},{"v":600,"d":"600.00"},{"v":300,"d":"300.00"},{"v":180,"d":"180.00"},{"v":250,"d":"250.00"},{"v":0,"d":"0.00"},"浪奇、威猛先生、蓝月亮"]
[29,"空气净化类","空气清新剂","400ml；日照森林味",150,{"$nulls":10},30,0,50,50,null,20,"瓶",18,{"v":2700,"d":"2,700.00"},{"v":0,"d":"0.00"},{"v":540,"d":"540.00"},{"v":0,"d":"0.00"},{"v":900,"d":"900.00"},{"v":900,"d":"900.00"},{"v":0,"d":"0.00"},{"v":360,"d":"360.00"},"任意品牌"]
[30,"空气净化类","空气清新剂","300ML,14cm*6.5cm，混合型，补充液",650,{"$nulls":3},500,{"$nulls":6},0,0,50,0,20,80,"瓶",21,{"v":13650,"d":"13,650.00"},{"v":10500,"d":"10,500.00"},{"v":0,"d":"0.00"},{"v":0,"d":"0.00"},{"v":1050,"d":"1,050.00"},{"v":0,"d":"0.00"},{"v":420,"d":"420.00"},{"v":1680,"d":"1,680.00"},"沃瑞、绿之源、蒂菲森"]
[31,"空气净化类","小便池除臭芳香球","30大粒装",325,{"$nulls":3},300,{"$nulls":6},5,0,null,0,20,null,"包",37,{"v":12025,"d":"12,025.00"},{"v":11100,"d":"11,100.00"},{"v":185,"d":"185.00"},{"v":0,"d":"0.00"},{"v":0,"d":"0.00"},{"v":0,"d":"0.00"},{"v":740,"d":"740.00"},{"v":0,"d":"0.00"},"任意品牌"]
[32,null,"杀虫水","raid杀飞虫气雾剂无香600ML*24支",27,{"$nulls":3},3,{"$nulls":6},10,3,2,1,6,2,"箱",600,{"v":16200,"d":"16,200.00"},{"v":1800,"d":"1,800.00"},{"v":6000,"d":"6,000.00"},{"v":1800,"d":"1,800.00"},{"v":1200,"d":"1,200.00"},{"v":600,"d":"600.00"},{"v":3600,"d":"3,600.00"},{"v":1200,"d":"1,200.00"},"榄菊、雷达、安速"]
[33,"清洁类","碧丽珠 ","330ml",230,{"$nulls":3},150,{"$nulls":6},0,0,30,0,null,50,"瓶",32,{"v":7360,"d":"7,360.00"},{"v":4800,"d":"4,800.00"},{"v":0,"d":"0.00"},{"v":0,"d":"0.00"},{"v":960,"d":"960.00"},{"v":0,"d":"0.00"},{"v":0,"d":"0.00"},{"v":1600,"d":"1,600.00"}]
[34,"清洁类","威猛先生下水道疏通剂","500g",99,{"$nulls":3},3,{"$nulls":6},0,60,30,1,5,null,"瓶",{"v":20,"d":"20.00"},{"v":1980,"d":"1,980.00"},{"v":60,"d":"60.00"},{"v":0,"d":"0.00"},{"v":1200,"d":"1,200.00"},{"v":600,"d":"600.00"},{"v":20,"d":"20.00"},{"v":100,"d":"100.00"},{"v":0,"d":"0.00"}]
[35,"清洁类","威猛先生油污净","500G+500G；1*12组",4,{"$nulls":10},0,2,null,0,2,null,"件",{"v":300,"d":"300.00"},{"v":1200,"d":"1,200.00"},{"v":0,"d":"0.00"},{"v":0,"d":"0.00"},{"v":600,"d":"600.00"},{"v":0,"d":"0.00"},{"v":0,"d":"0.00"},{"v":600,"d":"600.00"},{"v":0,"d":"0.00"},"任意品牌"]
[36,null,"透明玻璃胶","透明玻璃胶 密封胶 中性硅酮耐候胶 填缝胶280ML",44,{"$nulls":10},0,0,10,12,2,20,"支",{"v":16,"d":"16.00"},{"v":704,"d":"704.00"},{"v":0,"d":"0.00"},{"v":0,"d":"0.00"},{"v":0,"d":"0.00"},{"v":160,"d":"160.00"},{"v":192,"d":"192.00"},{"v":32,"d":"32.00"},{"v":320,"d":"320.00"},"任意品牌"]
[37,null,"除胶剂","罐容量：450ml（净含量：280g）",35,{"$nulls":10},3,3,10,8,1,10,"罐",{"v":69,"d":"69.00"},{"v":2415,"d":"2,415.00"},{"v":0,"d":"0.00"},{"v":207,"d":"207.00"},{"v":207,"d":"207.00"},{"v":690,"d":"690.00"},{"v":552,"d":"552.00"},{"v":69,"d":"69.00"},{"v":690,"d":"690.00"},"任意品牌"]
[38,"粘贴类","瓷砖胶","塑钢泥防水防霉瓷砖胶卫生间防水补漏瓷砖胶马桶密封玻璃胶厨房瓷砖美缝剂填缝胶 塑钢泥110ML",23,{"$nulls":10},0,5,10,1,2,5,"包",{"v":35,"d":"35.00"},{"v":805,"d":"805.00"},{"v":0,"d":"0.00"},{"v":0,"d":"0.00"},{"v":175,"d":"175.00"},{"v":350,"d":"350.00"},{"v":35,"d":"35.00"},{"v":70,"d":"70.00"},{"v":175,"d":"175.00"},"任意品牌"]
[39,"清洁类","地板清洁剂"," 地板清洁剂 2kg/瓶 柠檬香不刺鼻 去污除菌 木地板瓷砖大理石等多场",127,{"$nulls":10},0,20,30,0,57,20,"瓶",{"v":26,"d":"26.00"},{"v":3302,"d":"3,302.00"},{"v":0,"d":"0.00"},{"v":0,"d":"0.00"},{"v":520,"d":"520.00"},{"v":780,"d":"780.00"},{"v":0,"d":"0.00"},{"v":1482,"d":"1,482.00"},{"v":520,"d":"520.00"},"任意品牌"]
[40,"清洁类","不锈钢清洁光亮剂","2kg以上",12,{"$nulls":10},0,3,5,1,null,3,"桶",{"v":50,"d":"50.00"},{"v":600,"d":"600.00"},{"v":0,"d":"0.00"},{"v":0,"d":"0.00"},{"v":150,"d":"150.00"},{"v":250,"d":"250.00"},{"v":50,"d":"50.00"},{"v":0,"d":"0.00"},{"v":150,"d":"150.00"},"任意品牌"]
[41,null,"玻璃净亮水","500ml，有喷头",133,{"$nulls":3},60,{"$nulls":6},6,20,30,5,2,10,"瓶",20,{"v":2660,"d":"2,660.00"},{"v":1200,"d":"1,200.00"},{"v":120,"d":"120.00"},{"v":400,"d":"400.00"},{"v":600,"d":"600.00"},{"v":100,"d":"100.00"},{"v":40,"d":"40.00"},{"v":200,"d":"200.00"},"任意品牌"]
[42,null,"直柄雨伞","32寸安全开关直骨伞；190深蓝色黑胶布；印刷白色字体;纽扣式",507,{"$nulls":3},120,{"$nulls":3},5,null,null,105,60,50,80,27,60,"把",45,{"v":22815,"d":"22,815.00"},{"v":5625,"d":"5,625.00"},{"v":4725,"d":"4,725.00"},{"v":2700,"d":"2,700.00"},{"v":2250,"d":"2,250.00"},{"v":3600,"d":"3,600.00"},{"v":1215,"d":"1,215.00"},{"v":2700,"d":"2,700.00"},"任意品牌"]
[43,"打包类","一次性杯子","纸杯，50只装/包，270ml，加厚款",1050,null,null,8,500,5,null,null,10,10,5,48,50,100,192,22,100,"包",15,{"v":15750,"d":"15,750.00"},{"v":8070,"d":"8,070.00"},{"v":720,"d":"720.00"},{"v":750,"d":"750.00"},{"v":1500,"d":"1,500.00"},{"v":2880,"d":"2,880.00"},{"v":330,"d":"330.00"},{"v":1500,"d":"1,500.00"},"任意品牌"]
[44,null,"牙签","双头、竹木，200枚/包",521,{"$nulls":3},300,5,{"$nulls":5},17,40,50,27,32,50,"包",3,{"v":1563,"d":"1,563.00"},{"v":915,"d":"915.00"},{"v":51,"d":"51.00"},{"v":120,"d":"120.00"},{"v":150,"d":"150.00"},{"v":81,"d":"81.00"},{"v":96,"d":"96.00"},{"v":150,"d":"150.00"},"任意品牌"]
[45,null,"牙签筒","双枪",98,{"$nulls":4},2,{"$nulls":5},26,20,20,10,null,20,"个",3,{"v":294,"d":"294.00"},{"v":6,"d":"6.00"},{"v":78,"d":"78.00"},{"v":60,"d":"60.00"},{"v":60,"d":"60.00"},{"v":30,"d":"30.00"},{"v":0,"d":"0.00"},{"v":60,"d":"60.00"},"任意品牌"]
[46,null,"厨师帽","白色；透气松紧网帽",63,{"$nulls":3},30,{"$nulls":6},0,0,12,1,null,20,"顶",14,{"v":882,"d":"882.00"},{"v":420,"d":"420.00"},{"v":0,"d":"0.00"},{"v":0,"d":"0.00"},{"v":168,"d":"168.00"},{"v":14,"d":"14.00"},{"v":0,"d":"0.00"},{"v":280,"d":"280.00"},"任意品牌"]
[47,null,"厨师服","短袖，白色；双排扣",35,{"$nulls":3},10,{"$nulls":6},0,0,12,1,null,12,"件",50,{"v":1750,"d":"1,750.00"},{"v":500,"d":"500.00"},{"v":0,"d":"0.00"},{"v":0,"d":"0.00"},{"v":600,"d":"600.00"},{"v":50,"d":"50.00"},{"v":0,"d":"0.00"},{"v":600,"d":"600.00"},"任意品牌"]
[48,null,"厨师服","长袖，白色；；双排扣",35,{"$nulls":3},10,{"$nulls":6},0,0,12,1,null,12,"件",30,{"v":1050,"d":"1,050.00"},{"v":300,"d":"300.00"},{"v":0,"d":"0.00"},{"v":0,"d":"0.00"},{"v":360,"d":"360.00"},{"v":30,"d":"30.00"},{"v":0,"d":"0.00"},{"v":360,"d":"360.00"},"任意品牌"]
[49,"洗手间类","尿斗香块","5个装",281,{"$nulls":3},200,{"$nulls":6},16,10,40,15,null,null,"盒",60,{"v":16860,"d":"16,860.00"},{"v":12000,"d":"12,000.00"},{"v":960,"d":"960.00"},{"v":600,"d":"600.00"},{"v":2400,"d":"2,400.00"},{"v":900,"d":"900.00"},{"v":0,"d":"0.00"},{"v":0,"d":"0.00"},"春风、绿之源"]
[50,null,"盆子","38cm，塑料",26,{"$nulls":3},8,{"$nulls":6},5,0,null,0,5,8,"个",10,{"v":260,"d":"260.00"},{"v":80,"d":"80.00"},{"v":50,"d":"50.00"},{"v":0,"d":"0.00"},{"v":0,"d":"0.00"},{"v":0,"d":"0.00"},{"v":50,"d":"50.00"},{"v":80,"d":"80.00"},"任意品牌"]
[51,null,"蚊香","大盘无烟型蚊香40单圈+蚊香座/盒",154,{"$nulls":3},50,{"$nulls":6},18,0,30,36,null,20,"盒",20,{"v":3080,"d":"3,080.00"},{"v":1000,"d":"1,000.00"},{"v":360,"d":"360.00"},{"v":0,"d":"0.00"},{"v":600,"d":"600.00"},{"v":720,"d":"720.00"},{"v":0,"d":"0.00"},{"v":400,"d":"400.00"},"任意品牌"]
[52,null,"檀香（厕所专用）","120单盘+金属底座/盒",26,{"$nulls":10},0,20,null,0,6,null,"盒",50,{"v":1300,"d":"1,300.00"},{"v":0,"d":"0.00"},{"v":0,"d":"0.00"},{"v":1000,"d":"1,000.00"},{"v":0,"d":"0.00"},{"v":0,"d":"0.00"},{"v":300,"d":"300.00"},{"v":0,"d":"0.00"},"任意品牌"]
[53,null,"地垫（厨房炒菜间使用）","绒面环保材质，黑灰色，吸水防滑，厨房用，可不包边，180*100cm",14,{"$nulls":3},2,{"$nulls":6},4,8,null,0,null,null,"块",110,{"v":1540,"d":"1,540.00"},{"v":220,"d":"220.00"},{"v":440,"d":"440.00"},{"v":880,"d":"880.00"},{"v":0,"d":"0.00"},{"v":0,"d":"0.00"},{"v":0,"d":"0.00"},{"v":0,"d":"0.00"},"任意品牌"]
[54,null,"地垫（厨房炒菜间使用）","绒面环保材质，黑灰色，吸水防滑，厨房用，可不包边，130*100cm",12,{"$nulls":3},2,{"$nulls":6},0,8,null,2,null,null,"块",95,{"v":1140,"d":"1,140.00"},{"v":190,"d":"190.00"},{"v":0,"d":"0.00"},{"v":760,"d":"760.00"},{"v":0,"d":"0.00"},{"v":190,"d":"190.00"},{"v":0,"d":"0.00"},{"v":0,"d":"0.00"},"任意品牌"]
[55,null,"地垫（厨房炒菜间使用）","绒面环保材质，黑灰色，吸水防滑，厨房用，可不包边，80*60cm",2,{"$nulls":3},2,{"$nulls":6},0,0,null,0,null,null,"块",45,{"v":90,"d":"90.00"},{"v":90,"d":"90.00"},{"v":0,"d":"0.00"},{"v":0,"d":"0.00"},{"v":0,"d":"0.00"},{"v":0,"d":"0.00"},{"v":0,"d":"0.00"},{"v":0,"d":"0.00"},"任意品牌"]
[56,null,"地垫（一楼洗手间门口使用）","绒面环保材质，全艳红色，吸水防滑，可不包边，80*60cm",12,{"$nulls":3},2,{"$nulls":6},8,0,null,2,null,null,"块",45,{"v":540,"d":"540.00"},{"v":90,"d":"90.00"},{"v":360,"d":"360.00"},{"v":0,"d":"0.00"},{"v":0,"d":"0.00"},{"v":90,"d":"90.00"},{"v":0,"d":"0.00"},{"v":0,"d":"0.00"},"任意品牌"]
[57,null,"地垫（三楼洗手间门口使用）","绒面环保材质，全艳红色，吸水防滑，大堂用，可不包边，130*185cm",2,{"$nulls":3},2,{"$nulls":6},0,0,null,0,null,null,"块",160,{"v":320,"d":"320.00"},{"v":320,"d":"320.00"},{"v":0,"d":"0.00"},{"v":0,"d":"0.00"},{"v":0,"d":"0.00"},{"v":0,"d":"0.00"},{"v":0,"d":"0.00"},{"v":0,"d":"0.00"},"任意品牌"]
[58,null,"地垫（过道门口使用）","绒面环保材质，全艳红色，吸水防滑，大堂用，可不包边，150*90cm",3,{"$nulls":3},2,{"$nulls":6},0,0,null,1,null,null,"块",120,{"v":360,"d":"360.00"},{"v":240,"d":"240.00"},{"v":0,"d":"0.00"},{"v":0,"d":"0.00"},{"v":0,"d":"0.00"},{"v":120,"d":"120.00"},{"v":0,"d":"0.00"},{"v":0,"d":"0.00"},"任意品牌"]
[59,null,"地垫（饭堂仓库旁楼梯口使用）","绒面环保材质，全艳红色，吸水防滑，大堂用，可不包边，140*90cm",2,{"$nulls":3},2,{"$nulls":6},0,0,null,0,null,null,"块",110,{"v":220,"d":"220.00"},{"v":220,"d":"220.00"},{"v":0,"d":"0.00"},{"v":0,"d":"0.00"},{"v":0,"d":"0.00"},{"v":0,"d":"0.00"},{"v":0,"d":"0.00"},{"v":0,"d":"0.00"},"任意品牌"]
[60,null,"地垫（一楼大堂门口使用）","绒面环保材质，全艳红色，吸水防滑，大堂用，可不包边，350*180cm",3,{"$nulls":3},2,{"$nulls":6},0,0,null,1,null,null,"块",350,{"v":1050,"d":"1,050.00"},{"v":700,"d":"700.00"},{"v":0,"d":"0.00"},{"v":0,"d":"0.00"},{"v":0,"d":"0.00"},{"v":350,"d":"350.00"},{"v":0,"d":"0.00"},{"v":0,"d":"0.00"},"任意品牌"]
[61,null,"地垫（二楼洗手间门口使用）","绒面环保材质，全艳红色，吸水防滑，大堂用，可不包边，150*200cm",10,{"$nulls":3},2,{"$nulls":6},0,0,8,0,null,null,"块",180,{"v":1800,"d":"1,800.00"},{"v":360,"d":"360.00"},{"v":0,"d":"0.00"},{"v":0,"d":"0.00"},{"v":1440,"d":"1,440.00"},{"v":0,"d":"0.00"},{"v":0,"d":"0.00"},{"v":0,"d":"0.00"},"任意品牌"]
[62,null,"地垫","宽1米，长4米；防滑",5,{"$nulls":10},4,0,null,1,null,null,"块",100,{"v":500,"d":"500.00"},{"v":0,"d":"0.00"},{"v":400,"d":"400.00"},{"v":0,"d":"0.00"},{"v":0,"d":"0.00"},{"v":100,"d":"100.00"},{"v":0,"d":"0.00"},{"v":0,"d":"0.00"},"任意品牌"]
[63,null,"地垫","宽0.8米，长1.2米；防滑",0,{"$nulls":10},0,0,null,0,null,null,"块",{"v":35,"d":"35.00"},{"v":0,"d":"0.00"},{"v":0,"d":"0.00"},{"v":0,"d":"0.00"},{"v":0,"d":"0.00"},{"v":0,"d":"0.00"},{"v":0,"d":"0.00"},{"v":0,"d":"0.00"},{"v":0,"d":"0.00"},"任意品牌"]
[64,null,"地垫(大堂门口使用)","丝卷材质，加厚，艳红无字，不包边可裁剪，200cm*150cm",6,{"$nulls":10},0,6,null,0,null,null,"块",{"v":180,"d":"180.00"},{"v":1080,"d":"1,080.00"},{"v":0,"d":"0.00"},{"v":0,"d":"0.00"},{"v":1080,"d":"1,080.00"},{"v":0,"d":"0.00"},{"v":0,"d":"0.00"},{"v":0,"d":"0.00"},{"v":0,"d":"0.00"},"任意品牌"]
[65,null,"洗手台收纳盘","20cm*29cm；长方形；人造石；白色大理石纹",0,{"$nulls":10},0,0,null,0,null,null,"个",125,{"v":0,"d":"0.00"},{"v":0,"d":"0.00"},{"v":0,"d":"0.00"},{"v":0,"d":"0.00"},{"v":0,"d":"0.00"},{"v":0,"d":"0.00"},{"v":0,"d":"0.00"},{"v":0,"d":"0.00"},"任意品牌"]
[66,null,"保温壶","304不锈钢；1.2L",30,{"$nulls":10},11,0,null,5,4,10,"个",220,{"v":6600,"d":"6,600.00"},{"v":0,"d":"0.00"},{"v":2420,"d":"2,420.00"},{"v":0,"d":"0.00"},{"v":0,"d":"0.00"},{"v":1100,"d":"1,100.00"},{"v":880,"d":"880.00"},{"v":2200,"d":"2,200.00"},"任意品牌"]
[67,null,"水桶","容量24L",57,{"$nulls":10},25,8,null,0,4,20,"个",26,{"v":1482,"d":"1,482.00"},{"v":0,"d":"0.00"},{"v":650,"d":"650.00"},{"v":208,"d":"208.00"},{"v":0,"d":"0.00"},{"v":0,"d":"0.00"},{"v":104,"d":"104.00"},{"v":520,"d":"520.00"},"任意品牌"]
[68,null,"车载手机支架","卡扣式 吸盘式 重力支撑",166,{"$nulls":3},30,{"$nulls":6},30,30,30,16,null,30,"个",35,{"v":5810,"d":"5,810.00"},{"v":1050,"d":"1,050.00"},{"v":1050,"d":"1,050.00"},{"v":1050,"d":"1,050.00"},{"v":1050,"d":"1,050.00"},{"v":560,"d":"560.00"},{"v":0,"d":"0.00"},{"v":1050,"d":"1,050.00"},"任意品牌"]
[69,null,"全自动老鼠笼",null,22,{"$nulls":10},2,20,null,0,null,null,"个",18,{"v":396,"d":"396.00"},{"v":0,"d":"0.00"},{"v":36,"d":"36.00"},{"v":360,"d":"360.00"},{"v":0,"d":"0.00"},{"v":0,"d":"0.00"},{"v":0,"d":"0.00"},{"v":0,"d":"0.00"},"任意品牌"]
[70,null,"扫帚",null,264,{"$nulls":3},60,{"$nulls":6},42,50,30,24,28,30,"把",10,{"v":2640,"d":"2,640.00"},{"v":600,"d":"600.00"},{"v":420,"d":"420.00"},{"v":500,"d":"500.00"},{"v":300,"d":"300.00"},{"v":240,"d":"240.00"},{"v":280,"d":"280.00"},{"v":300,"d":"300.00"},"任意品牌"]
[71,null,"排拖","90cm",116,{"$nulls":3},30,{"$nulls":6},10,10,30,16,null,20,"把",50,{"v":5800,"d":"5,800.00"},{"v":1500,"d":"1,500.00"},{"v":500,"d":"500.00"},{"v":500,"d":"500.00"},{"v":1500,"d":"1,500.00"},{"v":800,"d":"800.00"},{"v":0,"d":"0.00"},{"v":1000,"d":"1,000.00"},"任意品牌"]
[72,null,"排拖","60cm",201,{"$nulls":3},60,{"$nulls":6},20,20,50,5,16,30,"把",45,{"v":9045,"d":"9,045.00"},{"v":2700,"d":"2,700.00"},{"v":900,"d":"900.00"},{"v":900,"d":"900.00"},{"v":2250,"d":"2,250.00"},{"v":225,"d":"225.00"},{"v":720,"d":"720.00"},{"v":1350,"d":"1,350.00"},"任意品牌"]
[73,null,"围裙","加厚，防水防油复合皮",266,{"$nulls":3},150,{"$nulls":6},0,30,30,5,21,30,"条",10,{"v":2660,"d":"2,660.00"},{"v":1500,"d":"1,500.00"},{"v":0,"d":"0.00"},{"v":300,"d":"300.00"},{"v":300,"d":"300.00"},{"v":50,"d":"50.00"},{"v":210,"d":"210.00"},{"v":300,"d":"300.00"},"任意品牌"]
[74,null,"圆拖把","普通，木柄",195,{"$nulls":3},50,{"$nulls":6},20,40,30,10,25,20,"把",18,{"v":3510,"d":"3,510.00"},{"v":900,"d":"900.00"},{"v":360,"d":"360.00"},{"v":720,"d":"720.00"},{"v":540,"d":"540.00"},{"v":180,"d":"180.00"},{"v":450,"d":"450.00"},{"v":360,"d":"360.00"},"任意品牌"]
[75,null,"马桶刷","不锈钢柄，配底座",147,{"$nulls":3},50,{"$nulls":6},10,10,30,17,30,null,"个",12,{"v":1764,"d":"1,764.00"},{"v":600,"d":"600.00"},{"v":120,"d":"120.00"},{"v":120,"d":"120.00"},{"v":360,"d":"360.00"},{"v":204,"d":"204.00"},{"v":360,"d":"360.00"},{"v":0,"d":"0.00"},"任意品牌"]
[76,null,"硬地刷","柄120cm，刷头宽28~32cm",45,{"$nulls":3},30,{"$nulls":7},15,{"$nulls":4},"把",45,{"v":2025,"d":"2,025.00"},{"v":1350,"d":"1,350.00"},{"v":0,"d":"0.00"},{"v":675,"d":"675.00"},{"v":0,"d":"0.00"},{"v":0,"d":"0.00"},{"v":0,"d":"0.00"},{"v":0,"d":"0.00"},"任意品牌","=DISPIMG(\"ID_4C68220661F74C0999D58AF69CB5CADB\",1)"]
[77,null,"飘逸壶","500ML",108,{"$nulls":3},30,2,{"$nulls":5},16,15,10,12,8,15,"个",30,{"v":3240,"d":"3,240.00"},{"v":960,"d":"960.00"},{"v":480,"d":"480.00"},{"v":450,"d":"450.00"},{"v":300,"d":"300.00"},{"v":360,"d":"360.00"},{"v":240,"d":"240.00"},{"v":450,"d":"450.00"},"任意品牌"]
[78,"厨房工具","不锈钢夹子","不锈钢，长度24CM",34,{"$nulls":3},10,{"$nulls":6},4,3,2,5,4,6,"把",16,{"v":544,"d":"544.00"},{"v":160,"d":"160.00"},{"v":64,"d":"64.00"},{"v":48,"d":"48.00"},{"v":32,"d":"32.00"},{"v":80,"d":"80.00"},{"v":64,"d":"64.00"},{"v":96,"d":"96.00"},"任意品牌"]
[79,"厨房工具","不锈钢水勺","不锈钢，长度38CM",21,{"$nulls":3},10,{"$nulls":6},2,2,2,0,3,2,"把",28,{"v":588,"d":"588.00"},{"v":280,"d":"280.00"},{"v":56,"d":"56.00"},{"v":56,"d":"56.00"},{"v":56,"d":"56.00"},{"v":0,"d":"0.00"},{"v":84,"d":"84.00"},{"v":56,"d":"56.00"},"任意品牌"]
[80,"厨房工具","木手柄不锈钢汤勺","木手柄头、手柄是不锈钢，长度50CM",23,{"$nulls":3},5,{"$nulls":6},4,4,2,1,4,3,"把",24.5,{"v":563.5,"d":"563.50"},{"v":122.5,"d":"122.50"},{"v":98,"d":"98.00"},{"v":98,"d":"98.00"},{"v":49,"d":"49.00"},{"v":24.5,"d":"24.50"},{"v":98,"d":"98.00"},{"v":73.5,"d":"73.50"},"任意品牌"]
[81,"厨房工具","不锈钢炒菜铲","木手柄头、手柄是不锈钢，长度45CM",14,{"$nulls":3},5,{"$nulls":6},0,3,null,1,2,3,"把",28,{"v":392,"d":"392.00"},{"v":140,"d":"140.00"},{"v":0,"d":"0.00"},{"v":84,"d":"84.00"},{"v":0,"d":"0.00"},{"v":28,"d":"28.00"},{"v":56,"d":"56.00"},{"v":84,"d":"84.00"},"任意品牌"]
[82,"厨房工具","不锈钢汤勺","不锈钢、长度46CM",13,{"$nulls":10},2,2,2,1,3,3,"把",28,{"v":364,"d":"364.00"},{"v":0,"d":"0.00"},{"v":56,"d":"56.00"},{"v":56,"d":"56.00"},{"v":56,"d":"56.00"},{"v":28,"d":"28.00"},{"v":84,"d":"84.00"},{"v":84,"d":"84.00"},"任意品牌"]
[83,"厨房工具","不锈钢汤勺","不锈钢、长度35CM",10,{"$nulls":3},5,{"$nulls":6},0,0,null,0,2,3,"把",24,{"v":240,"d":"240.00"},{"v":120,"d":"120.00"},{"v":0,"d":"0.00"},{"v":0,"d":"0.00"},{"v":0,"d":"0.00"},{"v":0,"d":"0.00"},{"v":48,"d":"48.00"},{"v":72,"d":"72.00"},"任意品牌"]
[84,"厨房工具","木手柄、不锈钢炒菜","手柄是木，铲是不锈钢长度87CM",8,{"$nulls":3},1,{"$nulls":6},0,2,null,0,2,3,"把",35,{"v":280,"d":"280.00"},{"v":35,"d":"35.00"},{"v":0,"d":"0.00"},{"v":70,"d":"70.00"},{"v":0,"d":"0.00"},{"v":0,"d":"0.00"},{"v":70,"d":"70.00"},{"v":105,"d":"105.00"},"任意品牌"]
[85,"厨房工具","不锈钢漏勺","不锈钢、长度50CM",11,{"$nulls":10},4,1,2,1,1,2,"把",42,{"v":462,"d":"462.00"},{"v":0,"d":"0.00"},{"v":168,"d":"168.00"},{"v":42,"d":"42.00"},{"v":84,"d":"84.00"},{"v":42,"d":"42.00"},{"v":42,"d":"42.00"},{"v":84,"d":"84.00"},"任意品牌"]
[86,"厨房工具","不锈钢过滤网筛","不锈钢，长度56CM",22,{"$nulls":3},10,{"$nulls":6},4,3,null,1,2,2,"把",38,{"v":836,"d":"836.00"},{"v":380,"d":"380.00"},{"v":152,"d":"152.00"},{"v":114,"d":"114.00"},{"v":0,"d":"0.00"},{"v":38,"d":"38.00"},{"v":76,"d":"76.00"},{"v":76,"d":"76.00"},"任意品牌"]
[87,"厨房工具","不锈钢竹柄漏勺","竹把柄，不锈钢网兜长度68CM",28,{"$nulls":3},20,{"$nulls":6},4,3,null,0,1,null,"把",35,{"v":980,"d":"980.00"},{"v":700,"d":"700.00"},{"v":140,"d":"140.00"},{"v":105,"d":"105.00"},{"v":0,"d":"0.00"},{"v":0,"d":"0.00"},{"v":35,"d":"35.00"},{"v":0,"d":"0.00"},"任意品牌"]
[88,"厨房工具","不锈钢碗筷","双层加厚隔热，成人食堂适用",390,{"$nulls":10},60,50,70,80,50,80,"套",16,{"v":6240,"d":"6,240.00"},{"v":0,"d":"0.00"},{"v":960,"d":"960.00"},{"v":800,"d":"800.00"},{"v":1120,"d":"1,120.00"},{"v":1280,"d":"1,280.00"},{"v":800,"d":"800.00"},{"v":1280,"d":"1,280.00"},"任意品牌"]
[89,"厨房工具","不锈钢餐盘","方型加厚，五格，成人食堂适用",460,{"$nulls":3},100,{"$nulls":6},70,50,70,120,null,50,"个",30,{"v":13800,"d":"13,800.00"},{"v":3000,"d":"3,000.00"},{"v":2100,"d":"2,100.00"},{"v":1500,"d":"1,500.00"},{"v":2100,"d":"2,100.00"},{"v":3600,"d":"3,600.00"},{"v":0,"d":"0.00"},{"v":1500,"d":"1,500.00"},"任意品牌"]
[90,"厨房工具","骨刀",null,13,{"$nulls":3},5,{"$nulls":6},1,0,1,1,2,3,"把",150,{"v":1950,"d":"1,950.00"},{"v":750,"d":"750.00"},{"v":150,"d":"150.00"},{"v":0,"d":"0.00"},{"v":150,"d":"150.00"},{"v":150,"d":"150.00"},{"v":300,"d":"300.00"},{"v":450,"d":"450.00"},"阳江十八子"]
[91,"厨房工具","肉刀",null,19,{"$nulls":3},10,{"$nulls":6},1,1,1,1,2,3,"把",85,{"v":1615,"d":"1,615.00"},{"v":850,"d":"850.00"},{"v":85,"d":"85.00"},{"v":85,"d":"85.00"},{"v":85,"d":"85.00"},{"v":85,"d":"85.00"},{"v":170,"d":"170.00"},{"v":255,"d":"255.00"},"百年利记"]
[92,"厨房工具","大削皮刀","不锈钢、木手柄",10,{"$nulls":10},0,0,null,2,6,2,"把",12,{"v":120,"d":"120.00"},{"v":0,"d":"0.00"},{"v":0,"d":"0.00"},{"v":0,"d":"0.00"},{"v":0,"d":"0.00"},{"v":24,"d":"24.00"},{"v":72,"d":"72.00"},{"v":24,"d":"24.00"},"任意品牌"]
[93,"厨房工具","小削皮刀",null,10,{"$nulls":10},0,0,null,2,6,2,"把",6,{"v":60,"d":"60.00"},{"v":0,"d":"0.00"},{"v":0,"d":"0.00"},{"v":0,"d":"0.00"},{"v":0,"d":"0.00"},{"v":12,"d":"12.00"},{"v":36,"d":"36.00"},{"v":12,"d":"12.00"},"任意品牌"]
[94,"厨房工具","洗杯刷","长款：长30CM，海绵头",214,{"$nulls":3},200,{"$nulls":6},5,0,null,5,2,2,"个",7,{"v":1498,"d":"1,498.00"},{"v":1400,"d":"1,400.00"},{"v":35,"d":"35.00"},{"v":0,"d":"0.00"},{"v":0,"d":"0.00"},{"v":35,"d":"35.00"},{"v":14,"d":"14.00"},{"v":14,"d":"14.00"},"任意品牌"]
[95,"厨房工具","不锈钢水槽盖子","直径80mm，黑色垫圈约55mm，杆粗约8mm",64,{"$nulls":10},0,0,null,0,64,null,"个",12,{"v":768,"d":"768.00"},{"v":0,"d":"0.00"},{"v":0,"d":"0.00"},{"v":0,"d":"0.00"},{"v":0,"d":"0.00"},{"v":0,"d":"0.00"},{"v":768,"d":"768.00"},{"v":0,"d":"0.00"},"任意品牌"]
[96,"厨房工具","洗菜篮子沥水篮","圆形塑料加厚 C-1 直径41cm*高13.5cm",42,{"$nulls":10},0,10,null,15,12,5,"个",29.9,{"v":1255.8,"d":"1,255.80"},{"v":0,"d":"0.00"},{"v":0,"d":"0.00"},{"v":299,"d":"299.00"},{"v":0,"d":"0.00"},{"v":448.5,"d":"448.50"},{"v":358.79999999999995,"d":"358.80"},{"v":149.5,"d":"149.50"},"任意品牌"]
[97,null,"收纳箱","容量68L",107,{"$nulls":10},36,0,20,27,4,20,"个",{"v":38,"d":"38.00"},{"v":4066,"d":"4,066.00"},{"v":0,"d":"0.00"},{"v":1368,"d":"1,368.00"},{"v":0,"d":"0.00"},{"v":760,"d":"760.00"},{"v":1026,"d":"1,026.00"},{"v":152,"d":"152.00"},{"v":760,"d":"760.00"},"任意品牌"]
[98,"清洁类","垃圾桶","10升；圆形；脚踏式",4,{"$nulls":10},0,0,null,2,null,2,"个",120,{"v":480,"d":"480.00"},{"v":0,"d":"0.00"},{"v":0,"d":"0.00"},{"v":0,"d":"0.00"},{"v":0,"d":"0.00"},{"v":240,"d":"240.00"},{"v":0,"d":"0.00"},{"v":240,"d":"240.00"},"任意品牌"]
[99,null,"垃圾篓","家用大号软塑干湿分类压圈垃圾桶圆形纸篓垃圾筒12L YZ-GB105",120,{"$nulls":10},25,20,null,20,35,20,"个",{"v":8,"d":"8.00"},{"v":960,"d":"960.00"},{"v":0,"d":"0.00"},{"v":200,"d":"200.00"},{"v":160,"d":"160.00"},{"v":0,"d":"0.00"},{"v":160,"d":"160.00"},{"v":280,"d":"280.00"},{"v":160,"d":"160.00"},"任意品牌"]
[100,"清洁类","拖把桶","塑料桶加大手压拖布桶脱水篮44*32*30cm",47,{"$nulls":10},15,8,null,10,9,5,"个",40,{"v":1880,"d":"1,880.00"},{"v":0,"d":"0.00"},{"v":600,"d":"600.00"},{"v":320,"d":"320.00"},{"v":0,"d":"0.00"},{"v":400,"d":"400.00"},{"v":360,"d":"360.00"},{"v":200,"d":"200.00"},"任意品牌"]
[101,"收纳类","塑料周转箱","收纳箱物料盒收纳盒 蓝色650*400*150",94,{"$nulls":10},22,20,20,12,null,20,"个",60,{"v":5640,"d":"5,640.00"},{"v":0,"d":"0.00"},{"v":1320,"d":"1,320.00"},{"v":1200,"d":"1,200.00"},{"v":1200,"d":"1,200.00"},{"v":720,"d":"720.00"},{"v":0,"d":"0.00"},{"v":1200,"d":"1,200.00"},"任意品牌"]
[102,"胶袋类","保鲜自封袋","6号 12*17cm 100只装",78,{"$nulls":3},20,{"$nulls":6},2,4,null,4,28,20,"包",12.9,{"v":1006.2,"d":"1,006.20"},{"v":258,"d":"258.00"},{"v":25.8,"d":"25.80"},{"v":51.6,"d":"51.60"},{"v":0,"d":"0.00"},{"v":51.6,"d":"51.60"},{"v":361.2,"d":"361.20"},{"v":258,"d":"258.00"},"任意品牌"]
[103,null,"保鲜袋","大号，一次性，食品级，连卷平口",60,{"$nulls":11},30,null,30,null,null,"卷",18,{"v":1080,"d":"1,080.00"},{"v":0,"d":"0.00"},{"v":0,"d":"0.00"},{"v":540,"d":"540.00"},{"v":0,"d":"0.00"},{"v":540,"d":"540.00"},{"v":0,"d":"0.00"},{"v":0,"d":"0.00"},"任意品牌","=DISPIMG(\"ID_47B87B27E544457583BFE1773686C095\",1)"]
[104,"厨房工具","保鲜膜","宽30cm，长不少于50米",100,{"$nulls":3},20,{"$nulls":6},10,20,20,4,6,20,"盒",45,{"v":4500,"d":"4,500.00"},{"v":900,"d":"900.00"},{"v":450,"d":"450.00"},{"v":900,"d":"900.00"},{"v":900,"d":"900.00"},{"v":180,"d":"180.00"},{"v":270,"d":"270.00"},{"v":900,"d":"900.00"},"任意品牌"]
[105,"厨房工具","抹布超细纤维","洗洁巾4片装 30*30cm 4544P",220,{"$nulls":3},30,{"$nulls":6},6,20,30,24,80,30,"包",15,{"v":3300,"d":"3,300.00"},{"v":450,"d":"450.00"},{"v":90,"d":"90.00"},{"v":300,"d":"300.00"},{"v":450,"d":"450.00"},{"v":360,"d":"360.00"},{"v":1200,"d":"1,200.00"},{"v":450,"d":"450.00"},"任意品牌"]
[106,"厨房工具","不锈钢清洁球","6只装 去垢去油污",234,{"$nulls":3},100,{"$nulls":6},6,15,30,8,70,5,"包",9,{"v":2106,"d":"2,106.00"},{"v":900,"d":"900.00"},{"v":54,"d":"54.00"},{"v":135,"d":"135.00"},{"v":270,"d":"270.00"},{"v":72,"d":"72.00"},{"v":630,"d":"630.00"},{"v":45,"d":"45.00"},"任意品牌"]
[107,"劳保类","金橡牌水鞋","鞋底：牛筋大底；内里：透气棉布；材质：PVC（男黑色，女白色）",50,{"$nulls":3},20,{"$nulls":6},0,0,null,4,6,20,"双",50,{"v":2500,"d":"2,500.00"},{"v":1000,"d":"1,000.00"},{"v":0,"d":"0.00"},{"v":0,"d":"0.00"},{"v":0,"d":"0.00"},{"v":200,"d":"200.00"},{"v":300,"d":"300.00"},{"v":1000,"d":"1,000.00"},"任意品牌"]
[108,null,"水鞋","鞋底：牛筋大底；内里：透气棉布；37码",4,{"$nulls":11},4,{"$nulls":4},"双",50,{"v":200,"d":"200.00"},{"v":0,"d":"0.00"},{"v":0,"d":"0.00"},{"v":200,"d":"200.00"},{"v":0,"d":"0.00"},{"v":0,"d":"0.00"},{"v":0,"d":"0.00"},{"v":0,"d":"0.00"},"任意品牌"]
[109,null,"水鞋","鞋底：牛筋大底；内里：透气棉布；40码",4,{"$nulls":11},4,{"$nulls":4},"双",50,{"v":200,"d":"200.00"},{"v":0,"d":"0.00"},{"v":0,"d":"0.00"},{"v":200,"d":"200.00"},{"v":0,"d":"0.00"},{"v":0,"d":"0.00"},{"v":0,"d":"0.00"},{"v":0,"d":"0.00"},"任意品牌"]
[110,null,"水鞋","鞋底：牛筋大底；内里：透气棉布；39码",4,{"$nulls":11},4,{"$nulls":4},"双",50,{"v":200,"d":"200.00"},{"v":0,"d":"0.00"},{"v":0,"d":"0.00"},{"v":200,"d":"200.00"},{"v":0,"d":"0.00"},{"v":0,"d":"0.00"},{"v":0,"d":"0.00"},{"v":0,"d":"0.00"},"任意品牌"]
[111,"胶袋类","小垃圾袋","手提式；加厚；黑色背心带；32*52cm；50个",1613,{"$nulls":10},90,300,200,290,583,150,"扎",10,{"v":16130,"d":"16,130.00"},{"v":0,"d":"0.00"},{"v":900,"d":"900.00"},{"v":3000,"d":"3,000.00"},{"v":2000,"d":"2,000.00"},{"v":2900,"d":"2,900.00"},{"v":5830,"d":"5,830.00"},{"v":1500,"d":"1,500.00"},"任意品牌"]
[112,"胶袋类","大垃圾袋","90*100cm；50个；加厚",1269,{"$nulls":10},192,200,200,119,508,50,"扎",35,{"v":44415,"d":"44,415.00"},{"v":0,"d":"0.00"},{"v":6720,"d":"6,720.00"},{"v":7000,"d":"7,000.00"},{"v":7000,"d":"7,000.00"},{"v":4165,"d":"4,165.00"},{"v":17780,"d":"17,780.00"},{"v":1750,"d":"1,750.00"},"任意品牌"]
[113,"胶袋类","垃圾袋","70*83cm，加厚，50只装",315,{"$nulls":10},100,45,null,0,140,30,"扎",30,{"v":9450,"d":"9,450.00"},{"v":0,"d":"0.00"},{"v":3000,"d":"3,000.00"},{"v":1350,"d":"1,350.00"},{"v":0,"d":"0.00"},{"v":0,"d":"0.00"},{"v":4200,"d":"4,200.00"},{"v":900,"d":"900.00"},"任意品牌"]
[114,"清洁类","簸箕","27.5*24.5*10cm",96,{"$nulls":10},20,22,null,19,30,5,"个",13,{"v":1248,"d":"1,248.00"},{"v":0,"d":"0.00"},{"v":260,"d":"260.00"},{"v":286,"d":"286.00"},{"v":0,"d":"0.00"},{"v":247,"d":"247.00"},{"v":390,"d":"390.00"},{"v":65,"d":"65.00"},"任意品牌"]
[115,"清洁类","大水桶","60L， 加厚储水桶 圆形大容量水桶工业水桶",17,{"$nulls":10},2,2,5,1,2,5,"个",100,{"v":1700,"d":"1,700.00"},{"v":0,"d":"0.00"},{"v":200,"d":"200.00"},{"v":200,"d":"200.00"},{"v":500,"d":"500.00"},{"v":100,"d":"100.00"},{"v":200,"d":"200.00"},{"v":500,"d":"500.00"},"任意品牌"]
[116,null,"免打孔挂钩","承重1公斤以上，吸盘免打孔无痕挂钩",857,{"$nulls":3},200,{"$nulls":6},40,80,50,262,25,200,"个",2,{"v":1714,"d":"1,714.00"},{"v":400,"d":"400.00"},{"v":80,"d":"80.00"},{"v":160,"d":"160.00"},{"v":100,"d":"100.00"},{"v":524,"d":"524.00"},{"v":50,"d":"50.00"},{"v":400,"d":"400.00"},"茶花、得力、美丽雅"]
[117,"厨房工具","削皮器",null,24,{"$nulls":10},0,0,10,1,8,5,"把",10,{"v":240,"d":"240.00"},{"v":0,"d":"0.00"},{"v":0,"d":"0.00"},{"v":0,"d":"0.00"},{"v":100,"d":"100.00"},{"v":10,"d":"10.00"},{"v":80,"d":"80.00"},{"v":50,"d":"50.00"},"任意品牌"]
[118,"厨房工具","不锈钢剪刀","厨房用304不锈钢剪刀",49,{"$nulls":3},30,{"$nulls":6},0,2,10,4,3,null,"把",20,{"v":980,"d":"980.00"},{"v":600,"d":"600.00"},{"v":0,"d":"0.00"},{"v":40,"d":"40.00"},{"v":200,"d":"200.00"},{"v":80,"d":"80.00"},{"v":60,"d":"60.00"},{"v":0,"d":"0.00"},"任意品牌"]
[119,"空调配件","立式空调挡风板",null,22,{"$nulls":10},0,2,10,5,2,3,"个",100,{"v":2200,"d":"2,200.00"},{"v":0,"d":"0.00"},{"v":0,"d":"0.00"},{"v":200,"d":"200.00"},{"v":1000,"d":"1,000.00"},{"v":500,"d":"500.00"},{"v":200,"d":"200.00"},{"v":300,"d":"300.00"},"任意品牌"]
[120,"空调配件","中央空调挡风板","（100cm*30cm）",6,{"$nulls":10},0,0,null,6,null,null,"个",100,{"v":600,"d":"600.00"},{"v":0,"d":"0.00"},{"v":0,"d":"0.00"},{"v":0,"d":"0.00"},{"v":0,"d":"0.00"},{"v":600,"d":"600.00"},{"v":0,"d":"0.00"},{"v":0,"d":"0.00"},"任意品牌"]
[121,null,"玻璃胶枪","中号",16,{"$nulls":10},5,0,5,1,null,5,"套",30,{"v":480,"d":"480.00"},{"v":0,"d":"0.00"},{"v":150,"d":"150.00"},{"v":0,"d":"0.00"},{"v":150,"d":"150.00"},{"v":30,"d":"30.00"},{"v":0,"d":"0.00"},{"v":150,"d":"150.00"},"任意品牌"]
[122,null,"玻璃胶帮","中号",5,{"$nulls":10},0,0,null,0,null,5,"根",15,{"v":75,"d":"75.00"},{"v":0,"d":"0.00"},{"v":0,"d":"0.00"},{"v":0,"d":"0.00"},{"v":0,"d":"0.00"},{"v":0,"d":"0.00"},{"v":0,"d":"0.00"},{"v":75,"d":"75.00"},"任意品牌"]
[123,"清洁类","垃圾铲",null,41,{"$nulls":3},30,{"$nulls":6},0,0,null,8,null,3,"个",20,{"v":820,"d":"820.00"},{"v":600,"d":"600.00"},{"v":0,"d":"0.00"},{"v":0,"d":"0.00"},{"v":0,"d":"0.00"},{"v":160,"d":"160.00"},{"v":0,"d":"0.00"},{"v":60,"d":"60.00"},"任意品牌"]
[124,"厨房工具","筷子","复合材质，塑料抗菌合金筷",1100,{"$nulls":3},1000,{"$nulls":6},0,0,null,100,null,null,"双",4,{"v":4400,"d":"4,400.00"},{"v":4000,"d":"4,000.00"},{"v":0,"d":"0.00"},{"v":0,"d":"0.00"},{"v":0,"d":"0.00"},{"v":400,"d":"400.00"},{"v":0,"d":"0.00"},{"v":0,"d":"0.00"},"任意品牌"]
[125,"厨房工具","筷子","42cm，鸡翅木",3,{"$nulls":10},0,0,null,0,3,null,"对",20,{"v":60,"d":"60.00"},{"v":0,"d":"0.00"},{"v":0,"d":"0.00"},{"v":0,"d":"0.00"},{"v":0,"d":"0.00"},{"v":0,"d":"0.00"},{"v":60,"d":"60.00"},{"v":0,"d":"0.00"}]
[126,"厨房工具","大汤碗","陶瓷，碗口宽小于28cm",55,{"$nulls":10},50,0,null,0,5,null,"个",60,{"v":3300,"d":"3,300.00"},{"v":0,"d":"0.00"},{"v":3000,"d":"3,000.00"},{"v":0,"d":"0.00"},{"v":0,"d":"0.00"},{"v":0,"d":"0.00"},{"v":300,"d":"300.00"},{"v":0,"d":"0.00"},"任意品牌"]
[127,"清洁类","垃圾桶","11L，塑料镂空纸篓",10,{"$nulls":10},0,0,null,0,10,null,"个",12,{"v":120,"d":"120.00"},{"v":0,"d":"0.00"},{"v":0,"d":"0.00"},{"v":0,"d":"0.00"},{"v":0,"d":"0.00"},{"v":0,"d":"0.00"},{"v":120,"d":"120.00"},{"v":0,"d":"0.00"},"任意品牌"]
[128,"清洁类","食用小苏打粉","185g/瓶，清洁杯具用",76,{"$nulls":3},3,{"$nulls":6},0,30,10,9,4,20,"个",15,{"v":1140,"d":"1,140.00"},{"v":45,"d":"45.00"},{"v":0,"d":"0.00"},{"v":450,"d":"450.00"},{"v":150,"d":"150.00"},{"v":135,"d":"135.00"},{"v":60,"d":"60.00"},{"v":300,"d":"300.00"},"任意品牌"]
[129,"安全投入","防毒面具及灭火箱（空箱）","铁皮;34*18*80CM",0,{"$nulls":10},0,0,null,0,null,null,"个",110,{"v":0,"d":"0.00"},{"v":0,"d":"0.00"},{"v":0,"d":"0.00"},{"v":0,"d":"0.00"},{"v":0,"d":"0.00"},{"v":0,"d":"0.00"},{"v":0,"d":"0.00"},{"v":0,"d":"0.00"},"任意品牌"]
[130,null,"电瓶搭电线","4米纯铜;10mm线径;带电压过载保护，反接报警",11,{"$nulls":10},0,0,null,10,1,null,"条",300,{"v":3300,"d":"3,300.00"},{"v":0,"d":"0.00"},{"v":0,"d":"0.00"},{"v":0,"d":"0.00"},{"v":0,"d":"0.00"},{"v":3000,"d":"3,000.00"},{"v":300,"d":"300.00"},{"v":0,"d":"0.00"},"任意品牌"]
[131,null,"卷盘插座","GN-8030；4位10A五孔；30米；过热保护",14,{"$nulls":10},9,0,5,0,null,null,"个",350,{"v":4900,"d":"4,900.00"},{"v":0,"d":"0.00"},{"v":3150,"d":"3,150.00"},{"v":0,"d":"0.00"},{"v":1750,"d":"1,750.00"},{"v":0,"d":"0.00"},{"v":0,"d":"0.00"},{"v":0,"d":"0.00"},"任意品牌"]
[132,null,"螺丝刀套装","33合一、带加长杆",14,{"$nulls":10},2,0,null,1,1,10,"套",{"v":35,"d":"35.00"},{"v":490,"d":"490.00"},{"v":0,"d":"0.00"},{"v":70,"d":"70.00"},{"v":0,"d":"0.00"},{"v":0,"d":"0.00"},{"v":35,"d":"35.00"},{"v":35,"d":"35.00"},{"v":350,"d":"350.00"},"德力西、得力、绿联"]
[133,null,"样品盒","35ML",27000,{"$nulls":3},10000,{"$nulls":6},0,0,null,12000,null,5000,"个",{"v":0.1,"d":"0.10"},{"v":2700,"d":"2,700.00"},{"v":1000,"d":"1,000.00"},{"v":0,"d":"0.00"},{"v":0,"d":"0.00"},{"v":0,"d":"0.00"},{"v":1200,"d":"1,200.00"},{"v":0,"d":"0.00"},{"v":500,"d":"500.00"}]
[134,null,"食品留样盒","6格组合，可循环使用",18,{"$nulls":10},6,6,null,0,1,5,"个",{"v":35,"d":"35.00"},{"v":630,"d":"630.00"},{"v":0,"d":"0.00"},{"v":210,"d":"210.00"},{"v":210,"d":"210.00"},{"v":0,"d":"0.00"},{"v":0,"d":"0.00"},{"v":35,"d":"35.00"},{"v":175,"d":"175.00"}]
[135,null,"平板拖把","不锈钢，60CM",59,{"$nulls":10},10,4,20,10,10,5,"把",80,{"v":4720,"d":"4,720.00"},{"v":0,"d":"0.00"},{"v":800,"d":"800.00"},{"v":320,"d":"320.00"},{"v":1600,"d":"1,600.00"},{"v":800,"d":"800.00"},{"v":800,"d":"800.00"},{"v":400,"d":"400.00"},"美丽雅、暖心话、伊司达"]
[136,null,"刮水器","加粗加厚伸缩杆，硅胶条，180°可旋转",65,{"$nulls":3},20,{"$nulls":6},8,0,20,3,9,5,"个",35,{"v":2275,"d":"2,275.00"},{"v":700,"d":"700.00"},{"v":280,"d":"280.00"},{"v":0,"d":"0.00"},{"v":700,"d":"700.00"},{"v":105,"d":"105.00"},{"v":315,"d":"315.00"},{"v":175,"d":"175.00"},"任意品牌"]
[137,null,"平板拖把杆","加厚不锈钢",60,{"$nulls":10},0,10,30,7,8,5,"个",15,{"v":900,"d":"900.00"},{"v":0,"d":"0.00"},{"v":0,"d":"0.00"},{"v":150,"d":"150.00"},{"v":450,"d":"450.00"},{"v":105,"d":"105.00"},{"v":120,"d":"120.00"},{"v":75,"d":"75.00"},"任意品牌"]
[138,null,"空调挡风板","过滤挡冷热风防风罩壁挂式",18,{"$nulls":7},1,null,null,0,2,null,10,3,2,"块",100,{"v":1800,"d":"1,800.00"},{"v":100,"d":"100.00"},{"v":0,"d":"0.00"},{"v":200,"d":"200.00"},{"v":0,"d":"0.00"},{"v":1000,"d":"1,000.00"},{"v":300,"d":"300.00"},{"v":200,"d":"200.00"},"任意品牌"]
[139,null,"空调挡风板",null,0,{"$nulls":10},0,0,null,0,null,null,"块",100,{"v":0,"d":"0.00"},{"v":0,"d":"0.00"},{"v":0,"d":"0.00"},{"v":0,"d":"0.00"},{"v":0,"d":"0.00"},{"v":0,"d":"0.00"},{"v":0,"d":"0.00"},{"v":0,"d":"0.00"},"任意品牌"]
[140,null,"分类垃圾桶","120L/个，带轮，一套4个，4色，每色一个，每个50*45*90cm以上。环保高密度聚乙烯原料",5,{"$nulls":10},1,3,null,1,null,null,"套",800,{"v":4000,"d":"4,000.00"},{"v":0,"d":"0.00"},{"v":800,"d":"800.00"},{"v":2400,"d":"2,400.00"},{"v":0,"d":"0.00"},{"v":800,"d":"800.00"},{"v":0,"d":"0.00"},{"v":0,"d":"0.00"},"任意品牌"]
[141,null,"花洒","不锈钢增压花洒，带1.5米软管配底座",6,{"$nulls":10},0,3,null,0,3,null,"套",75,{"v":450,"d":"450.00"},{"v":0,"d":"0.00"},{"v":0,"d":"0.00"},{"v":225,"d":"225.00"},{"v":0,"d":"0.00"},{"v":0,"d":"0.00"},{"v":225,"d":"225.00"},{"v":0,"d":"0.00"},"任意品牌"]
[142,null,"滚轮式免手洗胶棉拖把","27cm*110cm",18,{"$nulls":10},2,0,null,4,10,2,"把",{"v":40,"d":"40.00"},{"v":720,"d":"720.00"},{"v":0,"d":"0.00"},{"v":80,"d":"80.00"},{"v":0,"d":"0.00"},{"v":0,"d":"0.00"},{"v":160,"d":"160.00"},{"v":400,"d":"400.00"},{"v":80,"d":"80.00"},"任意品牌"]
[143,null,"钢杆拖把","25cm*40cm*120cm",85,{"$nulls":3},50,{"$nulls":6},0,0,null,0,30,5,"把",{"v":60,"d":"60.00"},{"v":5100,"d":"5,100.00"},{"v":3000,"d":"3,000.00"},{"v":0,"d":"0.00"},{"v":0,"d":"0.00"},{"v":0,"d":"0.00"},{"v":0,"d":"0.00"},{"v":1800,"d":"1,800.00"},{"v":300,"d":"300.00"},"任意品牌"]
[144,null,"削皮刀套装","材质：不锈钢  耐用\n处理瓜果器具",14,{"$nulls":3},1,{"$nulls":6},1,0,null,0,7,5,"套",{"v":18,"d":"18.00"},{"v":252,"d":"252.00"},{"v":18,"d":"18.00"},{"v":18,"d":"18.00"},{"v":0,"d":"0.00"},{"v":0,"d":"0.00"},{"v":0,"d":"0.00"},{"v":126,"d":"126.00"},{"v":90,"d":"90.00"},"任意品牌"]
[145,null,"花洒套装","浴室手持洗澡喷头莲蓬头花洒带软管+底座 淋浴器喷头三件套 Y04063",73,{"$nulls":10},10,0,50,3,null,10,"套",{"v":30,"d":"30.00"},{"v":2190,"d":"2,190.00"},{"v":0,"d":"0.00"},{"v":300,"d":"300.00"},{"v":0,"d":"0.00"},{"v":1500,"d":"1,500.00"},{"v":90,"d":"90.00"},{"v":0,"d":"0.00"},{"v":300,"d":"300.00"},"任意品牌"]
[146,null,"电热蚊香液","电蚊香液无味防蚊驱蚊，加热器*1，蚊香液*3",180,{"$nulls":3},50,{"$nulls":6},10,0,50,50,null,20,"盒",{"v":50,"d":"50.00"},{"v":9000,"d":"9,000.00"},{"v":2500,"d":"2,500.00"},{"v":500,"d":"500.00"},{"v":0,"d":"0.00"},{"v":2500,"d":"2,500.00"},{"v":2500,"d":"2,500.00"},{"v":0,"d":"0.00"},{"v":1000,"d":"1,000.00"},"雷达、榄菊、六神"]
[147,null,"84消毒液","500ml",60,{"$nulls":10},20,0,null,20,20,null,"瓶",{"v":15,"d":"15.00"},{"v":900,"d":"900.00"},{"v":0,"d":"0.00"},{"v":300,"d":"300.00"},{"v":0,"d":"0.00"},{"v":0,"d":"0.00"},{"v":300,"d":"300.00"},{"v":300,"d":"300.00"},{"v":0,"d":"0.00"},"威猛先生、蓝月亮、白猫"]
[148,null,"84消毒液","1.2kg",515,{"$nulls":3},300,{"$nulls":6},0,50,50,20,45,50,"瓶",{"v":20,"d":"20.00"},{"v":10300,"d":"10,300.00"},{"v":6000,"d":"6,000.00"},{"v":0,"d":"0.00"},{"v":1000,"d":"1,000.00"},{"v":1000,"d":"1,000.00"},{"v":400,"d":"400.00"},{"v":900,"d":"900.00"},{"v":1000,"d":"1,000.00"},"威猛先生、蓝月亮、白猫"]
[149,null,"金宝绿水","地面清洁绿水，3.78L",95,{"$nulls":10},20,10,null,10,45,10,"支",50,{"v":4750,"d":"4,750.00"},{"v":0,"d":"0.00"},{"v":1000,"d":"1,000.00"},{"v":500,"d":"500.00"},{"v":0,"d":"0.00"},{"v":500,"d":"500.00"},{"v":2250,"d":"2,250.00"},{"v":500,"d":"500.00"},"任意品牌"]
[150,null,"切菜器","厨房切菜器多功能切丝切擦丝磨蒜",10,{"$nulls":10},0,0,2,1,4,3,"个",{"v":12,"d":"12.00"},{"v":120,"d":"120.00"},{"v":0,"d":"0.00"},{"v":0,"d":"0.00"},{"v":0,"d":"0.00"},{"v":24,"d":"24.00"},{"v":12,"d":"12.00"},{"v":48,"d":"48.00"},{"v":36,"d":"36.00"},"任意品牌"]
[151,null,"铜暗装小便阀","\n小便池冲洗阀手按式厕所小便斗冲水阀门开关 暗装铜体大体",5,{"$nulls":10},0,0,null,5,null,null,"个",{"v":75,"d":"75.00"},{"v":375,"d":"375.00"},{"v":0,"d":"0.00"},{"v":0,"d":"0.00"},{"v":0,"d":"0.00"},{"v":0,"d":"0.00"},{"v":375,"d":"375.00"},{"v":0,"d":"0.00"},{"v":0,"d":"0.00"},"隆泉、兰诗、迪尔或任意品牌"]
[152,null,"水龙头","加长水龙头水嘴4分\n纯铜品质，耐热耐寒",5,{"$nulls":10},0,0,null,5,null,null,"个",{"v":27,"d":"27.00"},{"v":135,"d":"135.00"},{"v":0,"d":"0.00"},{"v":0,"d":"0.00"},{"v":0,"d":"0.00"},{"v":0,"d":"0.00"},{"v":135,"d":"135.00"},{"v":0,"d":"0.00"},{"v":0,"d":"0.00"},"任意品牌"]
[153,null,"面盆水龙头","面盆水龙头冷热 \n304不锈钢健康环保浴室水龙头 \n洗脸盆洗手盆水龙头 041012",2,{"$nulls":10},0,0,null,0,2,null,"个",{"v":195,"d":"195.00"},{"v":390,"d":"390.00"},{"v":0,"d":"0.00"},{"v":0,"d":"0.00"},{"v":0,"d":"0.00"},{"v":0,"d":"0.00"},{"v":0,"d":"0.00"},{"v":390,"d":"390.00"},{"v":0,"d":"0.00"}]
[154,null,"弧形单冷水龙头","\n阀芯：陶瓷片阀芯    \n LD07全铜主体龙头厨房水龙头\n 单冷龙头菜盆水槽洗衣池龙头",10,{"$nulls":10},0,3,null,5,null,2,"个",{"v":85,"d":"85.00"},{"v":850,"d":"850.00"},{"v":0,"d":"0.00"},{"v":0,"d":"0.00"},{"v":255,"d":"255.00"},{"v":0,"d":"0.00"},{"v":425,"d":"425.00"},{"v":0,"d":"0.00"},{"v":170,"d":"170.00"}]
[155,null,"拖把池龙头","数字枝叶水龙头 \n快开单冷铜芯水池龙头洗衣机水嘴 \n合金主体 4分DN15",22,{"$nulls":10},0,3,null,5,4,10,"个",{"v":60,"d":"60.00"},{"v":1320,"d":"1,320.00"},{"v":0,"d":"0.00"},{"v":0,"d":"0.00"},{"v":180,"d":"180.00"},{"v":0,"d":"0.00"},{"v":300,"d":"300.00"},{"v":240,"d":"240.00"},{"v":600,"d":"600.00"},"任意品牌"]
[156,null,"防水胶带"," 生料带 工程加厚生胶带水胶布 防水密封带 角阀水管龙头密封胶带 10M*5卷装 TE2689\n ",220,{"$nulls":10},70,50,30,10,10,50,"个",{"v":2,"d":"2.00"},{"v":440,"d":"440.00"},{"v":0,"d":"0.00"},{"v":140,"d":"140.00"},{"v":100,"d":"100.00"},{"v":60,"d":"60.00"},{"v":20,"d":"20.00"},{"v":20,"d":"20.00"},{"v":100,"d":"100.00"},"任意品牌"]
[157,null,"切肉刀","\n重庆大足7铬不锈钢剔骨\n分割刀割肉刀屠宰刀 HZ-7T07",3,{"$nulls":10},0,0,null,0,3,null,"把",{"v":65,"d":"65.00"},{"v":195,"d":"195.00"},{"v":0,"d":"0.00"},{"v":0,"d":"0.00"},{"v":0,"d":"0.00"},{"v":0,"d":"0.00"},{"v":0,"d":"0.00"},{"v":195,"d":"195.00"},{"v":0,"d":"0.00"},"任意品牌"]
[158,null,"不锈钢水瓢水勺大号","\n家用不锈钢水瓢水勺\n厨房水漂大号勺子盛水舀子铁瓢\n水飘长柄舀水瓢清新绿",8,{"$nulls":10},0,0,null,0,6,2,"个",{"v":26,"d":"26.00"},{"v":208,"d":"208.00"},{"v":0,"d":"0.00"},{"v":0,"d":"0.00"},{"v":0,"d":"0.00"},{"v":0,"d":"0.00"},{"v":0,"d":"0.00"},{"v":156,"d":"156.00"},{"v":52,"d":"52.00"},"任意品牌"]
[159,null,"不锈钢大碗","伍壹尚品 不锈钢大碗 双层加厚直径18cm",220,{"$nulls":10},0,0,null,80,110,30,"个",{"v":16,"d":"16.00"},{"v":3520,"d":"3,520.00"},{"v":0,"d":"0.00"},{"v":0,"d":"0.00"},{"v":0,"d":"0.00"},{"v":0,"d":"0.00"},{"v":1280,"d":"1,280.00"},{"v":1760,"d":"1,760.00"},{"v":480,"d":"480.00"},"任意品牌"]
[160,null,"双耳熟铁锅60cm","炒锅双耳熟铁锅 \n商用食堂饭店双耳炒菜锅 口径约60cm",6,{"$nulls":3},2,{"$nulls":6},1,0,2,0,null,1,"个",{"v":115,"d":"115.00"},{"v":690,"d":"690.00"},{"v":230,"d":"230.00"},{"v":115,"d":"115.00"},{"v":0,"d":"0.00"},{"v":230,"d":"230.00"},{"v":0,"d":"0.00"},{"v":0,"d":"0.00"},{"v":115,"d":"115.00"},"任意品牌"]
[161,null,"双耳熟铁锅46cm","炒锅双耳熟铁锅 \n商用食堂饭店双耳炒菜锅 口径约46cm",1,{"$nulls":10},0,0,null,0,null,1,"个",{"v":83,"d":"83.00"},{"v":83,"d":"83.00"},{"v":0,"d":"0.00"},{"v":0,"d":"0.00"},{"v":0,"d":"0.00"},{"v":0,"d":"0.00"},{"v":0,"d":"0.00"},{"v":0,"d":"0.00"},{"v":83,"d":"83.00"},"任意品牌"]
[162,null,"304不锈钢挂锁","60mm/50mm",67,{"$nulls":10},15,0,20,7,15,10,"个",30,{"v":2010,"d":"2,010.00"},{"v":0,"d":"0.00"},{"v":450,"d":"450.00"},{"v":0,"d":"0.00"},{"v":600,"d":"600.00"},{"v":210,"d":"210.00"},{"v":450,"d":"450.00"},{"v":300,"d":"300.00"},"任意品牌"]
[163,null,"百洁布（洗碗用）",null,110,{"$nulls":10},0,20,20,10,40,20,"块",3,{"v":330,"d":"330.00"},{"v":0,"d":"0.00"},{"v":0,"d":"0.00"},{"v":60,"d":"60.00"},{"v":60,"d":"60.00"},{"v":30,"d":"30.00"},{"v":120,"d":"120.00"},{"v":60,"d":"60.00"}]
[164,null,"PVC食品级手套","100只/盒",150,{"$nulls":3},100,{"$nulls":6},0,12,10,12,6,10,"盒",35,{"v":5250,"d":"5,250.00"},{"v":3500,"d":"3,500.00"},{"v":0,"d":"0.00"},{"v":420,"d":"420.00"},{"v":350,"d":"350.00"},{"v":420,"d":"420.00"},{"v":210,"d":"210.00"},{"v":350,"d":"350.00"}]
[165,null,"防烫手套",null,116,{"$nulls":10},0,0,100,0,6,10,"对",25,{"v":2900,"d":"2,900.00"},{"v":0,"d":"0.00"},{"v":0,"d":"0.00"},{"v":0,"d":"0.00"},{"v":2500,"d":"2,500.00"},{"v":0,"d":"0.00"},{"v":150,"d":"150.00"},{"v":250,"d":"250.00"}]
[166,null,"一次性手套","橡胶手套",840,{"$nulls":3},600,{"$nulls":6},0,0,null,0,140,100,"对",1.2,{"v":1008,"d":"1,008.00"},{"v":720,"d":"720.00"},{"v":0,"d":"0.00"},{"v":0,"d":"0.00"},{"v":0,"d":"0.00"},{"v":0,"d":"0.00"},{"v":168,"d":"168.00"},{"v":120,"d":"120.00"}]
[167,null,"长手套","材质：橡胶  耐用\n加长版 任意色\n40cm左右",559,{"$nulls":3},200,{"$nulls":6},4,50,null,30,75,200,"对",{"v":22,"d":"22.00"},{"v":12298,"d":"12,298.00"},{"v":4400,"d":"4,400.00"},{"v":88,"d":"88.00"},{"v":1100,"d":"1,100.00"},{"v":0,"d":"0.00"},{"v":660,"d":"660.00"},{"v":1650,"d":"1,650.00"},{"v":4400,"d":"4,400.00"},"任意品牌"]
[168,null,"丁腈手套","耐油性，抗过敏，耐撕扯，左右手通用，加长版，50只装",32,{"$nulls":10},4,0,20,8,null,null,"包",{"v":35,"d":"35.00"},{"v":1120,"d":"1,120.00"},{"v":0,"d":"0.00"},{"v":140,"d":"140.00"},{"v":0,"d":"0.00"},{"v":700,"d":"700.00"},{"v":280,"d":"280.00"},{"v":0,"d":"0.00"},{"v":0,"d":"0.00"},"任意品牌"]
[169,null,"棉线手套","细纱棉纱加密加厚耐磨；12副/包",38,{"$nulls":10},30,0,null,0,8,null,"包",{"v":15,"d":"15.00"},{"v":570,"d":"570.00"},{"v":0,"d":"0.00"},{"v":450,"d":"450.00"},{"v":0,"d":"0.00"},{"v":0,"d":"0.00"},{"v":0,"d":"0.00"},{"v":120,"d":"120.00"},{"v":0,"d":"0.00"},"任意品牌"]
[170,null,"餐盘托盘","加厚，内规格，长44.6cm，宽29cm，高3.1cm",2,{"$nulls":10},2,0,null,0,null,null,"个",28,{"v":56,"d":"56.00"},{"v":0,"d":"0.00"},{"v":56,"d":"56.00"},{"v":0,"d":"0.00"},{"v":0,"d":"0.00"},{"v":0,"d":"0.00"},{"v":0,"d":"0.00"},{"v":0,"d":"0.00"},"任意品牌"]
[171,null,"U型锁",null,14,{"$nulls":10},4,0,5,2,null,3,"个",60,{"v":840,"d":"840.00"},{"v":0,"d":"0.00"},{"v":240,"d":"240.00"},{"v":0,"d":"0.00"},{"v":300,"d":"300.00"},{"v":120,"d":"120.00"},{"v":0,"d":"0.00"},{"v":180,"d":"180.00"},"任意品牌"]
[172,null,"不锈钢盆","直径25CM",1,{"$nulls":10},0,0,null,1,null,null,"个",{"v":30,"d":"30.00"},{"v":30,"d":"30.00"},{"v":0,"d":"0.00"},{"v":0,"d":"0.00"},{"v":0,"d":"0.00"},{"v":0,"d":"0.00"},{"v":30,"d":"30.00"},{"v":0,"d":"0.00"},{"v":0,"d":"0.00"},"任意品牌"]
[173,null,"不锈钢碗","304不锈钢，直径12CM",50,{"$nulls":10},0,0,null,0,50,null,"个",{"v":30,"d":"30.00"},{"v":1500,"d":"1,500.00"},{"v":0,"d":"0.00"},{"v":0,"d":"0.00"},{"v":0,"d":"0.00"},{"v":0,"d":"0.00"},{"v":0,"d":"0.00"},{"v":1500,"d":"1,500.00"},{"v":0,"d":"0.00"},"任意品牌"]
[174,null,"不锈钢碗","304不锈钢，直径14CM",390,{"$nulls":3},300,{"$nulls":6},50,0,null,0,null,40,"个",{"v":30,"d":"30.00"},{"v":11700,"d":"11,700.00"},{"v":9000,"d":"9,000.00"},{"v":1500,"d":"1,500.00"},{"v":0,"d":"0.00"},{"v":0,"d":"0.00"},{"v":0,"d":"0.00"},{"v":0,"d":"0.00"},{"v":1200,"d":"1,200.00"},"任意品牌","=DISPIMG(\"ID_ADA940E713D947578CEDD7AF9316CF21\",1)"]
[175,null,"不锈钢汤匙","304不锈钢",670,{"$nulls":3},300,{"$nulls":6},30,30,70,100,60,80,"个",{"v":8,"d":"8.00"},{"v":5360,"d":"5,360.00"},{"v":2400,"d":"2,400.00"},{"v":240,"d":"240.00"},{"v":240,"d":"240.00"},{"v":560,"d":"560.00"},{"v":800,"d":"800.00"},{"v":480,"d":"480.00"},{"v":640,"d":"640.00"},"任意品牌"]
[176,null,"钢丝球",null,200,{"$nulls":3},20,{"$nulls":6},0,0,null,0,160,20,"个",{"v":1.5,"d":"1.50"},{"v":300,"d":"300.00"},{"v":30,"d":"30.00"},{"v":0,"d":"0.00"},{"v":0,"d":"0.00"},{"v":0,"d":"0.00"},{"v":0,"d":"0.00"},{"v":240,"d":"240.00"},{"v":30,"d":"30.00"},"任意品牌"]
[177,null,"不锈钢蒸/汤锅","不锈钢，高度至少25cm,直径口33cm",10,{"$nulls":3},2,{"$nulls":6},0,0,null,3,3,2,"个",{"v":60,"d":"60.00"},{"v":600,"d":"600.00"},{"v":120,"d":"120.00"},{"v":0,"d":"0.00"},{"v":0,"d":"0.00"},{"v":0,"d":"0.00"},{"v":180,"d":"180.00"},{"v":180,"d":"180.00"},{"v":120,"d":"120.00"},"任意品牌"]
[178,null,"商用加厚不锈钢卤水汤锅汤桶专用篦子","不锈钢、加厚、直径43cm",1,{"$nulls":3},1,{"$nulls":6},0,0,null,0,null,null,"个",{"v":50,"d":"50.00"},{"v":50,"d":"50.00"},{"v":50,"d":"50.00"},{"v":0,"d":"0.00"},{"v":0,"d":"0.00"},{"v":0,"d":"0.00"},{"v":0,"d":"0.00"},{"v":0,"d":"0.00"},{"v":0,"d":"0.00"},"任意品牌"]
[179,null,"竹蒸垫/竹达网","直径40cm.厚",10,{"$nulls":3},10,{"$nulls":6},0,0,null,0,null,null,"个",{"v":1,"d":"1.00"},{"v":10,"d":"10.00"},{"v":10,"d":"10.00"},{"v":0,"d":"0.00"},{"v":0,"d":"0.00"},{"v":0,"d":"0.00"},{"v":0,"d":"0.00"},{"v":0,"d":"0.00"},{"v":0,"d":"0.00"},"任意品牌"]
[180,null,"厕所卷纸筒",null,25,{"$nulls":10},12,3,null,10,null,null,"个",50,{"v":1250,"d":"1,250.00"},{"v":0,"d":"0.00"},{"v":600,"d":"600.00"},{"v":150,"d":"150.00"},{"v":0,"d":"0.00"},{"v":500,"d":"500.00"},{"v":0,"d":"0.00"},{"v":0,"d":"0.00"},"任意品牌"]
[181,null,"热水器u型混合水阀","304材质",16,{"$nulls":10},0,2,10,4,null,null,"套",80,{"v":1280,"d":"1,280.00"},{"v":0,"d":"0.00"},{"v":0,"d":"0.00"},{"v":160,"d":"160.00"},{"v":800,"d":"800.00"},{"v":320,"d":"320.00"},{"v":0,"d":"0.00"},{"v":0,"d":"0.00"},"任意品牌"]
[182,null,"工具箱套装","25件套",6,{"$nulls":10},1,0,null,1,1,3,"套",200,{"v":1200,"d":"1,200.00"},{"v":0,"d":"0.00"},{"v":200,"d":"200.00"},{"v":0,"d":"0.00"},{"v":0,"d":"0.00"},{"v":200,"d":"200.00"},{"v":200,"d":"200.00"},{"v":600,"d":"600.00"},"任意品牌"]
[183,null,"不锈钢夹子","不锈钢，防滑胶，长度30CM",52,{"$nulls":10},5,2,20,0,15,10,"个",{"v":20,"d":"20.00"},{"v":1040,"d":"1,040.00"},{"v":0,"d":"0.00"},{"v":100,"d":"100.00"},{"v":40,"d":"40.00"},{"v":400,"d":"400.00"},{"v":0,"d":"0.00"},{"v":300,"d":"300.00"},{"v":200,"d":"200.00"},"任意品牌"]
[184,null,"冰格",null,16,{"$nulls":10},2,3,10,1,null,null,"个",{"v":29,"d":"29.00"},{"v":464,"d":"464.00"},{"v":0,"d":"0.00"},{"v":58,"d":"58.00"},{"v":87,"d":"87.00"},{"v":290,"d":"290.00"},{"v":29,"d":"29.00"},{"v":0,"d":"0.00"},{"v":0,"d":"0.00"},"任意品牌"]
[185,null,"不锈钢电磁炉通用汤锅",null,0,{"$nulls":10},0,0,null,0,null,null,"个",{"v":40,"d":"40.00"},{"v":0,"d":"0.00"},{"v":0,"d":"0.00"},{"v":0,"d":"0.00"},{"v":0,"d":"0.00"},{"v":0,"d":"0.00"},{"v":0,"d":"0.00"},{"v":0,"d":"0.00"},{"v":0,"d":"0.00"},"任意品牌"]
[186,null,"雨伞架","18孔+20勾，黑色",4,{"$nulls":10},2,0,null,1,1,null,"个",{"v":112,"d":"112.00"},{"v":448,"d":"448.00"},{"v":0,"d":"0.00"},{"v":224,"d":"224.00"},{"v":0,"d":"0.00"},{"v":0,"d":"0.00"},{"v":112,"d":"112.00"},{"v":112,"d":"112.00"},{"v":0,"d":"0.00"},"任意品牌"]
[187,null,"洗手水箱","20L，带龙头",0,{"$nulls":10},0,0,null,0,null,null,"个",{"v":65,"d":"65.00"},{"v":0,"d":"0.00"},{"v":0,"d":"0.00"},{"v":0,"d":"0.00"},{"v":0,"d":"0.00"},{"v":0,"d":"0.00"},{"v":0,"d":"0.00"},{"v":0,"d":"0.00"},{"v":0,"d":"0.00"},"任意品牌"]
[188,null,"果篮双层沥水篮","大号",0,{"$nulls":10},0,0,null,0,null,null,"个",{"v":20,"d":"20.00"},{"v":0,"d":"0.00"},{"v":0,"d":"0.00"},{"v":0,"d":"0.00"},{"v":0,"d":"0.00"},{"v":0,"d":"0.00"},{"v":0,"d":"0.00"},{"v":0,"d":"0.00"},{"v":0,"d":"0.00"},"任意品牌"]
[189,null,"木砧板","圆形，铁木、44x15cm",4,{"$nulls":10},1,0,null,1,1,1,"个",{"v":450,"d":"450.00"},{"v":1800,"d":"1,800.00"},{"v":0,"d":"0.00"},{"v":450,"d":"450.00"},{"v":0,"d":"0.00"},{"v":0,"d":"0.00"},{"v":450,"d":"450.00"},{"v":450,"d":"450.00"},{"v":450,"d":"450.00"},"任意品牌"]
[190,null,"木砧板","圆形，铁木、44x6cm",2,{"$nulls":11},2,null,0,null,null,"个",{"v":360,"d":"360.00"},{"v":720,"d":"720.00"},{"v":0,"d":"0.00"},{"v":0,"d":"0.00"},{"v":720,"d":"720.00"},{"v":0,"d":"0.00"},{"v":0,"d":"0.00"},{"v":0,"d":"0.00"},{"v":0,"d":"0.00"},"任意品牌"]
[191,null,"PE砧板","抗菌防霉，43x15cm",2,{"$nulls":10},1,0,null,1,null,null,"个",{"v":438,"d":"438.00"},{"v":876,"d":"876.00"},{"v":0,"d":"0.00"},{"v":438,"d":"438.00"},{"v":0,"d":"0.00"},{"v":0,"d":"0.00"},{"v":438,"d":"438.00"},{"v":0,"d":"0.00"},{"v":0,"d":"0.00"},"任意品牌"]
[192,null,"磨砂玻璃贴膜","90cm×200cm，无胶静电贴，无花纹",0,{"$nulls":10},0,0,null,0,null,null,"张",{"v":30,"d":"30.00"},{"v":0,"d":"0.00"},{"v":0,"d":"0.00"},{"v":0,"d":"0.00"},{"v":0,"d":"0.00"},{"v":0,"d":"0.00"},{"v":0,"d":"0.00"},{"v":0,"d":"0.00"},{"v":0,"d":"0.00"},"任意品牌"]
[193,null,"蟑螂药","杀胶饵",53,{"$nulls":10},0,0,20,10,3,20,"盒",{"v":50,"d":"50.00"},{"v":2650,"d":"2,650.00"},{"v":0,"d":"0.00"},{"v":0,"d":"0.00"},{"v":0,"d":"0.00"},{"v":1000,"d":"1,000.00"},{"v":500,"d":"500.00"},{"v":150,"d":"150.00"},{"v":1000,"d":"1,000.00"},"拜尔"]
[194,null,"脏衣篮","脏衣篮 棕灰渐变色 脏衣篓 脏衣服收纳篮收纳筐【特大号】",0,{"$nulls":10},0,0,null,0,null,null,"个",{"v":50,"d":"50.00"},{"v":0,"d":"0.00"},{"v":0,"d":"0.00"},{"v":0,"d":"0.00"},{"v":0,"d":"0.00"},{"v":0,"d":"0.00"},{"v":0,"d":"0.00"},{"v":0,"d":"0.00"},{"v":0,"d":"0.00"},"任意品牌"]
[195,null,"锅盖手提柄","长度10cm胶质；黑色",2,{"$nulls":10},0,0,null,2,null,null,"个",{"v":10,"d":"10.00"},{"v":20,"d":"20.00"},{"v":0,"d":"0.00"},{"v":0,"d":"0.00"},{"v":0,"d":"0.00"},{"v":0,"d":"0.00"},{"v":20,"d":"20.00"},{"v":0,"d":"0.00"},{"v":0,"d":"0.00"},"任意品牌"]
[196,null,"马桶盖","海立（Haili）88053 马桶盖通用老式盖板坐便器配件 家用上装马桶圈 加厚缓降座便盖子U型",0,{"$nulls":10},0,0,null,0,null,null,"个",{"v":80,"d":"80.00"},{"v":0,"d":"0.00"},{"v":0,"d":"0.00"},{"v":0,"d":"0.00"},{"v":0,"d":"0.00"},{"v":0,"d":"0.00"},{"v":0,"d":"0.00"},{"v":0,"d":"0.00"},{"v":0,"d":"0.00"},"任意品牌"]
[197,null,"茶水桶","蓓尔蓝FW1283茶渣桶办公室过滤桶塑料茶水桶茶叶垃圾桶滤茶桶圆形咖啡色小号",55,{"$nulls":10},20,5,null,0,25,5,"个",{"v":30,"d":"30.00"},{"v":1650,"d":"1,650.00"},{"v":0,"d":"0.00"},{"v":600,"d":"600.00"},{"v":150,"d":"150.00"},{"v":0,"d":"0.00"},{"v":0,"d":"0.00"},{"v":750,"d":"750.00"},{"v":150,"d":"150.00"},"任意品牌"]
[198,null,"蒸笼布"," 硅胶垫 蒸笼布笼屉布不粘蒸布60*40CM硅胶长方形",14,{"$nulls":10},0,0,null,10,4,null,"个",{"v":10,"d":"10.00"},{"v":140,"d":"140.00"},{"v":0,"d":"0.00"},{"v":0,"d":"0.00"},{"v":0,"d":"0.00"},{"v":0,"d":"0.00"},{"v":100,"d":"100.00"},{"v":40,"d":"40.00"},{"v":0,"d":"0.00"},"任意品牌"]
[199,null,"马桶疏通器","马桶疏通器 真空管道疏通器下水道厕所疏通工具 马桶吸皮搋子（新老款随机发货）700095",26,{"$nulls":10},0,0,20,0,6,null,"瓶",{"v":26,"d":"26.00"},{"v":676,"d":"676.00"},{"v":0,"d":"0.00"},{"v":0,"d":"0.00"},{"v":0,"d":"0.00"},{"v":520,"d":"520.00"},{"v":0,"d":"0.00"},{"v":156,"d":"156.00"},{"v":0,"d":"0.00"},"任意品牌"]
[200,null,"不锈钢编织管","304不锈钢编织管 冷热进水软管马桶热水器高压金属连接水管4分 1m(304钢丝带小扳手)",53,{"$nulls":10},0,8,30,5,null,10,"条",{"v":27,"d":"27.00"},{"v":1431,"d":"1,431.00"},{"v":0,"d":"0.00"},{"v":0,"d":"0.00"},{"v":216,"d":"216.00"},{"v":810,"d":"810.00"},{"v":135,"d":"135.00"},{"v":0,"d":"0.00"},{"v":270,"d":"270.00"},"任意品牌"]
[201,null,"苍蝇贴","苍蝇贴粘蝇板(50张量贩装)",33,{"$nulls":3},10,{"$nulls":6},5,0,5,7,6,null,"包",30,{"v":990,"d":"990.00"},{"v":300,"d":"300.00"},{"v":150,"d":"150.00"},{"v":0,"d":"0.00"},{"v":150,"d":"150.00"},{"v":210,"d":"210.00"},{"v":180,"d":"180.00"},{"v":0,"d":"0.00"},"任意品牌"]
[202,null,"苍蝇拍","塑料苍蝇拍（3个装）",2,{"$nulls":10},0,0,null,2,null,null,"个",20,{"v":40,"d":"40.00"},{"v":0,"d":"0.00"},{"v":0,"d":"0.00"},{"v":0,"d":"0.00"},{"v":0,"d":"0.00"},{"v":40,"d":"40.00"},{"v":0,"d":"0.00"},{"v":0,"d":"0.00"},"任意品牌"]
[203,null,"桌垫","140CM*70CM，皮革",0,{"$nulls":10},0,0,null,0,null,null,"张",80,{"v":0,"d":"0.00"},{"v":0,"d":"0.00"},{"v":0,"d":"0.00"},{"v":0,"d":"0.00"},{"v":0,"d":"0.00"},{"v":0,"d":"0.00"},{"v":0,"d":"0.00"},{"v":0,"d":"0.00"},"任意品牌"]
[204,null,"塑料毛刷","塑料毛刷去污刷板刷 便携小板刷手柄清洁刷 硬毛（颜色随机）",34,{"$nulls":10},0,10,null,4,20,null,"个",{"v":11,"d":"11.00"},{"v":374,"d":"374.00"},{"v":0,"d":"0.00"},{"v":0,"d":"0.00"},{"v":110,"d":"110.00"},{"v":0,"d":"0.00"},{"v":44,"d":"44.00"},{"v":220,"d":"220.00"},{"v":0,"d":"0.00"},"任意品牌"]
[205,null,"竹制洗锅刷","直径5厘米，长度30厘米以上",79,{"$nulls":3},20,{"$nulls":6},12,4,20,2,11,10,"把",{"v":10,"d":"10.00"},{"v":790,"d":"790.00"},{"v":200,"d":"200.00"},{"v":120,"d":"120.00"},{"v":40,"d":"40.00"},{"v":200,"d":"200.00"},{"v":20,"d":"20.00"},{"v":110,"d":"110.00"},{"v":100,"d":"100.00"},"任意品牌"]
[206,null,"棕榈长柄洗锅刷",null,8,{"$nulls":10},0,0,null,4,4,null,"把",{"v":10,"d":"10.00"},{"v":80,"d":"80.00"},{"v":0,"d":"0.00"},{"v":0,"d":"0.00"},{"v":0,"d":"0.00"},{"v":0,"d":"0.00"},{"v":40,"d":"40.00"},{"v":40,"d":"40.00"},{"v":0,"d":"0.00"},"任意品牌"]
[207,null,"保鲜膜","商用特大号，300码*长度45cm",45,{"$nulls":3},3,{"$nulls":6},12,0,20,0,null,10,"个",65,{"v":2925,"d":"2,925.00"},{"v":195,"d":"195.00"},{"v":780,"d":"780.00"},{"v":0,"d":"0.00"},{"v":1300,"d":"1,300.00"},{"v":0,"d":"0.00"},{"v":0,"d":"0.00"},{"v":650,"d":"650.00"},"宜之选/万和","=DISPIMG(\"ID_1574CEA6C6854F49A6F68A285BA506FB\",1)"]
[208,null,"不粘锅","酒店、商用炉灶通用，加厚加大直径40cm,",1,{"$nulls":3},1,{"$nulls":6},0,0,{"$nulls":4},"个",200,{"v":200,"d":"200.00"},{"v":200,"d":"200.00"},{"v":0,"d":"0.00"},{"v":0,"d":"0.00"},{"v":0,"d":"0.00"},{"v":0,"d":"0.00"},{"v":0,"d":"0.00"},{"v":0,"d":"0.00"},"苏泊尔、德国、炊大皇","=DISPIMG(\"ID_926E3AE421264F44A9782D8CB0895287\",1)"]
[209,null,"杀鱼刀","商用，复合钢锻打，2号，背厚7mm;刀柄长度110mm;刃长16.5cm",5,{"$nulls":3},2,{"$nulls":6},0,0,2,null,null,1,"把",50,{"v":250,"d":"250.00"},{"v":100,"d":"100.00"},{"v":0,"d":"0.00"},{"v":0,"d":"0.00"},{"v":100,"d":"100.00"},{"v":0,"d":"0.00"},{"v":0,"d":"0.00"},{"v":50,"d":"50.00"},"大吉作","=DISPIMG(\"ID_9B149AFB7787489B88FC0045E55DE955\",1)"]
[210,null,"圆形无底碟炖盅","600ml，口径12.5cm，含盖高11.5cm，不含盖高9cm",80,{"$nulls":10},60,20,{"$nulls":4},"个",{"v":23,"d":"23.00"},{"v":1840,"d":"1,840.00"},{"v":0,"d":"0.00"},{"v":1380,"d":"1,380.00"},{"v":460,"d":"460.00"},{"v":0,"d":"0.00"},{"v":0,"d":"0.00"},{"v":0,"d":"0.00"},{"v":0,"d":"0.00"},"任意品牌","=DISPIMG(\"ID_85C6D207AD124D9FB4B2614FAE2AC3C8\",1)"]
[211,null,"不锈钢带盖饭盒","34cmx23cmx4cm，六格",60,{"$nulls":10},60,0,{"$nulls":4},"个",{"v":45,"d":"45.00"},{"v":2700,"d":"2,700.00"},{"v":0,"d":"0.00"},{"v":2700,"d":"2,700.00"},{"v":0,"d":"0.00"},{"v":0,"d":"0.00"},{"v":0,"d":"0.00"},{"v":0,"d":"0.00"},{"v":0,"d":"0.00"},"任意品牌","=DISPIMG(\"ID_D4148D02201848278474DA481CFA7EDD\",1)"]
[212,null,"蟑螂屋","一盒多枚",36,{"$nulls":10},12,24,{"$nulls":4},"盒",{"v":35,"d":"35.00"},{"v":1260,"d":"1,260.00"},{"v":0,"d":"0.00"},{"v":420,"d":"420.00"},{"v":840,"d":"840.00"},{"v":0,"d":"0.00"},{"v":0,"d":"0.00"},{"v":0,"d":"0.00"},{"v":0,"d":"0.00"},"榄菊、雷达、安速","=DISPIMG(\"ID_F02897F446F848BAAD71BECD95B1480B\",1)"]
[213,null,"老鼠贴",null,150,{"$nulls":10},0,50,100,{"$nulls":3},"块",{"v":6,"d":"6.00"},{"v":900,"d":"900.00"},{"v":0,"d":"0.00"},{"v":0,"d":"0.00"},{"v":300,"d":"300.00"},{"v":600,"d":"600.00"},{"v":0,"d":"0.00"},{"v":0,"d":"0.00"},{"v":0,"d":"0.00"},"任意品牌"]
[214,null,"长光管","LED，T8，16W，AC220V",8,{"$nulls":10},0,8,{"$nulls":4},"条",{"v":20,"d":"20.00"},{"v":160,"d":"160.00"},{"v":0,"d":"0.00"},{"v":0,"d":"0.00"},{"v":160,"d":"160.00"},{"v":0,"d":"0.00"},{"v":0,"d":"0.00"},{"v":0,"d":"0.00"},{"v":0,"d":"0.00"},"任意品牌"]
[215,null,"平板灯","600x600,集成吊顶嵌入式，LED",4,{"$nulls":10},0,4,{"$nulls":4},"个",{"v":80,"d":"80.00"},{"v":320,"d":"320.00"},{"v":0,"d":"0.00"},{"v":0,"d":"0.00"},{"v":320,"d":"320.00"},{"v":0,"d":"0.00"},{"v":0,"d":"0.00"},{"v":0,"d":"0.00"},{"v":0,"d":"0.00"},"任意品牌","=DISPIMG(\"ID_B36324D68590496F928965524C38E536\",1)"]
[216,null,"烟灰缸垃圾桶砂石","灰色砂石 0.5-1.5cm",200,{"$nulls":10},0,0,200,{"$nulls":3},"斤",{"v":8,"d":"8.00"},{"v":1600,"d":"1,600.00"},{"v":0,"d":"0.00"},{"v":0,"d":"0.00"},{"v":0,"d":"0.00"},{"v":1600,"d":"1,600.00"},{"v":0,"d":"0.00"},{"v":0,"d":"0.00"},{"v":0,"d":"0.00"},"任意品牌"]
[217,null,"地垫\n（电梯使用）","绒面环保材质，全艳红色，吸水防滑，电梯用，可不包边，150*165cm",8,{"$nulls":10},0,0,8,{"$nulls":3},"块",{"v":110,"d":"110.00"},{"v":880,"d":"880.00"},{"v":0,"d":"0.00"},{"v":0,"d":"0.00"},{"v":0,"d":"0.00"},{"v":880,"d":"880.00"},{"v":0,"d":"0.00"},{"v":0,"d":"0.00"},{"v":0,"d":"0.00"}]
[218,null,"空气净化器滤芯","米家空气净化器MAX增强版，产品型号：AC-M5-SC，一套两个",10,{"$nulls":10},10,0,{"$nulls":4},"套",{"v":450,"d":"450.00"},{"v":4500,"d":"4,500.00"},{"v":0,"d":"0.00"},{"v":4500,"d":"4,500.00"},{"v":0,"d":"0.00"},{"v":0,"d":"0.00"},{"v":0,"d":"0.00"},{"v":0,"d":"0.00"},{"v":0,"d":"0.00"},"米家","=DISPIMG(\"ID_FB19A504CD5240EA9E54222A915702EF\",1)"]
[219,null,"扫把杆","实木扫把杆，118cm，螺纹接口",50,{"$nulls":10},0,0,50,{"$nulls":3},"根",{"v":8,"d":"8.00"},{"v":400,"d":"400.00"},{"v":0,"d":"0.00"},{"v":0,"d":"0.00"},{"v":0,"d":"0.00"},{"v":400,"d":"400.00"},{"v":0,"d":"0.00"},{"v":0,"d":"0.00"},{"v":0,"d":"0.00"},"任意品牌","=DISPIMG(\"ID_BDE799EA052C42E4B66FF56BDA2C06EC\",1)"]
[220,null,"老鼠笼",null,15,{"$nulls":13},15,null,null,"个",{"v":30,"d":"30.00"},{"v":450,"d":"450.00"},{"v":0,"d":"0.00"},{"v":0,"d":"0.00"},{"v":0,"d":"0.00"},{"v":0,"d":"0.00"},{"v":450,"d":"450.00"},{"v":0,"d":"0.00"},{"v":0,"d":"0.00"}]
[221,null,"配套饭碗、碟、汤匙、茶杯","陶瓷，碗口宽小于11cm,碟宽18cm",60,{"$nulls":13},60,null,null,"套",50,{"v":3000,"d":"3,000.00"},{"v":0,"d":"0.00"},{"v":0,"d":"0.00"},{"v":0,"d":"0.00"},{"v":0,"d":"0.00"},{"v":3000,"d":"3,000.00"},{"v":0,"d":"0.00"},{"v":0,"d":"0.00"}]
[222,null,"筷架","陶瓷",50,{"$nulls":13},50,null,null,"个",10,{"v":500,"d":"500.00"},{"v":0,"d":"0.00"},{"v":0,"d":"0.00"},{"v":0,"d":"0.00"},{"v":0,"d":"0.00"},{"v":500,"d":"500.00"},{"v":0,"d":"0.00"},{"v":0,"d":"0.00"}]
[223,null,"大汤碗","陶瓷，碗口宽25~28cm，深度不小于8cm",6,{"$nulls":13},6,null,null,"个",50,{"v":300,"d":"300.00"},{"v":0,"d":"0.00"},{"v":0,"d":"0.00"},{"v":0,"d":"0.00"},{"v":0,"d":"0.00"},{"v":300,"d":"300.00"},{"v":0,"d":"0.00"},{"v":0,"d":"0.00"}]
[224,null,"蒸饭盘","无孔，304不锈钢，长60cm,宽40cm，高4.5CM",15,{"$nulls":13},15,null,null,"个",80,{"v":1200,"d":"1,200.00"},{"v":0,"d":"0.00"},{"v":0,"d":"0.00"},{"v":0,"d":"0.00"},{"v":0,"d":"0.00"},{"v":1200,"d":"1,200.00"},{"v":0,"d":"0.00"},{"v":0,"d":"0.00"}]
[225,null,"不锈钢筷子","23cm,304不锈钢",140,{"$nulls":13},80,null,60,"双",3,{"v":420,"d":"420.00"},{"v":0,"d":"0.00"},{"v":0,"d":"0.00"},{"v":0,"d":"0.00"},{"v":0,"d":"0.00"},{"v":240,"d":"240.00"},{"v":0,"d":"0.00"},{"v":180,"d":"180.00"}]
[226,null,"桌布","圆桌布防水防油防烫免洗180cm*180cm",6,{"$nulls":13},6,null,null,"张",150,{"v":900,"d":"900.00"},{"v":0,"d":"0.00"},{"v":0,"d":"0.00"},{"v":0,"d":"0.00"},{"v":0,"d":"0.00"},{"v":900,"d":"900.00"},{"v":0,"d":"0.00"},{"v":0,"d":"0.00"}]
[227,null,"酱油小碟子","陶瓷，10cm*10cm",15,{"$nulls":13},15,null,null,"个",5,{"v":75,"d":"75.00"},{"v":0,"d":"0.00"},{"v":0,"d":"0.00"},{"v":0,"d":"0.00"},{"v":0,"d":"0.00"},{"v":75,"d":"75.00"},{"v":0,"d":"0.00"},{"v":0,"d":"0.00"}]
[228,null,"沥水盘","304不锈钢，沥水漏盘，直径不少于32cm，高不少于10cm",5,{"$nulls":13},5,null,null,"个",50,{"v":250,"d":"250.00"},{"v":0,"d":"0.00"},{"v":0,"d":"0.00"},{"v":0,"d":"0.00"},{"v":0,"d":"0.00"},{"v":250,"d":"250.00"},{"v":0,"d":"0.00"},{"v":0,"d":"0.00"}]
[229,null,"水果篮","蔬菜篮子瓜果收纳塑料筐 50*40*20",4,{"$nulls":13},4,null,null,"个",35,{"v":140,"d":"140.00"},{"v":0,"d":"0.00"},{"v":0,"d":"0.00"},{"v":0,"d":"0.00"},{"v":0,"d":"0.00"},{"v":140,"d":"140.00"},{"v":0,"d":"0.00"},{"v":0,"d":"0.00"}]
[230,null,"筷子筒","304加厚不锈钢",8,{"$nulls":13},6,null,2,"个",35,{"v":280,"d":"280.00"},{"v":0,"d":"0.00"},{"v":0,"d":"0.00"},{"v":0,"d":"0.00"},{"v":0,"d":"0.00"},{"v":210,"d":"210.00"},{"v":0,"d":"0.00"},{"v":70,"d":"70.00"}]
[231,null,"炖盅","陶瓷，3.5寸圆形炖盅200ml,口径不大于10cm",80,{"$nulls":13},80,null,null,"个",25,{"v":2000,"d":"2,000.00"},{"v":0,"d":"0.00"},{"v":0,"d":"0.00"},{"v":0,"d":"0.00"},{"v":0,"d":"0.00"},{"v":2000,"d":"2,000.00"},{"v":0,"d":"0.00"},{"v":0,"d":"0.00"}]
[232,null,"水果盘","玻璃水果盘，浅盘",2,{"$nulls":13},2,null,null,"个",15,{"v":30,"d":"30.00"},{"v":0,"d":"0.00"},{"v":0,"d":"0.00"},{"v":0,"d":"0.00"},{"v":0,"d":"0.00"},{"v":30,"d":"30.00"},{"v":0,"d":"0.00"},{"v":0,"d":"0.00"}]
[233,null,"水果盘","玻璃水果盘，深盘",2,{"$nulls":13},2,null,null,"个",25,{"v":50,"d":"50.00"},{"v":0,"d":"0.00"},{"v":0,"d":"0.00"},{"v":0,"d":"0.00"},{"v":0,"d":"0.00"},{"v":50,"d":"50.00"},{"v":0,"d":"0.00"},{"v":0,"d":"0.00"}]
[234,null,"茶杯","陶瓷茶杯，带盖",30,{"$nulls":13},30,null,null,"个",25,{"v":750,"d":"750.00"},{"v":0,"d":"0.00"},{"v":0,"d":"0.00"},{"v":0,"d":"0.00"},{"v":0,"d":"0.00"},{"v":750,"d":"750.00"},{"v":0,"d":"0.00"},{"v":0,"d":"0.00"}]
[235,null,"不锈钢加厚耐烧锅","304加厚不锈钢、80*70CM",1,{"$nulls":13},1,null,null,"个",800,{"v":800,"d":"800.00"},{"v":0,"d":"0.00"},{"v":0,"d":"0.00"},{"v":0,"d":"0.00"},{"v":0,"d":"0.00"},{"v":800,"d":"800.00"},{"v":0,"d":"0.00"},{"v":0,"d":"0.00"}]
[236,null,"饭卡","电子一卡通，IC卡",50,{"$nulls":13},50,null,null,"张",6,{"v":300,"d":"300.00"},{"v":0,"d":"0.00"},{"v":0,"d":"0.00"},{"v":0,"d":"0.00"},{"v":0,"d":"0.00"},{"v":300,"d":"300.00"},{"v":0,"d":"0.00"},{"v":0,"d":"0.00"}]
[237,null,"卷纸","10个1提，4层200克",75,{"$nulls":14},75,null,"提",{"v":35,"d":"35.00"},{"v":2625,"d":"2,625.00"},{"v":0,"d":"0.00"},{"v":0,"d":"0.00"},{"v":0,"d":"0.00"},{"v":0,"d":"0.00"},{"v":0,"d":"0.00"},{"v":2625,"d":"2,625.00"},{"v":0,"d":"0.00"},"任意品牌","=DISPIMG(\"ID_A59E79C7A28B4EE68FDBA119EAC5746B\",1)"]
[238,null,"固体芳香剂",null,70,{"$nulls":14},40,30,"个",{"v":3,"d":"3.00"},{"v":210,"d":"210.00"},{"v":0,"d":"0.00"},{"v":0,"d":"0.00"},{"v":0,"d":"0.00"},{"v":0,"d":"0.00"},{"v":0,"d":"0.00"},{"v":120,"d":"120.00"},{"v":90,"d":"90.00"},"任意品牌","=DISPIMG(\"ID_813D6D889F5C4FA1BBCD8DF37A73FA32\",1)"]
[239,null,"LED灯泡球泡节能灯泡","E27大螺口60瓦白光52W白光",15,{"$nulls":14},5,10,"个",{"v":50,"d":"50.00"},{"v":750,"d":"750.00"},{"v":0,"d":"0.00"},{"v":0,"d":"0.00"},{"v":0,"d":"0.00"},{"v":0,"d":"0.00"},{"v":0,"d":"0.00"},{"v":250,"d":"250.00"},{"v":500,"d":"500.00"},"任意品牌","=DISPIMG(\"ID_7A20262E592A4E678EA9D46E2EAE173A\",1)"]
[240,null,"牙膏","250g",2,{"$nulls":14},2,null,"支",{"v":15,"d":"15.00"},{"v":30,"d":"30.00"},{"v":0,"d":"0.00"},{"v":0,"d":"0.00"},{"v":0,"d":"0.00"},{"v":0,"d":"0.00"},{"v":0,"d":"0.00"},{"v":30,"d":"30.00"},{"v":0,"d":"0.00"},"任意品牌"]
[241,null,"清洁海绵","纳米海绵魔力擦，40片/箱",1,{"$nulls":14},1,null,"箱",{"v":20,"d":"20.00"},{"v":20,"d":"20.00"},{"v":0,"d":"0.00"},{"v":0,"d":"0.00"},{"v":0,"d":"0.00"},{"v":0,"d":"0.00"},{"v":0,"d":"0.00"},{"v":20,"d":"20.00"},{"v":0,"d":"0.00"},"庄太太","=DISPIMG(\"ID_E305D489902E48AA9B08FEB3C5432B00\",1)"]
[242,null,"床架木方条","144*4*3cm \n1.44米长方木方条/木架条/可定制",10,{"$nulls":14},10,null,"条",{"v":12,"d":"12.00"},{"v":120,"d":"120.00"},{"v":0,"d":"0.00"},{"v":0,"d":"0.00"},{"v":0,"d":"0.00"},{"v":0,"d":"0.00"},{"v":0,"d":"0.00"},{"v":120,"d":"120.00"},{"v":0,"d":"0.00"},"任意品牌","=DISPIMG(\"ID_4AA1793353384C07818FE60BF5EA20ED\",1)"]
[243,null,"布围裙","加厚家用防污防油防溅水男女通用家居布围裙",20,{"$nulls":12},20,{"$nulls":3},"条",{"v":10,"d":"10.00"},{"v":200,"d":"200.00"},{"$nulls":7},"任意品牌"]
[244,null,"电蚊拍","电蚊拍充电式灭蚊拍LED灯家用灭捕蚊子",30,{"$nulls":12},30,{"$nulls":3},"个",{"v":50,"d":"50.00"},{"v":1500,"d":"1,500.00"},{"$nulls":7},"任意品牌"]
[245,null,"人字梯","家用人字梯加厚折叠铝合金六步梯多功能双侧用",2,{"$nulls":12},1,null,null,1,"把",{"v":600,"d":"600.00"},{"v":1200,"d":"1,200.00"},{"$nulls":7},"任意品牌","=DISPIMG(\"ID_C61411F863D14F9393BDEA29840D80CE\",1)"]
[246,null,"人字梯","人字梯加厚梯子铝合金梯多功能折叠10步梯子",1,{"$nulls":12},1,{"$nulls":3},"把",{"v":1200,"d":"1200.00"},{"v":1200,"d":"1,200.00"},{"$nulls":7},"任意品牌","=DISPIMG(\"ID_B2C42F6B752F4B8A85C4EE19D5795CC4\",1)"]
["合计",{"$nulls":22},1107507.5,291285.5,138918.8,127205.6,139769,146322.6,111742,148164]
["交货地址：\n1.广东省东莞市东城街道东城运河路5号；（公司本部）\n2.东莞市东城街道榴花西街19号大业物流园内（第一分公司）\n3.广东省东莞市寮步镇向西旭升路5号1栋（第二分公司）\n4.东莞市沙田镇稔洲山边路103号（第三分公司）\n5.东莞市道滘镇万道路2号华科城创新产业孵化园5栋（第四分公司）\n6.东莞市横沥镇中山东路82号骏业大厦五楼（第五分公司）\n7.东莞市塘厦镇蛟坪大道83A号星河科技园二楼（第六分公司）"]

{"sheet":"年度明细表","index":2,"n_rows":163,"n_cols":33,"rows_kept":163,"hidden":true,"merged":[[0,0,0,32],[161,0,161,22],[162,0,162,32]],"flags":["formulas_cached_only"]}
["2023年全年办公文具需求计划清单！！！！"]
["序号","公司","名称","规格型号","汇总数量","财务部","运营管理部","工程管理部","办公室","设备管理部","合同管理部","技术管理部","安全监管部","党群人事部","信息管理部","第一分公司","第二分公司","第三分公司","第四分公司","第五分公司","第六分公司","单位","单价（元）","金额（元）","本部总价","第一分公司总价","第二分公司总价","第三分公司总价","第四分公司总价","第五分公司总价","第六分公司总价","推荐品牌","备注"]
[1,"东泽公司","中性按钮笔","GP1008 ；0.5mm；12支/盒",659,null,10,10,80,10,10,10,10,30,8,36,100,50,147,48,100,"盒",{"v":30,"d":"30.00"},{"v":19770,"d":"19,770.00"},{"v":5340,"d":"5,340.00"},{"v":1080,"d":"1,080.00"},{"v":3000,"d":"3,000.00"},{"v":1500,"d":"1,500.00"},{"v":4410,"d":"4,410.00"},{"v":1440,"d":"1,440.00"},{"v":3000,"d":"3,000.00"}]
[2,"东泽公司","中性签字笔","UB-150；0.5mm；10支/盒",24,null,null,2,{"$nulls":6},2,5,0,5,null,5,5,"盒",{"v":80,"d":"80.00"},{"v":1920,"d":"1,920.00"},{"v":320,"d":"320.00"},{"v":400,"d":"400.00"},{"v":0,"d":"0.00"},{"v":400,"d":"400.00"},{"v":0,"d":"0.00"},{"v":400,"d":"400.00"},{"v":400,"d":"400.00"}]
[3,"东泽公司","中性签字笔","UB-177；0.7mm；12支/盒",13,{"$nulls":10},0,4,5,null,4,null,"盒",{"v":120,"d":"120.00"},{"v":1560,"d":"1,560.00"},{"v":0,"d":"0.00"},{"v":0,"d":"0.00"},{"v":480,"d":"480.00"},{"v":600,"d":"600.00"},{"v":0,"d":"0.00"},{"v":480,"d":"480.00"},{"v":0,"d":"0.00"}]
[4,"东泽公司","中性按钮笔","K35 ；0.5mm；12支/盒",343,{"$nulls":3},30,{"$nulls":3},10,20,null,172,0,50,22,9,30,"盒",35,{"v":12005,"d":"12,005.00"},{"v":2100,"d":"2,100.00"},{"v":6020,"d":"6,020.00"},{"v":0,"d":"0.00"},{"v":1750,"d":"1,750.00"},{"v":770,"d":"770.00"},{"v":315,"d":"315.00"},{"v":1050,"d":"1,050.00"},"得力、晨光、金得利"]
[5,"东泽公司","中性按钮笔","A12 ；黑色0.5mm；12支/盒",30,{"$nulls":10},0,30,{"$nulls":4},"盒",42,{"v":1260,"d":"1,260.00"},{"v":0,"d":"0.00"},{"v":0,"d":"0.00"},{"v":1260,"d":"1,260.00"},{"v":0,"d":"0.00"},{"v":0,"d":"0.00"},{"v":0,"d":"0.00"},{"v":0,"d":"0.00"},"得力、晨光、金得利"]
[6,"东泽公司","中性签字笔","Q7 ；0.5mm；12支/盒",185,{"$nulls":9},2,46,40,50,5,2,40,"盒",15,{"v":2775,"d":"2,775.00"},{"v":30,"d":"30.00"},{"v":690,"d":"690.00"},{"v":600,"d":"600.00"},{"v":750,"d":"750.00"},{"v":75,"d":"75.00"},{"v":30,"d":"30.00"},{"v":600,"d":"600.00"},"得力、晨光、金得利"]
[7,"东泽公司","按动中性笔芯","0.5mm；40支/盒",24,{"$nulls":7},5,null,3,0,0,null,12,4,null,"盒",{"v":28,"d":"28.00"},{"v":672,"d":"672.00"},{"v":224,"d":"224.00"},{"v":0,"d":"0.00"},{"v":0,"d":"0.00"},{"v":0,"d":"0.00"},{"v":336,"d":"336.00"},{"v":112,"d":"112.00"},{"v":0,"d":"0.00"},"得力、晨光、金得利"]
[8,"东泽公司","中性笔芯","0.5mm；40支/盒",12,{"$nulls":10},0,0,null,12,null,null,"盒",{"v":24,"d":"24.00"},{"v":288,"d":"288.00"},{"v":0,"d":"0.00"},{"v":0,"d":"0.00"},{"v":0,"d":"0.00"},{"v":0,"d":"0.00"},{"v":288,"d":"288.00"},{"v":0,"d":"0.00"},{"v":0,"d":"0.00"},"得力、晨光、金得利"]
[9,"东泽公司","红色 签字笔","0.5mm；12支/盒",180,2,4,2,5,null,3,3,2,null,2,65,50,10,19,3,10,"盒",{"v":10.5,"d":"10.50"},{"v":1890,"d":"1,890.00"},{"v":241.5,"d":"241.50"},{"v":682.5,"d":"682.50"},{"v":525,"d":"525.00"},{"v":105,"d":"105.00"},{"v":199.5,"d":"199.50"},{"v":31.5,"d":"31.50"},{"v":105,"d":"105.00"},"得力、晨光、金得利"]
[10,"东泽公司","铅笔","2B；12支/盒",162,null,null,4,5,4,3,3,2,null,3,17,40,20,24,7,30,"盒",{"v":12,"d":"12.00"},{"v":1944,"d":"1,944.00"},{"v":288,"d":"288.00"},{"v":204,"d":"204.00"},{"v":480,"d":"480.00"},{"v":240,"d":"240.00"},{"v":288,"d":"288.00"},{"v":84,"d":"84.00"},{"v":360,"d":"360.00"},"中华、得力、真彩"]
[11,"东泽公司","自动铅笔","笔芯0.5MM",102,{"$nulls":9},3,8,0,null,21,20,50,"支",{"v":5,"d":"5.00"},{"v":510,"d":"510.00"},{"v":15,"d":"15.00"},{"v":40,"d":"40.00"},{"v":0,"d":"0.00"},{"v":0,"d":"0.00"},{"v":105,"d":"105.00"},{"v":100,"d":"100.00"},{"v":250,"d":"250.00"},"任意品牌"]
[12,"东泽公司","自动铅笔芯","2B笔芯0.5MM，20根/盒",125,{"$nulls":9},3,3,0,null,9,10,100,"盒",{"v":5,"d":"5.00"},{"v":625,"d":"625.00"},{"v":15,"d":"15.00"},{"v":15,"d":"15.00"},{"v":0,"d":"0.00"},{"v":0,"d":"0.00"},{"v":45,"d":"45.00"},{"v":50,"d":"50.00"},{"v":500,"d":"500.00"},"任意品牌"]
[13,"东泽公司","荧光笔","黄色",200,null,null,10,30,6,null,null,5,null,4,20,20,30,42,13,20,"支",{"v":4,"d":"4.00"},{"v":800,"d":"800.00"},{"v":220,"d":"220.00"},{"v":80,"d":"80.00"},{"v":80,"d":"80.00"},{"v":120,"d":"120.00"},{"v":168,"d":"168.00"},{"v":52,"d":"52.00"},{"v":80,"d":"80.00"},"任意品牌"]
[14,"东泽公司","荧光笔","绿色",219,null,null,10,30,6,10,10,5,null,4,20,20,30,42,12,20,"支",{"v":4,"d":"4.00"},{"v":876,"d":"876.00"},{"v":300,"d":"300.00"},{"v":80,"d":"80.00"},{"v":80,"d":"80.00"},{"v":120,"d":"120.00"},{"v":168,"d":"168.00"},{"v":48,"d":"48.00"},{"v":80,"d":"80.00"},"任意品牌"]
[15,"东泽公司","荧光笔","蓝色",268,100,{"$nulls":3},6,10,10,null,null,4,20,20,30,36,12,20,"支",{"v":4,"d":"4.00"},{"v":1072,"d":"1,072.00"},{"v":520,"d":"520.00"},{"v":80,"d":"80.00"},{"v":80,"d":"80.00"},{"v":120,"d":"120.00"},{"v":144,"d":"144.00"},{"v":48,"d":"48.00"},{"v":80,"d":"80.00"},"任意品牌"]
[16,"东泽公司","荧光笔","粉色",238,100,{"$nulls":3},6,{"$nulls":4},4,10,20,30,36,12,20,"支",{"v":4,"d":"4.00"},{"v":952,"d":"952.00"},{"v":440,"d":"440.00"},{"v":40,"d":"40.00"},{"v":80,"d":"80.00"},{"v":120,"d":"120.00"},{"v":144,"d":"144.00"},{"v":48,"d":"48.00"},{"v":80,"d":"80.00"},"任意品牌"]
[17,"东泽公司","小双头油性笔","细头：0.5mm；粗头1.5mm",244,null,5,null,12,6,{"$nulls":4},5,60,50,null,45,11,50,"支",{"v":2,"d":"2.00"},{"v":488,"d":"488.00"},{"v":56,"d":"56.00"},{"v":120,"d":"120.00"},{"v":100,"d":"100.00"},{"v":0,"d":"0.00"},{"v":90,"d":"90.00"},{"v":22,"d":"22.00"},{"v":100,"d":"100.00"},"得力、齐心、广博"]
[18,"东泽公司","记号笔","双头两用油性记号笔黑色大头笔大容量速干防水不掉色粗头",195,null,5,{"$nulls":7},2,54,30,null,62,12,30,"支",5,{"v":975,"d":"975.00"},{"v":35,"d":"35.00"},{"v":270,"d":"270.00"},{"v":150,"d":"150.00"},{"v":0,"d":"0.00"},{"v":310,"d":"310.00"},{"v":60,"d":"60.00"},{"v":150,"d":"150.00"},"任意品牌"]
[19,"东泽公司","油漆笔","12支/盒；DL-S576白",23,{"$nulls":10},14,0,null,8,1,null,"盒",{"v":29,"d":"29.00"},{"v":667,"d":"667.00"},{"v":0,"d":"0.00"},{"v":406,"d":"406.00"},{"v":0,"d":"0.00"},{"v":0,"d":"0.00"},{"v":232,"d":"232.00"},{"v":29,"d":"29.00"},{"v":0,"d":"0.00"},"任意品牌"]
[20,"东泽公司","金霸王电池","5号；简装40粒一盒",207,1,4,2,5,1,3,3,1,1,4,19,55,15,30,13,50,"盒",{"v":80,"d":"80.00"},{"v":16560,"d":"16,560.00"},{"v":2000,"d":"2,000.00"},{"v":1520,"d":"1,520.00"},{"v":4400,"d":"4,400.00"},{"v":1200,"d":"1,200.00"},{"v":2400,"d":"2,400.00"},{"v":1040,"d":"1,040.00"},{"v":4000,"d":"4,000.00"}]
[21,"东泽公司","金霸王电池","7号；简装40粒一盒",173,null,4,4,3,1,2,2,1,1,4,24,30,20,27,20,30,"盒",{"v":80,"d":"80.00"},{"v":13840,"d":"13,840.00"},{"v":1760,"d":"1,760.00"},{"v":1920,"d":"1,920.00"},{"v":2400,"d":"2,400.00"},{"v":1600,"d":"1,600.00"},{"v":2160,"d":"2,160.00"},{"v":1600,"d":"1,600.00"},{"v":2400,"d":"2,400.00"}]
[22,"东泽公司","电池","碱性9V伏电池；10粒装",1,{"$nulls":10},0,0,null,1,null,null,"盒",{"v":89,"d":"89.00"},{"v":89,"d":"89.00"},{"v":0,"d":"0.00"},{"v":0,"d":"0.00"},{"v":0,"d":"0.00"},{"v":0,"d":"0.00"},{"v":89,"d":"89.00"},{"v":0,"d":"0.00"},{"v":0,"d":"0.00"},null,"=DISPIMG(\"ID_33E7DC48B71D4564B7D10AE10F620EC2\",1)"]
[23,"东泽公司","电池","碱性电池23A12V；5粒装",1,{"$nulls":10},0,0,null,1,null,null,"件",{"v":16,"d":"16.00"},{"v":16,"d":"16.00"},{"v":0,"d":"0.00"},{"v":0,"d":"0.00"},{"v":0,"d":"0.00"},{"v":0,"d":"0.00"},{"v":16,"d":"16.00"},{"v":0,"d":"0.00"},{"v":0,"d":"0.00"}]
[24,"东泽公司","纽扣电池","3V, CR2032，5粒装",31,{"$nulls":10},10,15,{"$nulls":3},6,"件",{"v":20,"d":"20.00"},{"v":620,"d":"620.00"},{"v":0,"d":"0.00"},{"v":200,"d":"200.00"},{"v":300,"d":"300.00"},{"v":0,"d":"0.00"},{"v":0,"d":"0.00"},{"v":0,"d":"0.00"},{"v":120,"d":"120.00"}]
[25,"东泽公司","长尾夹","15mm；60只/筒",745,2,10,12,50,null,30,30,10,30,5,123,150,100,65,28,100,"筒",{"v":10,"d":"10.00"},{"v":7450,"d":"7,450.00"},{"v":1790,"d":"1,790.00"},{"v":1230,"d":"1,230.00"},{"v":1500,"d":"1,500.00"},{"v":1000,"d":"1,000.00"},{"v":650,"d":"650.00"},{"v":280,"d":"280.00"},{"v":1000,"d":"1,000.00"},"得力、晨光、金得利"]
[26,"东泽公司","长尾夹","19mm；40只/筒",657,2,10,12,30,null,30,30,10,20,5,133,80,100,63,32,100,"筒",{"v":8,"d":"8.00"},{"v":5256,"d":"5,256.00"},{"v":1192,"d":"1,192.00"},{"v":1064,"d":"1,064.00"},{"v":640,"d":"640.00"},{"v":800,"d":"800.00"},{"v":504,"d":"504.00"},{"v":256,"d":"256.00"},{"v":800,"d":"800.00"},"得力、晨光、金得利"]
[27,"东泽公司","长尾夹","25mm 48只/筒",210,{"$nulls":10},0,80,80,null,null,50,"筒",{"v":14,"d":"14.00"},{"v":2940,"d":"2,940.00"},{"v":0,"d":"0.00"},{"v":0,"d":"0.00"},{"v":1120,"d":"1,120.00"},{"v":1120,"d":"1,120.00"},{"v":0,"d":"0.00"},{"v":0,"d":"0.00"},{"v":700,"d":"700.00"},"得力、晨光、金得利"]
[28,"东泽公司","长尾夹","32mm；24只/筒",585,null,10,12,30,null,30,30,10,10,5,118,80,80,65,25,80,"筒",{"v":12,"d":"12.00"},{"v":7020,"d":"7,020.00"},{"v":1644,"d":"1,644.00"},{"v":1416,"d":"1,416.00"},{"v":960,"d":"960.00"},{"v":960,"d":"960.00"},{"v":780,"d":"780.00"},{"v":300,"d":"300.00"},{"v":960,"d":"960.00"},"得力、晨光、金得利"]
[29,"东泽公司","长尾夹","51mm；12只/筒",460,null,10,10,10,null,30,30,10,2,5,83,70,50,83,7,60,"筒",{"v":15,"d":"15.00"},{"v":6900,"d":"6,900.00"},{"v":1605,"d":"1,605.00"},{"v":1245,"d":"1,245.00"},{"v":1050,"d":"1,050.00"},{"v":750,"d":"750.00"},{"v":1245,"d":"1,245.00"},{"v":105,"d":"105.00"},{"v":900,"d":"900.00"},"得力、晨光、金得利"]
[30,"东泽公司","美工刀","33225，大号，塑料",150,2,5,null,10,{"$nulls":3},5,null,null,34,20,null,45,9,20,"把",{"v":8,"d":"8.00"},{"v":1200,"d":"1,200.00"},{"v":176,"d":"176.00"},{"v":272,"d":"272.00"},{"v":160,"d":"160.00"},{"v":0,"d":"0.00"},{"v":360,"d":"360.00"},{"v":72,"d":"72.00"},{"v":160,"d":"160.00"},"得力、晨光、齐心"]
[31,"东泽公司","笔记本","A5/25k；145mm*212mm；封面仿皮烫银，内页80克道林纸灰色印刷，100页/本，含插销，不少于3个插卡位置，含北京、上海、广州、东莞地铁图",725,10,20,22,20,null,15,15,5,20,10,65,150,100,132,41,100,"本",{"v":30,"d":"30.00"},{"v":21750,"d":"21,750.00"},{"v":4110,"d":"4,110.00"},{"v":1950,"d":"1,950.00"},{"v":4500,"d":"4,500.00"},{"v":3000,"d":"3,000.00"},{"v":3960,"d":"3,960.00"},{"v":1230,"d":"1,230.00"},{"v":3000,"d":"3,000.00"},"任意品牌"]
[32,"东泽公司","软抄本","A5",520,{"$nulls":3},50,{"$nulls":6},125,150,30,87,28,50,"本",{"v":2.5,"d":"2.50"},{"v":1300,"d":"1,300.00"},{"v":125,"d":"125.00"},{"v":312.5,"d":"312.50"},{"v":375,"d":"375.00"},{"v":75,"d":"75.00"},{"v":217.5,"d":"217.50"},{"v":70,"d":"70.00"},{"v":125,"d":"125.00"},"任意品牌"]
[33,"东泽公司","软抄本","A6",115,{"$nulls":3},10,{"$nulls":6},10,40,30,15,null,10,"本",{"v":2,"d":"2.00"},{"v":230,"d":"230.00"},{"v":20,"d":"20.00"},{"v":20,"d":"20.00"},{"v":80,"d":"80.00"},{"v":60,"d":"60.00"},{"v":30,"d":"30.00"},{"v":0,"d":"0.00"},{"v":20,"d":"20.00"},"任意品牌"]
[34,"东泽公司","直尺","30cm；塑料",176,{"$nulls":3},10,3,5,5,null,5,7,24,30,30,34,13,10,"把",{"v":4,"d":"4.00"},{"v":704,"d":"704.00"},{"v":140,"d":"140.00"},{"v":96,"d":"96.00"},{"v":120,"d":"120.00"},{"v":120,"d":"120.00"},{"v":136,"d":"136.00"},{"v":52,"d":"52.00"},{"v":40,"d":"40.00"},"任意品牌"]
[35,"东泽公司","回形针","普通；29mm；100个/盒",891,null,20,10,50,10,15,15,10,50,7,156,100,100,79,69,200,"盒",{"v":2,"d":"2.00"},{"v":1782,"d":"1,782.00"},{"v":374,"d":"374.00"},{"v":312,"d":"312.00"},{"v":200,"d":"200.00"},{"v":200,"d":"200.00"},{"v":158,"d":"158.00"},{"v":138,"d":"138.00"},{"v":400,"d":"400.00"},"任意品牌"]
[36,"东泽公司","回形针","彩色；29mm；100个/盒",395,null,50,null,30,3,10,10,3,3,3,40,100,80,51,12,null,"盒",{"v":2,"d":"2.00"},{"v":790,"d":"790.00"},{"v":224,"d":"224.00"},{"v":80,"d":"80.00"},{"v":200,"d":"200.00"},{"v":160,"d":"160.00"},{"v":102,"d":"102.00"},{"v":24,"d":"24.00"},{"v":0,"d":"0.00"},"任意品牌"]
[37,"东泽公司","复印纸","红色；A4；80g/m2；108um厚；96.4%不透明度；零尘埃度；500张/包；5包/箱",20,{"$nulls":3},5,{"$nulls":6},3,1,5,0,null,6,"包",50,{"v":1000,"d":"1,000.00"},{"v":250,"d":"250.00"},{"v":150,"d":"150.00"},{"v":50,"d":"50.00"},{"v":250,"d":"250.00"},{"v":0,"d":"0.00"},{"v":0,"d":"0.00"},{"v":300,"d":"300.00"},"得力、天章、晨光"," 附第三方检测报告"]
[38,"东泽公司","复印纸","A4；80g/m2；108um厚；96.4%不透明度；零尘埃度；500张/包；5包/箱",1186,{"$nulls":3},300,{"$nulls":6},216,200,120,121,69,160,"箱",{"v":150,"d":"150.00"},{"v":177900,"d":"177,900.00"},{"v":45000,"d":"45,000.00"},{"v":32400,"d":"32,400.00"},{"v":30000,"d":"30,000.00"},{"v":18000,"d":"18,000.00"},{"v":18150,"d":"18,150.00"},{"v":10350,"d":"10,350.00"},{"v":24000,"d":"24,000.00"},"得力、天章、晨光"," 附第三方检测报告"]
[39,"东泽公司","复印纸","A3；80g/m2；108um厚；96.4%不透明度；零尘埃度；500张/包；5包/箱",204,{"$nulls":3},30,{"$nulls":6},62,50,30,15,null,17,"箱",{"v":300,"d":"300.00"},{"v":61200,"d":"61,200.00"},{"v":9000,"d":"9,000.00"},{"v":18600,"d":"18,600.00"},{"v":15000,"d":"15,000.00"},{"v":9000,"d":"9,000.00"},{"v":4500,"d":"4,500.00"},{"v":0,"d":"0.00"},{"v":5100,"d":"5,100.00"},"得力、天章、晨光"," 附第三方检测报告"]
[40,"东泽公司","带孔文件袋","2/3/4孔，100个/包",17,{"$nulls":10},1,0,10,6,null,null,"包",{"v":28,"d":"28.00"},{"v":476,"d":"476.00"},{"v":0,"d":"0.00"},{"v":28,"d":"28.00"},{"v":0,"d":"0.00"},{"v":280,"d":"280.00"},{"v":168,"d":"168.00"},{"v":0,"d":"0.00"},{"v":0,"d":"0.00"},"任意品牌","=DISPIMG(\"ID_D7AE1F2DF30541F397556FF4CB7C4F71\",1)"]
[41,"东泽公司","防水格子袋","A4",814,{"$nulls":3},100,10,20,20,20,20,20,230,80,80,110,24,80,"个",{"v":2,"d":"2.00"},{"v":1628,"d":"1,628.00"},{"v":420,"d":"420.00"},{"v":460,"d":"460.00"},{"v":160,"d":"160.00"},{"v":160,"d":"160.00"},{"v":220,"d":"220.00"},{"v":48,"d":"48.00"},{"v":160,"d":"160.00"},"得力、齐心、广博"]
[42,"东泽公司","文件袋","A5牛皮纸绑扣文件袋",220,{"$nulls":3},30,{"$nulls":6},10,0,null,80,null,100,"个",2,{"v":440,"d":"440.00"},{"v":60,"d":"60.00"},{"v":20,"d":"20.00"},{"v":0,"d":"0.00"},{"v":0,"d":"0.00"},{"v":160,"d":"160.00"},{"v":0,"d":"0.00"},{"v":200,"d":"200.00"},"任意品牌","=DISPIMG(\"ID_73A2F231824848799DB5A59AB9BA20F3\",1)"]
[43,"东泽公司","透明文件袋","A4，按扣，10个装",2235,null,40,10,100,{"$nulls":5},10,190,50,100,185,50,1500,"个",{"v":2,"d":"2.00"},{"v":4470,"d":"4,470.00"},{"v":320,"d":"320.00"},{"v":380,"d":"380.00"},{"v":100,"d":"100.00"},{"v":200,"d":"200.00"},{"v":370,"d":"370.00"},{"v":100,"d":"100.00"},{"v":3000,"d":"3,000.00"},"得力、齐心、晨光"]
[44,"东泽公司","网格文件袋","B5",36,{"$nulls":10},10,0,20,6,null,null,"个",{"v":3,"d":"3.00"},{"v":108,"d":"108.00"},{"v":0,"d":"0.00"},{"v":30,"d":"30.00"},{"v":0,"d":"0.00"},{"v":60,"d":"60.00"},{"v":18,"d":"18.00"},{"v":0,"d":"0.00"},{"v":0,"d":"0.00"},"得力、齐心、广博"]
[45,"东泽公司","网格拉链袋","A3",286,{"$nulls":3},25,{"$nulls":6},120,60,30,11,20,20,"个",{"v":8,"d":"8.00"},{"v":2288,"d":"2,288.00"},{"v":200,"d":"200.00"},{"v":960,"d":"960.00"},{"v":480,"d":"480.00"},{"v":240,"d":"240.00"},{"v":88,"d":"88.00"},{"v":160,"d":"160.00"},{"v":160,"d":"160.00"},"得力、齐心、广博"]
[46,"东泽公司","网格拉链袋","A4",766,null,50,null,100,{"$nulls":6},100,120,100,122,74,100,"个",{"v":5,"d":"5.00"},{"v":3830,"d":"3,830.00"},{"v":750,"d":"750.00"},{"v":500,"d":"500.00"},{"v":600,"d":"600.00"},{"v":500,"d":"500.00"},{"v":610,"d":"610.00"},{"v":370,"d":"370.00"},{"v":500,"d":"500.00"},"得力、齐心、广博"]
[47,"东泽公司","网格拉链袋","A5",30,{"$nulls":10},10,0,20,0,null,null,"个",{"v":3,"d":"3.00"},{"v":90,"d":"90.00"},{"v":0,"d":"0.00"},{"v":30,"d":"30.00"},{"v":0,"d":"0.00"},{"v":60,"d":"60.00"},{"v":0,"d":"0.00"},{"v":0,"d":"0.00"},{"v":0,"d":"0.00"},"得力、齐心、广博"]
[48,"东泽公司","档案袋","340*240*30mm",230,{"$nulls":3},100,{"$nulls":6},90,0,null,40,null,null,"个",{"v":1,"d":"1.00"},{"v":230,"d":"230.00"},{"v":100,"d":"100.00"},{"v":90,"d":"90.00"},{"v":0,"d":"0.00"},{"v":0,"d":"0.00"},{"v":40,"d":"40.00"},{"v":0,"d":"0.00"},{"v":0,"d":"0.00"},"任意品牌"]
[49,"东泽公司","透明胶带","60mm*100y",364,null,null,4,20,{"$nulls":4},5,2,65,60,50,55,3,100,"卷",{"v":9,"d":"9.00"},{"v":3276,"d":"3,276.00"},{"v":279,"d":"279.00"},{"v":585,"d":"585.00"},{"v":540,"d":"540.00"},{"v":450,"d":"450.00"},{"v":495,"d":"495.00"},{"v":27,"d":"27.00"},{"v":900,"d":"900.00"},"任意品牌"]
[50,"东泽公司","便利贴","76*76mm；100张/包；单色",651,null,null,10,100,5,15,15,5,null,5,100,120,80,82,14,100,"包　",{"v":9,"d":"9.00"},{"v":5859,"d":"5,859.00"},{"v":1395,"d":"1,395.00"},{"v":900,"d":"900.00"},{"v":1080,"d":"1,080.00"},{"v":720,"d":"720.00"},{"v":738,"d":"738.00"},{"v":126,"d":"126.00"},{"v":900,"d":"900.00"},"任意品牌"]
[51,"东泽公司","便利标签","76*19mm；四色荧光色；4pcs*100张",534,50,null,10,100,null,10,10,5,null,5,80,60,50,61,43,50,"包",{"v":5,"d":"5.00"},{"v":2670,"d":"2,670.00"},{"v":950,"d":"950.00"},{"v":400,"d":"400.00"},{"v":300,"d":"300.00"},{"v":250,"d":"250.00"},{"v":305,"d":"305.00"},{"v":215,"d":"215.00"},{"v":250,"d":"250.00"},"任意品牌"]
[52,"东泽公司","便利标签","44mm*7mm；半色平头，可书写",464,null,5,12,100,null,25,25,5,null,5,45,50,80,32,30,50,"包",{"v":8,"d":"8.00"},{"v":3712,"d":"3,712.00"},{"v":1416,"d":"1,416.00"},{"v":360,"d":"360.00"},{"v":400,"d":"400.00"},{"v":640,"d":"640.00"},{"v":256,"d":"256.00"},{"v":240,"d":"240.00"},{"v":400,"d":"400.00"},"任意品牌"]
[53,"东泽公司","便利标签","44mm*12mm；纯色透明可书写",547,null,5,12,100,5,30,30,5,80,5,10,100,80,25,30,30,"包",{"v":8,"d":"8.00"},{"v":4376,"d":"4,376.00"},{"v":2176,"d":"2,176.00"},{"v":80,"d":"80.00"},{"v":800,"d":"800.00"},{"v":640,"d":"640.00"},{"v":200,"d":"200.00"},{"v":240,"d":"240.00"},{"v":240,"d":"240.00"},"任意品牌"]
[54,"东泽公司","橡皮擦","2B；32*22*13mm",497,20,5,10,15,6,15,15,5,50,10,65,80,50,77,24,50,"块",{"v":1,"d":"1.00"},{"v":497,"d":"497.00"},{"v":151,"d":"151.00"},{"v":65,"d":"65.00"},{"v":80,"d":"80.00"},{"v":50,"d":"50.00"},{"v":77,"d":"77.00"},{"v":24,"d":"24.00"},{"v":50,"d":"50.00"},"任意品牌"]
[55,"东泽公司","橡筋圈","3214；50g/盒",30,{"$nulls":3},10,{"$nulls":7},10,{"$nulls":3},10,"盒",{"v":7,"d":"7.00"},{"v":210,"d":"210.00"},{"v":70,"d":"70.00"},{"v":0,"d":"0.00"},{"v":70,"d":"70.00"},{"v":0,"d":"0.00"},{"v":0,"d":"0.00"},{"v":0,"d":"0.00"},{"v":70,"d":"70.00"},"任意品牌"]
[56,"东泽公司","大号橡筋圈","扁平条，适用于捆绑文件",20,{"$nulls":11},10,{"$nulls":3},10,"包",{"v":20,"d":"20.00"},{"v":400,"d":"400.00"},{"v":0,"d":"0.00"},{"v":0,"d":"0.00"},{"v":200,"d":"200.00"},{"v":0,"d":"0.00"},{"v":0,"d":"0.00"},{"v":0,"d":"0.00"},{"v":200,"d":"200.00"},"任意品牌"]
[57,"东泽公司","塑料笔筒","92*92*105mm，多功能笔筒",138,{"$nulls":3},50,2,{"$nulls":4},3,null,30,30,12,5,6,"个",{"v":12,"d":"12.00"},{"v":1656,"d":"1,656.00"},{"v":660,"d":"660.00"},{"v":0,"d":"0.00"},{"v":360,"d":"360.00"},{"v":360,"d":"360.00"},{"v":144,"d":"144.00"},{"v":60,"d":"60.00"},{"v":72,"d":"72.00"},"任意品牌"]
[58,"东泽公司","透明书写板","315*225mm",473,{"$nulls":3},10,5,{"$nulls":3},10,3,83,120,80,68,34,60,"块",{"v":10,"d":"10.00"},{"v":4730,"d":"4,730.00"},{"v":280,"d":"280.00"},{"v":830,"d":"830.00"},{"v":1200,"d":"1,200.00"},{"v":800,"d":"800.00"},{"v":680,"d":"680.00"},{"v":340,"d":"340.00"},{"v":600,"d":"600.00"},"得力、齐心、晨光","适用于A4纸"]
[59,"东泽公司","三格文件架","三联；加厚；PP材质；314*258*262mm（蓝色）",97,null,5,null,20,{"$nulls":5},2,5,30,30,0,null,5,"个",{"v":28,"d":"28.00"},{"v":2716,"d":"2,716.00"},{"v":756,"d":"756.00"},{"v":140,"d":"140.00"},{"v":840,"d":"840.00"},{"v":840,"d":"840.00"},{"v":0,"d":"0.00"},{"v":0,"d":"0.00"},{"v":140,"d":"140.00"},"任意品牌"]
[60,"东泽公司","三层文件架","三层；加厚；PP材质；338*260*260mm（蓝色）",133,null,5,null,20,{"$nulls":5},2,16,30,30,20,5,5,"个",{"v":35,"d":"35.00"},{"v":4655,"d":"4,655.00"},{"v":945,"d":"945.00"},{"v":560,"d":"560.00"},{"v":1050,"d":"1,050.00"},{"v":1050,"d":"1,050.00"},{"v":700,"d":"700.00"},{"v":175,"d":"175.00"},{"v":175,"d":"175.00"},"任意品牌"]
[61,"东泽公司","削笔器","可调粗细手摇",47,2,null,2,3,{"$nulls":6},10,8,null,10,2,10,"个",{"v":40,"d":"40.00"},{"v":1880,"d":"1,880.00"},{"v":280,"d":"280.00"},{"v":400,"d":"400.00"},{"v":320,"d":"320.00"},{"v":0,"d":"0.00"},{"v":400,"d":"400.00"},{"v":80,"d":"80.00"},{"v":400,"d":"400.00"},"任意品牌"]
[62,"东泽公司","取订器",null,256,null,5,4,6,null,15,15,5,null,3,43,50,50,27,3,30,"个",{"v":5,"d":"5.00"},{"v":1280,"d":"1,280.00"},{"v":265,"d":"265.00"},{"v":215,"d":"215.00"},{"v":250,"d":"250.00"},{"v":250,"d":"250.00"},{"v":135,"d":"135.00"},{"v":15,"d":"15.00"},{"v":150,"d":"150.00"},"任意品牌"]
[63,"东泽公司","印台","朱肉；φ80mm",118,15,null,null,30,{"$nulls":4},2,null,10,12,10,3,6,30,"个",{"v":42,"d":"42.00"},{"v":4956,"d":"4,956.00"},{"v":1974,"d":"1,974.00"},{"v":420,"d":"420.00"},{"v":504,"d":"504.00"},{"v":420,"d":"420.00"},{"v":126,"d":"126.00"},{"v":252,"d":"252.00"},{"v":1260,"d":"1,260.00"}]
[64,"东泽公司","印油","30g；明色朱液",36,3,null,null,30,{"$nulls":6},0,0,null,0,3,null,"瓶",{"v":20,"d":"20.00"},{"v":720,"d":"720.00"},{"v":660,"d":"660.00"},{"v":0,"d":"0.00"},{"v":0,"d":"0.00"},{"v":0,"d":"0.00"},{"v":0,"d":"0.00"},{"v":60,"d":"60.00"},{"v":0,"d":"0.00"}]
[65,"东泽公司","印油","回墨印油，颜色：红色",32,2,{"$nulls":9},2,4,10,4,null,10,"瓶",30,{"v":960,"d":"960.00"},{"v":60,"d":"60.00"},{"v":60,"d":"60.00"},{"v":120,"d":"120.00"},{"v":300,"d":"300.00"},{"v":120,"d":"120.00"},{"v":0,"d":"0.00"},{"v":300,"d":"300.00"},"任意品牌"]
[66,"东泽公司","印章","内容“此复印件与原件相同”字样，颜色：蓝色",21,1,null,null,2,{"$nulls":4},1,null,1,5,null,3,4,4,"个",50,{"v":1050,"d":"1,050.00"},{"v":200,"d":"200.00"},{"v":50,"d":"50.00"},{"v":250,"d":"250.00"},{"v":0,"d":"0.00"},{"v":150,"d":"150.00"},{"v":200,"d":"200.00"},{"v":200,"d":"200.00"},"任意品牌","=DISPIMG(\"ID_7404AD1EE9D84D21BB3F64C702F982C2\",1)"]
[67,"东泽公司","印章","内容“现金付讫”字样，颜色：红色",8,1,{"$nulls":7},1,null,1,0,null,1,4,null,"个",50,{"v":400,"d":"400.00"},{"v":100,"d":"100.00"},{"v":50,"d":"50.00"},{"v":0,"d":"0.00"},{"v":0,"d":"0.00"},{"v":50,"d":"50.00"},{"v":200,"d":"200.00"},{"v":0,"d":"0.00"},"任意品牌","=DISPIMG(\"ID_B076625E213C43EAA1D10C868E28329D\",1)"]
[68,"东泽公司","印章","内容“微信付讫”字样，颜色：红色",2,{"$nulls":10},1,0,null,1,null,null,"个",50,{"v":100,"d":"100.00"},{"v":0,"d":"0.00"},{"v":50,"d":"50.00"},{"v":0,"d":"0.00"},{"v":0,"d":"0.00"},{"v":50,"d":"50.00"},{"v":0,"d":"0.00"},{"v":0,"d":"0.00"},"任意品牌","=DISPIMG(\"ID_478F6CF8E0DC44DB8180B89775181B48\",1)"]
[69,"东泽公司","印章","内容“作废”字样，颜色：红色",15,2,null,null,2,{"$nulls":4},1,null,2,5,null,3,null,null,"个",25,{"v":375,"d":"375.00"},{"v":125,"d":"125.00"},{"v":50,"d":"50.00"},{"v":125,"d":"125.00"},{"v":0,"d":"0.00"},{"v":75,"d":"75.00"},{"v":0,"d":"0.00"},{"v":0,"d":"0.00"},"任意品牌","=DISPIMG(\"ID_6F5488FF6F85493E9176E0B8A6DE072E\",1)"]
[70,"东泽公司","印章垫","财务印章专用垫，软胶垫，厚4mm，直径16-18cm，折痕少，弹性好",21,3,null,null,5,{"$nulls":4},1,null,0,5,null,1,null,6,"个",20,{"v":420,"d":"420.00"},{"v":180,"d":"180.00"},{"v":0,"d":"0.00"},{"v":100,"d":"100.00"},{"v":0,"d":"0.00"},{"v":20,"d":"20.00"},{"v":0,"d":"0.00"},{"v":120,"d":"120.00"},"任意品牌"]
[71,"东泽公司","信封","大A4",1000,{"$nulls":3},200,{"$nulls":4},300,null,0,200,null,100,null,200,"个",{"v":0.6,"d":"0.60"},{"v":600,"d":"600.00"},{"v":300,"d":"300.00"},{"v":0,"d":"0.00"},{"v":120,"d":"120.00"},{"v":0,"d":"0.00"},{"v":60,"d":"60.00"},{"v":0,"d":"0.00"},{"v":120,"d":"120.00"},"任意品牌"]
[72,"东泽公司","排插","GN-B3440；8位；总控；1.8米",240,null,2,null,30,1,5,5,2,null,2,56,40,40,18,9,30,"个",{"v":50,"d":"50.00"},{"v":12000,"d":"12,000.00"},{"v":2350,"d":"2,350.00"},{"v":2800,"d":"2,800.00"},{"v":2000,"d":"2,000.00"},{"v":2000,"d":"2,000.00"},{"v":900,"d":"900.00"},{"v":450,"d":"450.00"},{"v":1500,"d":"1,500.00"},"公牛、飞利浦、小米"]
[73,"东泽公司","排插","GN-B3043；4位；分控；1.8米",139,1,2,null,5,null,5,5,null,null,1,47,0,30,9,14,20,"个",{"v":40,"d":"40.00"},{"v":5560,"d":"5,560.00"},{"v":760,"d":"760.00"},{"v":1880,"d":"1,880.00"},{"v":0,"d":"0.00"},{"v":1200,"d":"1,200.00"},{"v":360,"d":"360.00"},{"v":560,"d":"560.00"},{"v":800,"d":"800.00"},"公牛、飞利浦、小米"]
[74,"东泽公司","排插","GN-B333U；USB插座；6位；总控；1.8米",167,{"$nulls":3},30,null,5,5,null,null,1,10,10,40,26,20,20,"个",100,{"v":16700,"d":"16,700.00"},{"v":4100,"d":"4,100.00"},{"v":1000,"d":"1,000.00"},{"v":1000,"d":"1,000.00"},{"v":4000,"d":"4,000.00"},{"v":2600,"d":"2,600.00"},{"v":2000,"d":"2,000.00"},{"v":2000,"d":"2,000.00"},"公牛、飞利浦、小米","=DISPIMG(\"ID_55D181D5F356488896A41E9AB998E608\",1)"]
[75,"东泽公司","排插","4位；总控；3米",30,{"$nulls":11},30,{"$nulls":4},"个",40,{"v":1200,"d":"1,200.00"},{"v":0,"d":"0.00"},{"v":0,"d":"0.00"},{"v":1200,"d":"1,200.00"},{"v":0,"d":"0.00"},{"v":0,"d":"0.00"},{"v":0,"d":"0.00"},{"v":0,"d":"0.00"},"任意品牌"]
[76,"东泽公司","胶水","100ml",185,null,null,6,50,null,10,10,{"$nulls":3},30,0,null,26,3,50,"支",{"v":3,"d":"3.00"},{"v":555,"d":"555.00"},{"v":228,"d":"228.00"},{"v":90,"d":"90.00"},{"v":0,"d":"0.00"},{"v":0,"d":"0.00"},{"v":78,"d":"78.00"},{"v":9,"d":"9.00"},{"v":150,"d":"150.00"},"任意品牌"]
[77,"东泽公司","液体胶水","50ml, 海绵头",140,{"$nulls":10},10,30,{"$nulls":3},100,"支",{"v":2,"d":"2.00"},{"v":280,"d":"280.00"},{"v":0,"d":"0.00"},{"v":20,"d":"20.00"},{"v":60,"d":"60.00"},{"v":0,"d":"0.00"},{"v":0,"d":"0.00"},{"v":0,"d":"0.00"},{"v":200,"d":"200.00"},"任意品牌"]
[78,"东泽公司","磁吸","30mm,一排12个",115,null,2,null,3,{"$nulls":6},70,10,null,15,5,10,"排",{"v":8,"d":"8.00"},{"v":920,"d":"920.00"},{"v":40,"d":"40.00"},{"v":560,"d":"560.00"},{"v":80,"d":"80.00"},{"v":0,"d":"0.00"},{"v":120,"d":"120.00"},{"v":40,"d":"40.00"},{"v":80,"d":"80.00"},"任意品牌"]
[79,"东泽公司","长方形塑料A4文件篮子","30cm*21cm",152,{"$nulls":10},60,20,50,2,null,20,"个",{"v":15,"d":"15.00"},{"v":2280,"d":"2,280.00"},{"v":0,"d":"0.00"},{"v":900,"d":"900.00"},{"v":300,"d":"300.00"},{"v":750,"d":"750.00"},{"v":30,"d":"30.00"},{"v":0,"d":"0.00"},{"v":300,"d":"300.00"},"任意品牌"]
[80,"东泽公司","剪刀","170MM",271,null,6,4,50,null,5,5,5,5,null,55,20,50,34,12,20,"把",{"v":6,"d":"6.00"},{"v":1626,"d":"1,626.00"},{"v":480,"d":"480.00"},{"v":330,"d":"330.00"},{"v":120,"d":"120.00"},{"v":300,"d":"300.00"},{"v":204,"d":"204.00"},{"v":72,"d":"72.00"},{"v":120,"d":"120.00"},"任意品牌"]
[81,"东泽公司","笔筒",null,220,{"$nulls":5},5,5,{"$nulls":3},80,60,50,7,3,10,"个",{"v":10,"d":"10.00"},{"v":2200,"d":"2,200.00"},{"v":100,"d":"100.00"},{"v":800,"d":"800.00"},{"v":600,"d":"600.00"},{"v":500,"d":"500.00"},{"v":70,"d":"70.00"},{"v":30,"d":"30.00"},{"v":100,"d":"100.00"},"任意品牌"]
[82,"东泽公司","档案盒","A4-35mm；颜色：蓝色；尺寸320mm*235mm",70,{"$nulls":3},20,{"$nulls":6},10,0,null,0,20,20,"个",8,{"v":560,"d":"560.00"},{"v":160,"d":"160.00"},{"v":80,"d":"80.00"},{"v":0,"d":"0.00"},{"v":0,"d":"0.00"},{"v":0,"d":"0.00"},{"v":160,"d":"160.00"},{"v":160,"d":"160.00"},"任意品牌","=DISPIMG(\"ID_BC18B83C934042748961EB5419676A92\",1)"]
[83,"东泽公司","档案盒","55mm；粘扣式；蓝色",200,{"$nulls":10},180,0,null,0,null,20,"个",{"v":8,"d":"8.00"},{"v":1600,"d":"1,600.00"},{"v":0,"d":"0.00"},{"v":1440,"d":"1,440.00"},{"v":0,"d":"0.00"},{"v":0,"d":"0.00"},{"v":0,"d":"0.00"},{"v":0,"d":"0.00"},{"v":160,"d":"160.00"},"任意品牌","=DISPIMG(\"ID_E00AF6D906B04D80B30141FAB44EC663\",1)"]
[84,"东泽公司","档案盒","55mm；磁扣式；蓝色",330,{"$nulls":10},180,0,null,150,null,null,"个",{"v":23,"d":"23.00"},{"v":7590,"d":"7,590.00"},{"v":0,"d":"0.00"},{"v":4140,"d":"4,140.00"},{"v":0,"d":"0.00"},{"v":0,"d":"0.00"},{"v":3450,"d":"3,450.00"},{"v":0,"d":"0.00"},{"v":0,"d":"0.00"},"任意品牌","=DISPIMG(\"ID_BCC95014FCCC41F3B6BBA34DF4AF462E\",1)"]
[85,"东泽公司","档案盒","A4；75mm；PP材质；蓝色；硬纸板；带夹",1081,null,20,null,50,10,20,20,10,200,5,40,200,200,10,96,200,"个",{"v":28,"d":"28.00"},{"v":30268,"d":"30,268.00"},{"v":9380,"d":"9,380.00"},{"v":1120,"d":"1,120.00"},{"v":5600,"d":"5,600.00"},{"v":5600,"d":"5,600.00"},{"v":280,"d":"280.00"},{"v":2688,"d":"2,688.00"},{"v":5600,"d":"5,600.00"},"任意品牌","=DISPIMG(\"ID_18318ED1E1234D79B44E45F9AD5A2AA3\",1)"]
[86,"东泽公司","快劳文件夹","背宽73mm，塑料款，蓝色",40,{"$nulls":10},0,40,null,0,null,null,"个",20,{"v":800,"d":"800.00"},{"v":0,"d":"0.00"},{"v":0,"d":"0.00"},{"v":800,"d":"800.00"},{"v":0,"d":"0.00"},{"v":0,"d":"0.00"},{"v":0,"d":"0.00"},{"v":0,"d":"0.00"},"任意品牌","=DISPIMG(\"ID_C8346DAA861B46128AF56C505BE4CF26\",1)"]
[87,"东泽公司","档案盒","A4牛皮纸档案盒，背宽20，材料厚度0.9mm.；无酸纸",60,{"$nulls":10},0,0,null,0,60,null,"个",{"v":6.5,"d":"6.50"},{"v":390,"d":"390.00"},{"v":0,"d":"0.00"},{"v":0,"d":"0.00"},{"v":0,"d":"0.00"},{"v":0,"d":"0.00"},{"v":0,"d":"0.00"},{"v":390,"d":"390.00"},{"v":0,"d":"0.00"},"任意品牌"]
[88,"东泽公司","档案盒","A4牛皮纸档案盒，背宽30，材料厚度0.9mm.；无酸纸",520,{"$nulls":10},50,400,null,0,70,null,"个",{"v":7,"d":"7.00"},{"v":3640,"d":"3,640.00"},{"v":0,"d":"0.00"},{"v":350,"d":"350.00"},{"v":2800,"d":"2,800.00"},{"v":0,"d":"0.00"},{"v":0,"d":"0.00"},{"v":490,"d":"490.00"},{"v":0,"d":"0.00"},"任意品牌"]
[89,"东泽公司","档案盒","A4牛皮纸档案盒，背宽50mm，材料厚度0.9mm.；无酸纸",1035,null,20,{"$nulls":8},200,400,null,150,165,100,"个",{"v":10,"d":"10.00"},{"v":10350,"d":"10,350.00"},{"v":200,"d":"200.00"},{"v":2000,"d":"2,000.00"},{"v":4000,"d":"4,000.00"},{"v":0,"d":"0.00"},{"v":1500,"d":"1,500.00"},{"v":1650,"d":"1,650.00"},{"v":1000,"d":"1,000.00"},"任意品牌"]
[90,"东泽公司","档案盒","A4牛皮纸档案盒，背宽80mm，材料厚度0.9mm.；无酸纸",305,null,30,{"$nulls":8},65,50,null,0,110,50,"个",{"v":10,"d":"10.00"},{"v":3050,"d":"3,050.00"},{"v":300,"d":"300.00"},{"v":650,"d":"650.00"},{"v":500,"d":"500.00"},{"v":0,"d":"0.00"},{"v":0,"d":"0.00"},{"v":1100,"d":"1,100.00"},{"v":500,"d":"500.00"},"任意品牌"]
[91,"东泽公司","档案盒","A4牛皮纸档案盒，背宽100mm，材料厚度0.9mm.；无酸纸",340,null,10,{"$nulls":6},50,null,20,0,50,100,60,50,"个",10,{"v":3400,"d":"3,400.00"},{"v":600,"d":"600.00"},{"v":200,"d":"200.00"},{"v":0,"d":"0.00"},{"v":500,"d":"500.00"},{"v":1000,"d":"1,000.00"},{"v":600,"d":"600.00"},{"v":500,"d":"500.00"},"任意品牌"]
[92,"东泽公司"," 档案盒"," A4无酸纸档案盒，侧脊50mm，材料厚度8mm-10mm；文书档案盒",655,{"$nulls":8},50,null,400,0,80,0,75,50,"个",8,{"v":5240,"d":"5,240.00"},{"v":400,"d":"400.00"},{"v":3200,"d":"3,200.00"},{"v":0,"d":"0.00"},{"v":640,"d":"640.00"},{"v":0,"d":"0.00"},{"v":600,"d":"600.00"},{"v":400,"d":"400.00"},"任意品牌"]
[93,"东泽公司","投票箱","30cm*30cm；六面全红无字，铝合金，亚克力面板，推拉门设计，透明",4,{"$nulls":10},1,0,null,1,null,2,"个",{"v":45,"d":"45.00"},{"v":180,"d":"180.00"},{"v":0,"d":"0.00"},{"v":45,"d":"45.00"},{"v":0,"d":"0.00"},{"v":0,"d":"0.00"},{"v":45,"d":"45.00"},{"v":0,"d":"0.00"},{"v":90,"d":"90.00"},"任意品牌","=DISPIMG(\"ID_C69EE7790DCC4A0AA8DB1DA80E846917\",1)"]
[94,"东泽公司","白板磁条"," 蓝色；15*200mm；20根一包",44,{"$nulls":3},5,{"$nulls":4},2,null,13,0,10,3,1,10,"包",{"v":50,"d":"50.00"},{"v":2200,"d":"2,200.00"},{"v":350,"d":"350.00"},{"v":650,"d":"650.00"},{"v":0,"d":"0.00"},{"v":500,"d":"500.00"},{"v":150,"d":"150.00"},{"v":50,"d":"50.00"},{"v":500,"d":"500.00"},"任意品牌"]
[95,"东泽公司","过塑机","a3；七档调节；速度460mm/min",0,{"$nulls":10},0,0,null,0,null,null,"台",{"v":429,"d":"429.00"},{"v":0,"d":"0.00"},{"v":0,"d":"0.00"},{"v":0,"d":"0.00"},{"v":0,"d":"0.00"},{"v":0,"d":"0.00"},{"v":0,"d":"0.00"},{"v":0,"d":"0.00"},{"v":0,"d":"0.00"},"任意品牌"]
[96,"东泽公司","过塑膜","220*305mm；A4/7C；100张/包",29,{"$nulls":10},2,2,10,3,2,10,"包",{"v":42,"d":"42.00"},{"v":1218,"d":"1,218.00"},{"v":0,"d":"0.00"},{"v":84,"d":"84.00"},{"v":84,"d":"84.00"},{"v":420,"d":"420.00"},{"v":126,"d":"126.00"},{"v":84,"d":"84.00"},{"v":420,"d":"420.00"},"任意品牌"]
[97,"东泽公司","高粘性双面胶","18MM*9Y",257,null,null,6,{"$nulls":5},10,2,42,50,50,35,12,50,"卷",{"v":2,"d":"2.00"},{"v":514,"d":"514.00"},{"v":36,"d":"36.00"},{"v":84,"d":"84.00"},{"v":100,"d":"100.00"},{"v":100,"d":"100.00"},{"v":70,"d":"70.00"},{"v":24,"d":"24.00"},{"v":100,"d":"100.00"},"任意品牌"]
[98,"东泽公司","泡沫双面胶","36mm*5y 10卷装",200,{"$nulls":9},2,40,40,40,30,8,40,"条",{"v":35,"d":"35.00"},{"v":7000,"d":"7,000.00"},{"v":70,"d":"70.00"},{"v":1400,"d":"1,400.00"},{"v":1400,"d":"1,400.00"},{"v":1400,"d":"1,400.00"},{"v":1050,"d":"1,050.00"},{"v":280,"d":"280.00"},{"v":1400,"d":"1,400.00"},"任意品牌","=DISPIMG(\"ID_3724C16C49C645DF888CF9E99FA96231\",1)"]
[99,"东泽公司","钥匙牌","24个/筒",32,null,null,1,{"$nulls":5},5,5,2,3,10,1,null,5,"盒",{"v":20,"d":"20.00"},{"v":640,"d":"640.00"},{"v":220,"d":"220.00"},{"v":40,"d":"40.00"},{"v":60,"d":"60.00"},{"v":200,"d":"200.00"},{"v":20,"d":"20.00"},{"v":0,"d":"0.00"},{"v":100,"d":"100.00"},"任意品牌","=DISPIMG(\"ID_31053F4E75994DBE82BED410CF0D9F18\",1)"]
[100,"东泽公司","白板笔","10支/盒（黑色、蓝色、红色、绿色、黄色）",123,null,1,null,30,1,1,1,null,5,null,13,10,null,25,26,10,"盒",{"v":12,"d":"12.00"},{"v":1476,"d":"1,476.00"},{"v":468,"d":"468.00"},{"v":156,"d":"156.00"},{"v":120,"d":"120.00"},{"v":0,"d":"0.00"},{"v":300,"d":"300.00"},{"v":312,"d":"312.00"},{"v":120,"d":"120.00"},"得力、晨光、金得利","=DISPIMG(\"ID_D6C39A65F68D47CBA11C7BE80C4D068B\",1)"]
[101,"东泽公司","硬盘包","1T、2T",51,{"$nulls":9},5,20,20,null,6,null,null,"个",{"v":22,"d":"22.00"},{"v":1122,"d":"1,122.00"},{"v":110,"d":"110.00"},{"v":440,"d":"440.00"},{"v":440,"d":"440.00"},{"v":0,"d":"0.00"},{"v":132,"d":"132.00"},{"v":0,"d":"0.00"},{"v":0,"d":"0.00"},"任意品牌"]
[102,"东泽公司","订书钉","不锈钢10#",414,{"$nulls":3},50,{"$nulls":4},15,5,85,0,80,59,null,120,"盒",{"v":4,"d":"4.00"},{"v":1656,"d":"1,656.00"},{"v":280,"d":"280.00"},{"v":340,"d":"340.00"},{"v":0,"d":"0.00"},{"v":320,"d":"320.00"},{"v":236,"d":"236.00"},{"v":0,"d":"0.00"},{"v":480,"d":"480.00"},"任意品牌"]
[103,"东泽公司","订书钉","不锈钢12#",539,{"$nulls":3},50,15,50,50,15,15,5,27,100,40,82,30,60,"盒",{"v":4.5,"d":"4.50"},{"v":2425.5,"d":"2,425.50"},{"v":900,"d":"900.00"},{"v":121.5,"d":"121.50"},{"v":450,"d":"450.00"},{"v":180,"d":"180.00"},{"v":369,"d":"369.00"},{"v":135,"d":"135.00"},{"v":270,"d":"270.00"},"任意品牌"]
[104,"东泽公司","订书钉","24/8",30,{"$nulls":11},30,{"$nulls":4},"盒",{"v":4.5,"d":"4.50"},{"v":135,"d":"135.00"},{"v":0,"d":"0.00"},{"v":0,"d":"0.00"},{"v":135,"d":"135.00"},{"v":0,"d":"0.00"},{"v":0,"d":"0.00"},{"v":0,"d":"0.00"},{"v":0,"d":"0.00"},"任意品牌"]
[105,"东泽公司","旋转订书机","得力0414",33,{"$nulls":10},7,5,null,11,null,10,"个",{"v":16,"d":"16.00"},{"v":528,"d":"528.00"},{"v":0,"d":"0.00"},{"v":112,"d":"112.00"},{"v":80,"d":"80.00"},{"v":0,"d":"0.00"},{"v":176,"d":"176.00"},{"v":0,"d":"0.00"},{"v":160,"d":"160.00"},"任意品牌","=DISPIMG(\"ID_FC255907A50E41CA8A9B9608053CC2C4\",1)"]
[106,"东泽公司","重型订书机","210页简约重型订书机",16,{"$nulls":3},1,{"$nulls":4},1,null,4,3,3,2,null,2,"个",{"v":108,"d":"108.00"},{"v":1728,"d":"1,728.00"},{"v":216,"d":"216.00"},{"v":432,"d":"432.00"},{"v":324,"d":"324.00"},{"v":324,"d":"324.00"},{"v":216,"d":"216.00"},{"v":0,"d":"0.00"},{"v":216,"d":"216.00"},"任意品牌","=DISPIMG(\"ID_42293A8C3D654EFD8FCA920078B3149F\",1)"]
[107,"东泽公司","文件索引纸","A4，五色",196,{"$nulls":8},50,null,60,10,10,50,6,10,"包",{"v":10,"d":"10.00"},{"v":1960,"d":"1,960.00"},{"v":500,"d":"500.00"},{"v":600,"d":"600.00"},{"v":100,"d":"100.00"},{"v":100,"d":"100.00"},{"v":500,"d":"500.00"},{"v":60,"d":"60.00"},{"v":100,"d":"100.00"},"任意品牌","=DISPIMG(\"ID_04FB2A9EB4F04A58B98F30BD143BB3C7\",1)"]
[108,"东泽公司","胶带座","适用宽度≤2cm、1.8cm",34,{"$nulls":8},2,3,15,0,10,0,null,4,"个",{"v":20,"d":"20.00"},{"v":680,"d":"680.00"},{"v":100,"d":"100.00"},{"v":300,"d":"300.00"},{"v":0,"d":"0.00"},{"v":200,"d":"200.00"},{"v":0,"d":"0.00"},{"v":0,"d":"0.00"},{"v":80,"d":"80.00"},"任意品牌","=DISPIMG(\"ID_BD89613B9EEE415E95476F0AF7E7169C\",1)"]
[109,"东泽公司","档案盒脊背标签贴纸","A4,白色3.8厘米，50张一包",38,null,2,{"$nulls":6},3,2,9,10,null,2,5,5,"包",{"v":30,"d":"30.00"},{"v":1140,"d":"1,140.00"},{"v":210,"d":"210.00"},{"v":270,"d":"270.00"},{"v":300,"d":"300.00"},{"v":0,"d":"0.00"},{"v":60,"d":"60.00"},{"v":150,"d":"150.00"},{"v":150,"d":"150.00"},"任意品牌"]
[110,"东泽公司","档案盒脊背标签贴纸","A4,牛皮色2厘米，50张一包",15,{"$nulls":8},3,2,0,0,null,0,5,5,"包",{"v":30,"d":"30.00"},{"v":450,"d":"450.00"},{"v":150,"d":"150.00"},{"v":0,"d":"0.00"},{"v":0,"d":"0.00"},{"v":0,"d":"0.00"},{"v":0,"d":"0.00"},{"v":150,"d":"150.00"},{"v":150,"d":"150.00"},"任意品牌"]
[111,"东泽公司","裁纸机","8004 材质：木质；颜色：原木色300mm*250mm",7,{"$nulls":3},1,{"$nulls":6},5,1,null,0,null,null,"台",{"v":100,"d":"100.00"},{"v":700,"d":"700.00"},{"v":100,"d":"100.00"},{"v":500,"d":"500.00"},{"v":100,"d":"100.00"},{"v":0,"d":"0.00"},{"v":0,"d":"0.00"},{"v":0,"d":"0.00"},{"v":0,"d":"0.00"},"任意品牌"]
[112,"东泽公司","翻页笔","2802专用PPT激光翻页笔/无线演示器课件笔 红光",49,{"$nulls":3},5,{"$nulls":6},4,0,30,0,null,10,"支",{"v":40,"d":"40.00"},{"v":1960,"d":"1,960.00"},{"v":200,"d":"200.00"},{"v":160,"d":"160.00"},{"v":0,"d":"0.00"},{"v":1200,"d":"1,200.00"},{"v":0,"d":"0.00"},{"v":0,"d":"0.00"},{"v":400,"d":"400.00"},"任意品牌"]
[113,"东泽公司","工位牌","挂式（20x12cm)",97,10,5,{"$nulls":3},5,5,null,5,2,5,0,null,20,40,0,"个",{"v":30,"d":"30.00"},{"v":2910,"d":"2,910.00"},{"v":960,"d":"960.00"},{"v":150,"d":"150.00"},{"v":0,"d":"0.00"},{"v":0,"d":"0.00"},{"v":600,"d":"600.00"},{"v":1200,"d":"1,200.00"},{"v":0,"d":"0.00"},"任意品牌","=DISPIMG(\"ID_9CDBB603BCC54BD29FD75A65A5227045\",1)"]
[114,"东泽公司","报刊展示架",null,9,{"$nulls":10},5,0,null,0,null,4,"个",{"v":200,"d":"200.00"},{"v":1800,"d":"1,800.00"},{"v":0,"d":"0.00"},{"v":1000,"d":"1,000.00"},{"v":0,"d":"0.00"},{"v":0,"d":"0.00"},{"v":0,"d":"0.00"},{"v":0,"d":"0.00"},{"v":800,"d":"800.00"},"任意品牌"]
[115,"东泽公司","打孔器","孔径：6mm,单次可打纸张：不少于10张",13,{"$nulls":3},5,{"$nulls":4},1,null,3,3,null,1,null,null,"个",{"v":15,"d":"15.00"},{"v":195,"d":"195.00"},{"v":90,"d":"90.00"},{"v":45,"d":"45.00"},{"v":45,"d":"45.00"},{"v":0,"d":"0.00"},{"v":15,"d":"15.00"},{"v":0,"d":"0.00"},{"v":0,"d":"0.00"},"任意品牌"]
[116,"东泽公司","文具胶带","15mm*40y",125,{"$nulls":3},10,{"$nulls":6},15,50,50,0,null,null,"卷",{"v":1.5,"d":"1.50"},{"v":187.5,"d":"187.50"},{"v":15,"d":"15.00"},{"v":22.5,"d":"22.50"},{"v":75,"d":"75.00"},{"v":75,"d":"75.00"},{"v":0,"d":"0.00"},{"v":0,"d":"0.00"},{"v":0,"d":"0.00"},"任意品牌"]
[117,"东泽公司","钥匙管理箱","72位；钥匙箱带锁；9324#；可固定墙体",7,{"$nulls":10},2,1,2,2,null,null,"个",{"v":250,"d":"250.00"},{"v":1750,"d":"1,750.00"},{"v":0,"d":"0.00"},{"v":500,"d":"500.00"},{"v":250,"d":"250.00"},{"v":500,"d":"500.00"},{"v":500,"d":"500.00"},{"v":0,"d":"0.00"},{"v":0,"d":"0.00"},"任意品牌","=DISPIMG(\"ID_C3A309545FAF43D2B7816D0E9DA75F6F\",1)"]
[118,"东泽公司","资料册","A4/40页",30,null,10,{"$nulls":8},0,10,null,2,4,4,"个",{"v":10,"d":"10.00"},{"v":300,"d":"300.00"},{"v":100,"d":"100.00"},{"v":0,"d":"0.00"},{"v":100,"d":"100.00"},{"v":0,"d":"0.00"},{"v":20,"d":"20.00"},{"v":40,"d":"40.00"},{"v":40,"d":"40.00"},"任意品牌"]
[119,"东泽公司","资料册","A4/80页",18,null,5,{"$nulls":8},0,5,null,1,3,4,"个",{"v":25,"d":"25.00"},{"v":450,"d":"450.00"},{"v":125,"d":"125.00"},{"v":0,"d":"0.00"},{"v":125,"d":"125.00"},{"v":0,"d":"0.00"},{"v":25,"d":"25.00"},{"v":75,"d":"75.00"},{"v":100,"d":"100.00"},"任意品牌"]
[120,"东泽公司","自动号码机","小型手持6位，含印章垫、印油、储墨垫",6,{"$nulls":10},0,0,null,1,1,4,"个",{"v":98,"d":"98.00"},{"v":588,"d":"588.00"},{"v":0,"d":"0.00"},{"v":0,"d":"0.00"},{"v":0,"d":"0.00"},{"v":0,"d":"0.00"},{"v":98,"d":"98.00"},{"v":98,"d":"98.00"},{"v":392,"d":"392.00"},"任意品牌"]
[121,"东泽公司","文书档案装订专用缝纫机","A4纸文件资料线装机 吃厚30页",1,{"$nulls":10},0,0,null,1,null,null,"个",{"v":1600,"d":"1,600.00"},{"v":1600,"d":"1,600.00"},{"v":0,"d":"0.00"},{"v":0,"d":"0.00"},{"v":0,"d":"0.00"},{"v":0,"d":"0.00"},{"v":1600,"d":"1,600.00"},{"v":0,"d":"0.00"},{"v":0,"d":"0.00"},"任意品牌"]
[122,"东泽公司","移动白板","120*240cm，带磁，板面颜色：白色，安装方式：H型支架，类型：支架白板",9,{"$nulls":5},1,{"$nulls":4},6,0,null,2,null,null,"个",{"v":600,"d":"600.00"},{"v":5400,"d":"5,400.00"},{"v":600,"d":"600.00"},{"v":3600,"d":"3,600.00"},{"v":0,"d":"0.00"},{"v":0,"d":"0.00"},{"v":1200,"d":"1,200.00"},{"v":0,"d":"0.00"},{"v":0,"d":"0.00"},"任意品牌"]
[123,"东泽公司","移动白板","150*90cmH型支架式白板， 双面书写可移动升降",9,null,1,{"$nulls":4},1,{"$nulls":3},3,2,null,2,null,null,"个",{"v":400,"d":"400.00"},{"v":3600,"d":"3,600.00"},{"v":800,"d":"800.00"},{"v":1200,"d":"1,200.00"},{"v":800,"d":"800.00"},{"v":0,"d":"0.00"},{"v":800,"d":"800.00"},{"v":0,"d":"0.00"},{"v":0,"d":"0.00"},"任意品牌"]
[124,"东泽公司","白板","33370,120cm*90cm，挂式",5,{"$nulls":10},3,2,null,0,null,null,"个",{"v":120,"d":"120.00"},{"v":600,"d":"600.00"},{"v":0,"d":"0.00"},{"v":360,"d":"360.00"},{"v":240,"d":"240.00"},{"v":0,"d":"0.00"},{"v":0,"d":"0.00"},{"v":0,"d":"0.00"},{"v":0,"d":"0.00"},"任意品牌"]
[125,"东泽公司","彩色装订夹条","21cm，50条/盒，塑料",10,{"$nulls":10},5,5,null,0,null,null,"盒",{"v":8.5,"d":"8.50"},{"v":85,"d":"85.00"},{"v":0,"d":"0.00"},{"v":42.5,"d":"42.50"},{"v":42.5,"d":"42.50"},{"v":0,"d":"0.00"},{"v":0,"d":"0.00"},{"v":0,"d":"0.00"},{"v":0,"d":"0.00"},"任意品牌"]
[126,"东泽公司","全新切纸机\n刀片","适配道顿DC-3206SQ切纸机",0,{"$nulls":10},0,0,null,0,null,null,"片",{"v":180,"d":"180.00"},{"v":0,"d":"0.00"},{"v":0,"d":"0.00"},{"v":0,"d":"0.00"},{"v":0,"d":"0.00"},{"v":0,"d":"0.00"},{"v":0,"d":"0.00"},{"v":0,"d":"0.00"},{"v":0,"d":"0.00"},"任意品牌"]
[127,"东泽公司","留样标签卡","4CM*5CM，400张/包",122,{"$nulls":3},50,{"$nulls":6},12,10,null,0,null,50,"包",{"v":22,"d":"22.00"},{"v":2684,"d":"2,684.00"},{"v":1100,"d":"1,100.00"},{"v":264,"d":"264.00"},{"v":220,"d":"220.00"},{"v":0,"d":"0.00"},{"v":0,"d":"0.00"},{"v":0,"d":"0.00"},{"v":1100,"d":"1,100.00"},"任意品牌","=DISPIMG(\"ID_3FB162D8024E49FEA2B1CA9EB88AA125\",1)"]
[128,"东泽公司","挂钟","14英寸、可看日期",18,{"$nulls":10},9,2,null,2,3,2,"个",{"v":50,"d":"50.00"},{"v":900,"d":"900.00"},{"v":0,"d":"0.00"},{"v":450,"d":"450.00"},{"v":100,"d":"100.00"},{"v":0,"d":"0.00"},{"v":100,"d":"100.00"},{"v":150,"d":"150.00"},{"v":100,"d":"100.00"},"任意品牌","=DISPIMG(\"ID_14E3E5DBE5F44E35ACD76C04F7383C7D\",1)"]
[129,"东泽公司","防水贴纸","号码“1-4”，直径4cm",10,{"$nulls":10},0,0,null,0,null,10,"套",{"v":20,"d":"20.00"},{"v":200,"d":"200.00"},{"v":0,"d":"0.00"},{"v":0,"d":"0.00"},{"v":0,"d":"0.00"},{"v":0,"d":"0.00"},{"v":0,"d":"0.00"},{"v":0,"d":"0.00"},{"v":200,"d":"200.00"},"任意品牌","=DISPIMG(\"ID_CC8E879F1C634E6A9625D087C3AD0C20\",1)"]
[130,"东泽公司","红旗","3号",18,{"$nulls":3},12,{"$nulls":6},0,5,null,1,null,null,"面",16,{"v":288,"d":"288.00"},{"v":192,"d":"192.00"},{"v":0,"d":"0.00"},{"v":80,"d":"80.00"},{"v":0,"d":"0.00"},{"v":16,"d":"16.00"},{"v":0,"d":"0.00"},{"v":0,"d":"0.00"},"任意品牌"]
[131,"东泽公司","国旗","2号 240*160CM ",4,{"$nulls":3},2,{"$nulls":6},1,0,null,1,null,null,"面",35,{"v":140,"d":"140.00"},{"v":70,"d":"70.00"},{"v":35,"d":"35.00"},{"v":0,"d":"0.00"},{"v":0,"d":"0.00"},{"v":35,"d":"35.00"},{"v":0,"d":"0.00"},{"v":0,"d":"0.00"},"任意品牌"]
[132,"东泽公司","红旗","5号",10,{"$nulls":11},10,{"$nulls":4},"面",{"v":15,"d":"15.00"},{"v":150,"d":"150.00"},{"v":0,"d":"0.00"},{"v":0,"d":"0.00"},{"v":150,"d":"150.00"},{"v":0,"d":"0.00"},{"v":0,"d":"0.00"},{"v":0,"d":"0.00"},{"v":0,"d":"0.00"},"任意品牌"]
[133,"东泽公司","名片盒","两格，亚克力",27,{"$nulls":3},20,{"$nulls":6},2,0,null,0,null,5,"个",{"v":10,"d":"10.00"},{"v":270,"d":"270.00"},{"v":200,"d":"200.00"},{"v":20,"d":"20.00"},{"v":0,"d":"0.00"},{"v":0,"d":"0.00"},{"v":0,"d":"0.00"},{"v":0,"d":"0.00"},{"v":50,"d":"50.00"},"任意品牌"]
[134,"东泽公司","投票箱","尺寸41.5*29.5*57CM",4,{"$nulls":8},1,null,2,1,null,0,null,null,"个",{"v":230,"d":"230.00"},{"v":920,"d":"920.00"},{"v":230,"d":"230.00"},{"v":460,"d":"460.00"},{"v":230,"d":"230.00"},{"v":0,"d":"0.00"},{"v":0,"d":"0.00"},{"v":0,"d":"0.00"},{"v":0,"d":"0.00"},"任意品牌"]
[135,"东泽公司","白板擦","白板笔可用",89,null,2,null,10,1,1,1,{"$nulls":3},14,10,30,9,6,5,"个",{"v":4,"d":"4.00"},{"v":356,"d":"356.00"},{"v":60,"d":"60.00"},{"v":56,"d":"56.00"},{"v":40,"d":"40.00"},{"v":120,"d":"120.00"},{"v":36,"d":"36.00"},{"v":24,"d":"24.00"},{"v":20,"d":"20.00"},"任意品牌"]
[136,"东泽公司","打孔塑料装订夹","彩色夹条，50套/盒，规格80mm",4,{"$nulls":10},2,2,null,0,null,null,"盒",{"v":8.5,"d":"8.50"},{"v":34,"d":"34.00"},{"v":0,"d":"0.00"},{"v":17,"d":"17.00"},{"v":17,"d":"17.00"},{"v":0,"d":"0.00"},{"v":0,"d":"0.00"},{"v":0,"d":"0.00"},{"v":0,"d":"0.00"},"任意品牌","=DISPIMG(\"ID_3DE8FD4BEF484297A3B8DF6925DC7B6C\",1)"]
[137,"东泽公司","档案专用油墨（黑色）","号码机页码机打码器档案专用油墨(黑色），速干性，瓶",16,{"$nulls":10},1,0,null,0,null,15,"瓶",6,{"v":96,"d":"96.00"},{"v":0,"d":"0.00"},{"v":6,"d":"6.00"},{"v":0,"d":"0.00"},{"v":0,"d":"0.00"},{"v":0,"d":"0.00"},{"v":0,"d":"0.00"},{"v":90,"d":"90.00"},"任意品牌"]
[138,"东泽公司","电话座机","电话机座机，固定电话，办公家用，来电显示，双接口，免电池",2,{"$nulls":10},0,0,null,2,null,null,"台",100,{"v":200,"d":"200.00"},{"v":0,"d":"0.00"},{"v":0,"d":"0.00"},{"v":0,"d":"0.00"},{"v":0,"d":"0.00"},{"v":200,"d":"200.00"},{"v":0,"d":"0.00"},{"v":0,"d":"0.00"},"任意品牌"]
[139,"东泽公司","双强力文件夹","A4金属双强力夹硬文件夹",571,{"$nulls":3},50,{"$nulls":4},30,null,130,150,150,25,36,null,"个",10,{"v":5710,"d":"5,710.00"},{"v":800,"d":"800.00"},{"v":1300,"d":"1,300.00"},{"v":1500,"d":"1,500.00"},{"v":1500,"d":"1,500.00"},{"v":250,"d":"250.00"},{"v":360,"d":"360.00"},{"v":0,"d":"0.00"},"任意品牌","=DISPIMG(\"ID_12E9389BB3FD463A943F959F8CC9AF85\",1)"]
[140,"东泽公司","桌面旗座","21cmx14cm(8号规格）旗杆高26cm,横面长度30com，含两旗面（国旗、司旗）",29,{"$nulls":10},20,0,5,4,null,null,"个",40,{"v":1160,"d":"1,160.00"},{"v":0,"d":"0.00"},{"v":800,"d":"800.00"},{"v":0,"d":"0.00"},{"v":200,"d":"200.00"},{"v":160,"d":"160.00"},{"v":0,"d":"0.00"},{"v":0,"d":"0.00"},"任意品牌","=DISPIMG(\"ID_A24EDC6F288F431C8A97253F2F2C147F\",1)"]
[141,"东泽公司","台签卡座","会议台牌200*130*3mm",140,{"$nulls":10},80,0,null,30,30,null,"个",7,{"v":980,"d":"980.00"},{"v":0,"d":"0.00"},{"v":560,"d":"560.00"},{"v":0,"d":"0.00"},{"v":0,"d":"0.00"},{"v":210,"d":"210.00"},{"v":210,"d":"210.00"},{"v":0,"d":"0.00"},"任意品牌"]
[142,"东泽公司","票据夹","盘扣式风琴包、A4",5,{"$nulls":10},5,0,null,0,null,null,"个",30,{"v":150,"d":"150.00"},{"v":0,"d":"0.00"},{"v":150,"d":"150.00"},{"v":0,"d":"0.00"},{"v":0,"d":"0.00"},{"v":0,"d":"0.00"},{"v":0,"d":"0.00"},{"v":0,"d":"0.00"},"任意品牌"]
[143,"东泽公司","不干胶标签纸","哑面，A4不干胶打印纸，圆角84枚/张，80张/包",75,{"$nulls":10},23,0,50,1,1,null,"包",30,{"v":2250,"d":"2,250.00"},{"v":0,"d":"0.00"},{"v":690,"d":"690.00"},{"v":0,"d":"0.00"},{"v":1500,"d":"1,500.00"},{"v":30,"d":"30.00"},{"v":30,"d":"30.00"},{"v":0,"d":"0.00"},"任意品牌"]
[144,"东泽公司","不干胶标签纸","哑面，A4不干胶打印纸，圆角21枚/张，50张/包",10,{"$nulls":11},10,{"$nulls":4},"包",20,{"v":200,"d":"200.00"},{"v":0,"d":"0.00"},{"v":0,"d":"0.00"},{"v":200,"d":"200.00"},{"v":0,"d":"0.00"},{"v":0,"d":"0.00"},{"v":0,"d":"0.00"},{"v":0,"d":"0.00"},"任意品牌","=DISPIMG(\"ID_E4F89D13DCB94D398E59D52837092079\",1)"]
[145,"东泽公司","相片纸","A4 230g双面高光照片纸 相片打印纸 50张/盒 11826",13,{"$nulls":10},3,5,5,0,null,null,"盒",30,{"v":390,"d":"390.00"},{"v":0,"d":"0.00"},{"v":90,"d":"90.00"},{"v":150,"d":"150.00"},{"v":150,"d":"150.00"},{"v":0,"d":"0.00"},{"v":0,"d":"0.00"},{"v":0,"d":"0.00"},"任意品牌","=DISPIMG(\"ID_477A554071BE43999C92CEF52E9C92D5\",1)"]
[146,"东泽公司","台历","25.5cm*8cm*21cm",194,15,10,11,{"$nulls":4},6,17,8,40,30,null,2,5,50,"本",10,{"v":1940,"d":"1,940.00"},{"v":670,"d":"670.00"},{"v":400,"d":"400.00"},{"v":300,"d":"300.00"},{"v":0,"d":"0.00"},{"v":20,"d":"20.00"},{"v":50,"d":"50.00"},{"v":500,"d":"500.00"},"任意品牌","=DISPIMG(\"ID_F2C8650BE45E4A08A56FC43EAB38F1F2\",1)"]
[147,"东泽公司","三孔带笔槽杯托+A4垫","杯垫：24*10cm；会议垫：25*33.5cm；材质：pu；定制企业logo",50,{"$nulls":10},20,0,null,30,null,null,"套",90,{"v":4500,"d":"4,500.00"},{"v":0,"d":"0.00"},{"v":1800,"d":"1,800.00"},{"v":0,"d":"0.00"},{"v":0,"d":"0.00"},{"v":2700,"d":"2,700.00"},{"v":0,"d":"0.00"},{"v":0,"d":"0.00"},"任意品牌","=DISPIMG(\"ID_6690C290DC33484388304C129B872449\",1)"]
[148,"东泽公司","钢卷尺","5m；锁定功能",47,{"$nulls":3},2,{"$nulls":6},10,10,null,5,10,10,"只",13,{"v":611,"d":"611.00"},{"v":26,"d":"26.00"},{"v":130,"d":"130.00"},{"v":130,"d":"130.00"},{"v":0,"d":"0.00"},{"v":65,"d":"65.00"},{"v":130,"d":"130.00"},{"v":130,"d":"130.00"},"任意品牌","=DISPIMG(\"ID_43D9E436F9324A29927CADE8AC6F29CB\",1)"]
[149,"东泽公司","修正液",null,37,{"$nulls":7},2,null,3,0,0,null,12,null,20,"只",10,{"v":370,"d":"370.00"},{"v":50,"d":"50.00"},{"v":0,"d":"0.00"},{"v":0,"d":"0.00"},{"v":0,"d":"0.00"},{"v":120,"d":"120.00"},{"v":0,"d":"0.00"},{"v":200,"d":"200.00"},"任意品牌"]
[150,"东泽公司","木板书写板（A3）","横版，平头夹，可插笔，厚度4MM",140,{"$nulls":10},120,0,20,{"$nulls":3},"块",{"v":20,"d":"20.00"},{"v":2800,"d":"2,800.00"},{"v":0,"d":"0.00"},{"v":2400,"d":"2,400.00"},{"v":0,"d":"0.00"},{"v":400,"d":"400.00"},{"v":0,"d":"0.00"},{"v":0,"d":"0.00"},{"v":0,"d":"0.00"},"得力、齐心、晨光","适用于A3纸"]
[151,"东泽公司","木板书写板（A4）","平头夹，可插笔，厚度4MM",220,{"$nulls":10},140,30,50,{"$nulls":3},"块",{"v":7,"d":"7.00"},{"v":1540,"d":"1,540.00"},{"v":0,"d":"0.00"},{"v":980,"d":"980.00"},{"v":210,"d":"210.00"},{"v":350,"d":"350.00"},{"v":0,"d":"0.00"},{"v":0,"d":"0.00"},{"v":0,"d":"0.00"},"得力、齐心、晨光","适用于A4纸"]
[152,"东泽公司","不锈钢钥匙盘","横向，20位钥匙盘",5,{"$nulls":10},5,0,{"$nulls":4},"个",{"v":10,"d":"10.00"},{"v":50,"d":"50.00"},{"v":0,"d":"0.00"},{"v":50,"d":"50.00"},{"v":0,"d":"0.00"},{"v":0,"d":"0.00"},{"v":0,"d":"0.00"},{"v":0,"d":"0.00"},{"v":0,"d":"0.00"},"任意品牌","=DISPIMG(\"ID_CE6809784E4444B19C9BC1D85C99DC04\",1)"]
[153,"东泽公司","双头荧光笔","双头6色，一盒6色",30,{"$nulls":10},10,0,20,{"$nulls":3},"个",{"v":15,"d":"15.00"},{"v":450,"d":"450.00"},{"v":0,"d":"0.00"},{"v":150,"d":"150.00"},{"v":0,"d":"0.00"},{"v":300,"d":"300.00"},{"v":0,"d":"0.00"},{"v":0,"d":"0.00"},{"v":0,"d":"0.00"},"晨光、齐心","=DISPIMG(\"ID_BBFF866A82784A9695FE2A348CA50F1E\",1)"]
[154,"东泽公司","磨砂橡皮","磨砂橡皮擦",21,{"$nulls":11},0,null,11,null,10,"只",{"v":3,"d":"3.00"},{"v":63,"d":"63.00"},{"v":0,"d":"0.00"},{"v":0,"d":"0.00"},{"v":0,"d":"0.00"},{"v":0,"d":"0.00"},{"v":33,"d":"33.00"},{"v":0,"d":"0.00"},{"v":30,"d":"30.00"}]
[155,"东泽公司","工位牌","立式（20*12cm)",10,{"$nulls":11},0,null,10,null,null,"个",{"v":30,"d":"30.00"},{"v":300,"d":"300.00"},{"v":0,"d":"0.00"},{"v":0,"d":"0.00"},{"v":0,"d":"0.00"},{"v":0,"d":"0.00"},{"v":300,"d":"300.00"},{"v":0,"d":"0.00"},{"v":0,"d":"0.00"}]
[156,"东泽公司","台卡","亚克力、立式（A6:150mm*100mm)",10,{"$nulls":11},0,null,10,null,null,"个",{"v":10,"d":"10.00"},{"v":100,"d":"100.00"},{"v":0,"d":"0.00"},{"v":0,"d":"0.00"},{"v":0,"d":"0.00"},{"v":0,"d":"0.00"},{"v":100,"d":"100.00"},{"v":0,"d":"0.00"},{"v":0,"d":"0.00"}]
[157,"东泽公司","台卡","亚克力、立式（A5:210mm*148mm)",5,{"$nulls":11},0,null,5,null,null,"个",{"v":12,"d":"12.00"},{"v":60,"d":"60.00"},{"v":0,"d":"0.00"},{"v":0,"d":"0.00"},{"v":0,"d":"0.00"},{"v":0,"d":"0.00"},{"v":60,"d":"60.00"},{"v":0,"d":"0.00"},{"v":0,"d":"0.00"}]
[158,"东泽公司","台卡","亚克力V型台卡（90mm*60mm*2mm）",30,{"$nulls":11},0,null,30,null,null,"个",{"v":6.5,"d":"6.50"},{"v":195,"d":"195.00"},{"v":0,"d":"0.00"},{"v":0,"d":"0.00"},{"v":0,"d":"0.00"},{"v":0,"d":"0.00"},{"v":195,"d":"195.00"},{"v":0,"d":"0.00"},{"v":0,"d":"0.00"}]
[159,"东泽公司","计算器","带语音商务办公用品店铺用计算机器大号大按键大屏幕",40,{"$nulls":11},0,30,null,null,10,"个",{"v":50,"d":"50.00"},{"v":2000,"d":"2,000.00"},{"$nulls":7},"得力、晨光、吉丽","=DISPIMG(\"ID_40809DDBDAF9480590FD5D7C29C53714\",1)"]
["合计",{"$nulls":22},630098,123722.5,125730.5,107776.5,77919,73215,36249.5,83485]
["交货地址：\n1.广东省东莞市东城街道东城运河路5号；（公司本部）\n2.东莞市东城街道榴花西街19号大业物流园内（第一分公司）\n3.广东省东莞市寮步镇向西旭升路5号1栋（第二分公司）\n4.东莞市沙田镇稔洲山边路103号（第三分公司）\n5.东莞市道滘镇万道路2号华科城创新产业孵化园5栋（第四分公司）\n6.东莞市横沥镇中山东路82号骏业大厦五楼（第五分公司）\n7.东莞市塘厦镇蛟坪大道83A号星河科技园二楼（第六分公司）"]